{"text_format":"3","workbook":"xlsx","n_sheets":1,"sheets":["grid"],"read":"whole","date_system":"1900"}

{"sheet":"grid","index":0,"n_rows":653,"n_cols":15,"rows_kept":653,"merged":[[0,0,0,14],[1,0,1,14],[2,0,3,4],[2,5,3,7],[2,8,3,9],[2,10,3,11],[2,12,3,14]]}
["Отчет по материальным запасам с 01.01.2020 по 01.03.2020"]
["муниципальное бюджетное образовательное учреждение \"Средняя общеобразовательная школа имени С.А Ахтямова села Манзарас\" Кукморского муниципального района Республики Татарстан"]
[{"$nulls":5},"Остаток на начало",null,null,"Оборот Дебет",null,"Оборот Кредит",null,"Остаток на конец"]
[]
["Счет","Наименование МЗ","КВД","Ед. измерения","МОЛ","Цена (средняя)","Количество","Сумма","Количество","Сумма","Количество","Сумма","Цена (средняя)","Количество","Сумма"]
["021",null,"4",null,"Мухаметова Альбина Миннемуловна",{"v":0,"d":"0.00"},{"v":0,"d":"0.0000"},{"v":250,"d":"250.00"},{"v":0,"d":"0.0000"},{"v":0,"d":"0.00"},{"v":0,"d":"0.0000"},{"v":0,"d":"0.00"},{"v":0,"d":"0.00"},{"v":0,"d":"0.0000"},{"v":250,"d":"250.00"}]
["021","DVD Hunday/10.2007г","4","шт","Камалов Ильсур Рашитович",{"v":1700,"d":"1700.00"},{"v":1,"d":"1.0000"},{"v":1700,"d":"1700.00"},{"v":0,"d":"0.0000"},{"v":0,"d":"0.00"},{"v":0,"d":"0.0000"},{"v":0,"d":"0.00"},{"v":1700,"d":"1700.00"},{"v":1,"d":"1.0000"},{"v":1700,"d":"1700.00"}]
["021","Автогородок(дорож.знаки)","4","шт","Камалов Ильсур Рашитович",1637.44,{"v":16,"d":"16.0000"},26199.01,{"v":0,"d":"0.0000"},{"v":0,"d":"0.00"},{"v":0,"d":"0.0000"},{"v":0,"d":"0.00"},1637.44,{"v":16,"d":"16.0000"},26199.01]
["021","Адаптер с программным обеспечением/2013","4","шт","Камалов Ильсур Рашитович",{"v":5900,"d":"5900.00"},{"v":1,"d":"1.0000"},{"v":5900,"d":"5900.00"},{"v":0,"d":"0.0000"},{"v":0,"d":"0.00"},{"v":0,"d":"0.0000"},{"v":0,"d":"0.00"},{"v":5900,"d":"5900.00"},{"v":1,"d":"1.0000"},{"v":5900,"d":"5900.00"}]
["002","Аквадистилятор ДЭ-4-02","4","шт","Камалов Ильсур Рашитович",{"v":12300,"d":"12300.00"},{"v":1,"d":"1.0000"},{"v":12300,"d":"12300.00"},{"v":0,"d":"0.0000"},{"v":0,"d":"0.00"},{"v":0,"d":"0.0000"},{"v":0,"d":"0.00"},{"v":12300,"d":"12300.00"},{"v":1,"d":"1.0000"},{"v":12300,"d":"12300.00"}]
["002","аквариум Панорама","4","шт","Камалов Ильсур Рашитович",{"v":12000,"d":"12000.00"},{"v":2,"d":"2.0000"},{"v":24000,"d":"24000.00"},{"v":0,"d":"0.0000"},{"v":0,"d":"0.00"},{"v":0,"d":"0.0000"},{"v":0,"d":"0.00"},{"v":12000,"d":"12000.00"},{"v":2,"d":"2.0000"},{"v":24000,"d":"24000.00"}]
["10536","амперметр лабор. АЛШ","4","шт","Камалов Ильсур Рашитович",{"v":374,"d":"374.00"},{"v":15,"d":"15.0000"},{"v":5610,"d":"5610.00"},{"v":0,"d":"0.0000"},{"v":0,"d":"0.00"},{"v":0,"d":"0.0000"},{"v":0,"d":"0.00"},{"v":374,"d":"374.00"},{"v":15,"d":"15.0000"},{"v":5610,"d":"5610.00"}]
["10536","ап кастрюля 20л","4","шт","Камалов Ильсур Рашитович",{"v":1053,"d":"1053.00"},{"v":3,"d":"3.0000"},{"v":3159,"d":"3159.00"},{"v":0,"d":"0.0000"},{"v":0,"d":"0.00"},{"v":0,"d":"0.0000"},{"v":0,"d":"0.00"},{"v":1053,"d":"1053.00"},{"v":3,"d":"3.0000"},{"v":3159,"d":"3159.00"}]
["10536","ап кастрюля 45л","4","шт","Камалов Ильсур Рашитович",{"v":2088.6,"d":"2088.60"},{"v":2,"d":"2.0000"},{"v":4177.2,"d":"4177.20"},{"v":0,"d":"0.0000"},{"v":0,"d":"0.00"},{"v":0,"d":"0.0000"},{"v":0,"d":"0.00"},{"v":2088.6,"d":"2088.60"},{"v":2,"d":"2.0000"},{"v":4177.2,"d":"4177.20"}]
["10536","Аптечка медицинская (д.сад)","4","шт","Бадретдинова  Ильзира  Габделнуровна",{"v":250,"d":"250.00"},{"v":3,"d":"3.0000"},{"v":750,"d":"750.00"},{"v":0,"d":"0.0000"},{"v":0,"d":"0.00"},{"v":0,"d":"0.0000"},{"v":0,"d":"0.00"},{"v":250,"d":"250.00"},{"v":3,"d":"3.0000"},{"v":750,"d":"750.00"}]
["10531","Аскорбиновая кислота 1г","4","упак","Камалов Ильсур Рашитович",66.43,{"v":25,"d":"25.0000"},1660.87,{"v":0,"d":"0.0000"},{"v":0,"d":"0.00"},{"v":0,"d":"0.0000"},{"v":0,"d":"0.00"},66.43,{"v":25,"d":"25.0000"},1660.87]
["021","Бак для сыпучих продуктов 20л пластм. (д.сад)","4","шт","Мифтахова  Айгуль  Ильгизаровна",{"v":700,"d":"700.00"},{"v":4,"d":"4.0000"},{"v":2800,"d":"2800.00"},{"v":0,"d":"0.0000"},{"v":0,"d":"0.00"},{"v":0,"d":"0.0000"},{"v":0,"d":"0.00"},{"v":700,"d":"700.00"},{"v":4,"d":"4.0000"},{"v":2800,"d":"2800.00"}]
["10536","Бак п.э 35л крышкой, бирюза (д.сад)","4","шт","Бадретдинова  Ильзира  Габделнуровна",{"v":410,"d":"410.00"},{"v":2,"d":"2.0000"},{"v":820,"d":"820.00"},{"v":0,"d":"0.0000"},{"v":0,"d":"0.00"},{"v":0,"d":"0.0000"},{"v":0,"d":"0.00"},{"v":410,"d":"410.00"},{"v":2,"d":"2.0000"},{"v":820,"d":"820.00"}]
["021","бак п/э 35л с крышкой (д.сад)","4","шт","Мифтахова  Айгуль  Ильгизаровна",{"v":410,"d":"410.00"},{"v":2,"d":"2.0000"},{"v":820,"d":"820.00"},{"v":0,"d":"0.0000"},{"v":0,"d":"0.00"},{"v":0,"d":"0.0000"},{"v":0,"d":"0.00"},{"v":410,"d":"410.00"},{"v":2,"d":"2.0000"},{"v":820,"d":"820.00"}]
["10536","Бак с крышкой 38л","4","шт","Камалов Ильсур Рашитович",{"v":436,"d":"436.00"},{"v":2,"d":"2.0000"},{"v":872,"d":"872.00"},{"v":0,"d":"0.0000"},{"v":0,"d":"0.00"},{"v":0,"d":"0.0000"},{"v":0,"d":"0.00"},{"v":436,"d":"436.00"},{"v":2,"d":"2.0000"},{"v":872,"d":"872.00"}]
["10536","Банер на фасад школы 8,6*5,4м/2017","4","шт","Камалов Ильсур Рашитович",{"v":15000,"d":"15000.00"},{"v":1,"d":"1.0000"},{"v":15000,"d":"15000.00"},{"v":0,"d":"0.0000"},{"v":0,"d":"0.00"},{"v":0,"d":"0.0000"},{"v":0,"d":"0.00"},{"v":15000,"d":"15000.00"},{"v":1,"d":"1.0000"},{"v":15000,"d":"15000.00"}]
["10536","Банер на фасад школы/2018","4","шт","Камалов Ильсур Рашитович",{"v":4740,"d":"4740.00"},{"v":1,"d":"1.0000"},{"v":4740,"d":"4740.00"},{"v":0,"d":"0.0000"},{"v":0,"d":"0.00"},{"v":0,"d":"0.0000"},{"v":0,"d":"0.00"},{"v":4740,"d":"4740.00"},{"v":1,"d":"1.0000"},{"v":4740,"d":"4740.00"}]
["10536","Баннер 4000*700 мм/2018","4","шт","Камалов Ильсур Рашитович",{"v":1500,"d":"1500.00"},{"v":1,"d":"1.0000"},{"v":1500,"d":"1500.00"},{"v":0,"d":"0.0000"},{"v":0,"d":"0.00"},{"v":0,"d":"0.0000"},{"v":0,"d":"0.00"},{"v":1500,"d":"1500.00"},{"v":1,"d":"1.0000"},{"v":1500,"d":"1500.00"}]
["10536","Баннер на фасад школы 8,6*5,4м/2017","4","шт","Камалов Ильсур Рашитович",{"v":8260,"d":"8260.00"},{"v":1,"d":"1.0000"},{"v":8260,"d":"8260.00"},{"v":0,"d":"0.0000"},{"v":0,"d":"0.00"},{"v":0,"d":"0.0000"},{"v":0,"d":"0.00"},{"v":8260,"d":"8260.00"},{"v":1,"d":"1.0000"},{"v":8260,"d":"8260.00"}]
["021","баскетбольный мяч","4","шт","Камалов Ильсур Рашитович",{"v":395,"d":"395.00"},{"v":6,"d":"6.0000"},{"v":2370,"d":"2370.00"},{"v":0,"d":"0.0000"},{"v":0,"d":"0.00"},{"v":0,"d":"0.0000"},{"v":0,"d":"0.00"},{"v":395,"d":"395.00"},{"v":6,"d":"6.0000"},{"v":2370,"d":"2370.00"}]
["10536","ББП-30 1-источн.бесперебойн.питания 12В,расшир.диапазон вх.напряж.","4","шт","Камалов Ильсур Рашитович",{"v":990,"d":"990.00"},{"v":1,"d":"1.0000"},{"v":990,"d":"990.00"},{"v":0,"d":"0.0000"},{"v":0,"d":"0.00"},{"v":0,"d":"0.0000"},{"v":0,"d":"0.00"},{"v":990,"d":"990.00"},{"v":1,"d":"1.0000"},{"v":990,"d":"990.00"}]
["10536","Бейджик (д.сад)","4","шт","Бадретдинова  Ильзира  Габделнуровна",{"v":80,"d":"80.00"},{"v":3,"d":"3.0000"},{"v":240,"d":"240.00"},{"v":0,"d":"0.0000"},{"v":0,"d":"0.00"},{"v":0,"d":"0.0000"},{"v":0,"d":"0.00"},{"v":80,"d":"80.00"},{"v":3,"d":"3.0000"},{"v":240,"d":"240.00"}]
["10536","Белизна 1л","2","шт","Камалов Ильсур Рашитович",{"v":34,"d":"34.00"},{"v":12,"d":"12.0000"},{"v":408,"d":"408.00"},{"v":0,"d":"0.0000"},{"v":0,"d":"0.00"},{"v":0,"d":"0.0000"},{"v":0,"d":"0.00"},{"v":34,"d":"34.00"},{"v":12,"d":"12.0000"},{"v":408,"d":"408.00"}]
["10536","Белизна гель Санфор 700мл","2","шт","Камалов Ильсур Рашитович",{"v":104,"d":"104.00"},{"v":12,"d":"12.0000"},{"v":1248,"d":"1248.00"},{"v":0,"d":"0.0000"},{"v":0,"d":"0.00"},{"v":0,"d":"0.0000"},{"v":0,"d":"0.00"},{"v":104,"d":"104.00"},{"v":12,"d":"12.0000"},{"v":1248,"d":"1248.00"}]
["021","Беседка 15кв.м (д.сад)","4","шт","Аскарова  Альфия  Хурматулловна",{"v":500,"d":"500.00"},{"v":2,"d":"2.0000"},{"v":1000,"d":"1000.00"},{"v":0,"d":"0.0000"},{"v":0,"d":"0.00"},{"v":0,"d":"0.0000"},{"v":0,"d":"0.00"},{"v":500,"d":"500.00"},{"v":2,"d":"2.0000"},{"v":1000,"d":"1000.00"}]
["021","Бойлер \"Атлантик\" 100л (д.сад)","4","шт","Мифтахова  Айгуль  Ильгизаровна",{"v":0,"d":"0.00"},{"v":1,"d":"1.0000"},{"v":0,"d":"0.00"},{"v":0,"d":"0.0000"},{"v":0,"d":"0.00"},{"v":0,"d":"0.0000"},{"v":0,"d":"0.00"},{"v":0,"d":"0.00"},{"v":1,"d":"1.0000"},{"v":0,"d":"0.00"}]
["021","Бойлер \"Атлантик\" 50л (д.сад)","4","шт","Мифтахова  Айгуль  Ильгизаровна",{"v":0,"d":"0.00"},{"v":2,"d":"2.0000"},{"v":0,"d":"0.00"},{"v":0,"d":"0.0000"},{"v":0,"d":"0.00"},{"v":0,"d":"0.0000"},{"v":0,"d":"0.00"},{"v":0,"d":"0.00"},{"v":2,"d":"2.0000"},{"v":0,"d":"0.00"}]
["10536","борометр анероид","4","шт","Камалов Ильсур Рашитович",{"v":735,"d":"735.00"},{"v":1,"d":"1.0000"},{"v":735,"d":"735.00"},{"v":0,"d":"0.0000"},{"v":0,"d":"0.00"},{"v":0,"d":"0.0000"},{"v":0,"d":"0.00"},{"v":735,"d":"735.00"},{"v":1,"d":"1.0000"},{"v":735,"d":"735.00"}]
["10536","Бочка 50л.Бел","4","шт","Камалов Ильсур Рашитович",{"v":494,"d":"494.00"},{"v":1,"d":"1.0000"},{"v":494,"d":"494.00"},{"v":0,"d":"0.0000"},{"v":0,"d":"0.00"},{"v":0,"d":"0.0000"},{"v":0,"d":"0.00"},{"v":494,"d":"494.00"},{"v":1,"d":"1.0000"},{"v":494,"d":"494.00"}]
["021","Ванна взрослая (д.сад)","4","шт","Мифтахова  Айгуль  Ильгизаровна",{"v":0,"d":"0.00"},{"v":1,"d":"1.0000"},{"v":0,"d":"0.00"},{"v":0,"d":"0.0000"},{"v":0,"d":"0.00"},{"v":0,"d":"0.0000"},{"v":0,"d":"0.00"},{"v":0,"d":"0.00"},{"v":1,"d":"1.0000"},{"v":0,"d":"0.00"}]
["021","Ванна моечная 1 секц./10.2007г","4","шт","Камалов Ильсур Рашитович",{"v":1680,"d":"1680.00"},{"v":14,"d":"14.0000"},{"v":23520,"d":"23520.00"},{"v":0,"d":"0.0000"},{"v":0,"d":"0.00"},{"v":0,"d":"0.0000"},{"v":0,"d":"0.00"},{"v":1680,"d":"1680.00"},{"v":14,"d":"14.0000"},{"v":23520,"d":"23520.00"}]
["021","Ванна моечная/10.2007г","4","шт","Камалов Ильсур Рашитович",{"v":2641,"d":"2641.00"},{"v":4,"d":"4.0000"},{"v":10564,"d":"10564.00"},{"v":0,"d":"0.0000"},{"v":0,"d":"0.00"},{"v":0,"d":"0.0000"},{"v":0,"d":"0.00"},{"v":2641,"d":"2641.00"},{"v":4,"d":"4.0000"},{"v":10564,"d":"10564.00"}]
["10536","Ванночка детская (д.сад)","4","шт","Бадретдинова  Ильзира  Габделнуровна",{"v":243,"d":"243.00"},{"v":1,"d":"1.0000"},{"v":243,"d":"243.00"},{"v":0,"d":"0.0000"},{"v":0,"d":"0.00"},{"v":0,"d":"0.0000"},{"v":0,"d":"0.00"},{"v":243,"d":"243.00"},{"v":1,"d":"1.0000"},{"v":243,"d":"243.00"}]
["10536","Ведро 10л пласт цвет с мерной шк крышка/2018","4","шт","Камалов Ильсур Рашитович",{"v":155,"d":"155.00"},{"v":5,"d":"5.0000"},{"v":775,"d":"775.00"},{"v":0,"d":"0.0000"},{"v":0,"d":"0.00"},{"v":0,"d":"0.0000"},{"v":0,"d":"0.00"},{"v":155,"d":"155.00"},{"v":5,"d":"5.0000"},{"v":775,"d":"775.00"}]
["021","Ведро д/круп 20л (д.сад)","4","шт","Мифтахова  Айгуль  Ильгизаровна",{"v":0,"d":"0.00"},{"v":8,"d":"8.0000"},{"v":0,"d":"0.00"},{"v":0,"d":"0.0000"},{"v":0,"d":"0.00"},{"v":0,"d":"0.0000"},{"v":0,"d":"0.00"},{"v":0,"d":"0.00"},{"v":8,"d":"8.0000"},{"v":0,"d":"0.00"}]
["021","Ведро д/мусора (сетка) (д.сад)","4","шт","Мифтахова  Айгуль  Ильгизаровна",{"v":0,"d":"0.00"},{"v":5,"d":"5.0000"},{"v":0,"d":"0.00"},{"v":0,"d":"0.0000"},{"v":0,"d":"0.00"},{"v":0,"d":"0.0000"},{"v":0,"d":"0.00"},{"v":0,"d":"0.00"},{"v":5,"d":"5.0000"},{"v":0,"d":"0.00"}]
["021","Ведро д/отходов (д.сад)","4","шт","Мифтахова  Айгуль  Ильгизаровна",{"v":0,"d":"0.00"},{"v":2,"d":"2.0000"},{"v":0,"d":"0.00"},{"v":0,"d":"0.0000"},{"v":0,"d":"0.00"},{"v":0,"d":"0.0000"},{"v":0,"d":"0.00"},{"v":0,"d":"0.00"},{"v":2,"d":"2.0000"},{"v":0,"d":"0.00"}]
["021","Ведро п/э 10л черное (д.сад)","4","шт","Мифтахова  Айгуль  Ильгизаровна",{"v":50,"d":"50.00"},{"v":6,"d":"6.0000"},{"v":300,"d":"300.00"},{"v":0,"d":"0.0000"},{"v":0,"d":"0.00"},{"v":0,"d":"0.0000"},{"v":0,"d":"0.00"},{"v":50,"d":"50.00"},{"v":6,"d":"6.0000"},{"v":300,"d":"300.00"}]
["10536","Ведро с педалью (д.сад)","4","шт","Бадретдинова  Ильзира  Габделнуровна",{"v":450,"d":"450.00"},{"v":1,"d":"1.0000"},{"v":450,"d":"450.00"},{"v":0,"d":"0.0000"},{"v":0,"d":"0.00"},{"v":0,"d":"0.0000"},{"v":0,"d":"0.00"},{"v":450,"d":"450.00"},{"v":1,"d":"1.0000"},{"v":450,"d":"450.00"}]
["021","Ведро эмал. 12л с крыш (д.сад)","4","шт","Мифтахова  Айгуль  Ильгизаровна",{"v":494,"d":"494.00"},{"v":4,"d":"4.0000"},{"v":1976,"d":"1976.00"},{"v":0,"d":"0.0000"},{"v":0,"d":"0.00"},{"v":0,"d":"0.0000"},{"v":0,"d":"0.00"},{"v":494,"d":"494.00"},{"v":4,"d":"4.0000"},{"v":1976,"d":"1976.00"}]
["021","Весы (напольные) всп-4 (д.сад)","4","шт","Мифтахова  Айгуль  Ильгизаровна",{"v":700,"d":"700.00"},{"v":1,"d":"1.0000"},{"v":700,"d":"700.00"},{"v":0,"d":"0.0000"},{"v":0,"d":"0.00"},{"v":0,"d":"0.0000"},{"v":0,"d":"0.00"},{"v":700,"d":"700.00"},{"v":1,"d":"1.0000"},{"v":700,"d":"700.00"}]
["021","Весы РН 3Ц13У/10.2007г","4","шт","Камалов Ильсур Рашитович",{"v":2905,"d":"2905.00"},{"v":2,"d":"2.0000"},{"v":5810,"d":"5810.00"},{"v":0,"d":"0.0000"},{"v":0,"d":"0.00"},{"v":0,"d":"0.0000"},{"v":0,"d":"0.00"},{"v":2905,"d":"2905.00"},{"v":2,"d":"2.0000"},{"v":5810,"d":"5810.00"}]
["021","Весы РН 6Ц13У/10.2007г","4","шт","Камалов Ильсур Рашитович",{"v":2905,"d":"2905.00"},{"v":1,"d":"1.0000"},{"v":2905,"d":"2905.00"},{"v":0,"d":"0.0000"},{"v":0,"d":"0.00"},{"v":0,"d":"0.0000"},{"v":0,"d":"0.00"},{"v":2905,"d":"2905.00"},{"v":1,"d":"1.0000"},{"v":2905,"d":"2905.00"}]
["10536","Весы с чашей 5кг (д.сад)","4","шт","Бадретдинова  Ильзира  Габделнуровна",{"v":350,"d":"350.00"},{"v":1,"d":"1.0000"},{"v":350,"d":"350.00"},{"v":0,"d":"0.0000"},{"v":0,"d":"0.00"},{"v":0,"d":"0.0000"},{"v":0,"d":"0.00"},{"v":350,"d":"350.00"},{"v":1,"d":"1.0000"},{"v":350,"d":"350.00"}]
["10536","весы учеб. до 200гр. №25/9б","4","шт","Камалов Ильсур Рашитович",{"v":927,"d":"927.00"},{"v":10,"d":"10.0000"},{"v":9270,"d":"9270.00"},{"v":0,"d":"0.0000"},{"v":0,"d":"0.00"},{"v":0,"d":"0.0000"},{"v":0,"d":"0.00"},{"v":927,"d":"927.00"},{"v":10,"d":"10.0000"},{"v":9270,"d":"9270.00"}]
["021","Весы учебн.лабор./11.2007г","4","шт","Камалов Ильсур Рашитович",{"v":1189,"d":"1189.00"},{"v":8,"d":"8.0000"},{"v":9512,"d":"9512.00"},{"v":0,"d":"0.0000"},{"v":0,"d":"0.00"},{"v":0,"d":"0.0000"},{"v":0,"d":"0.00"},{"v":1189,"d":"1189.00"},{"v":8,"d":"8.0000"},{"v":9512,"d":"9512.00"}]
["021","Весы учебн.с гирями/2013","4","шт","Камалов Ильсур Рашитович",{"v":1500,"d":"1500.00"},{"v":1,"d":"1.0000"},{"v":1500,"d":"1500.00"},{"v":0,"d":"0.0000"},{"v":0,"d":"0.00"},{"v":0,"d":"0.0000"},{"v":0,"d":"0.00"},{"v":1500,"d":"1500.00"},{"v":1,"d":"1.0000"},{"v":1500,"d":"1500.00"}]
["021","Вешалка (д.сад)","4","шт","Мифтахова  Айгуль  Ильгизаровна",{"v":890,"d":"890.00"},{"v":1,"d":"1.0000"},{"v":890,"d":"890.00"},{"v":0,"d":"0.0000"},{"v":0,"d":"0.00"},{"v":0,"d":"0.0000"},{"v":0,"d":"0.00"},{"v":890,"d":"890.00"},{"v":1,"d":"1.0000"},{"v":890,"d":"890.00"}]
["021","Вешалка настенная/10.2007г","4","шт","Камалов Ильсур Рашитович",{"v":1500,"d":"1500.00"},{"v":4,"d":"4.0000"},{"v":6000,"d":"6000.00"},{"v":0,"d":"0.0000"},{"v":0,"d":"0.00"},{"v":0,"d":"0.0000"},{"v":0,"d":"0.00"},{"v":1500,"d":"1500.00"},{"v":4,"d":"4.0000"},{"v":6000,"d":"6000.00"}]
["10536","Вилки/2018","4","шт","Камалов Ильсур Рашитович",{"v":60,"d":"60.00"},{"v":200,"d":"200.0000"},{"v":12000,"d":"12000.00"},{"v":0,"d":"0.0000"},{"v":0,"d":"0.00"},{"v":0,"d":"0.0000"},{"v":0,"d":"0.00"},{"v":60,"d":"60.00"},{"v":200,"d":"200.0000"},{"v":12000,"d":"12000.00"}]
["10536","Вилки/2019","4","шт","Камалов Ильсур Рашитович",{"v":60,"d":"60.00"},{"v":200,"d":"200.0000"},{"v":12000,"d":"12000.00"},{"v":0,"d":"0.0000"},{"v":0,"d":"0.00"},{"v":0,"d":"0.0000"},{"v":0,"d":"0.00"},{"v":60,"d":"60.00"},{"v":200,"d":"200.0000"},{"v":12000,"d":"12000.00"}]
["021","Винтовка пневматичес.МР-512-22№105120069","4","шт","Шафигуллин И.К.",{"v":2950,"d":"2950.00"},{"v":1,"d":"1.0000"},{"v":2950,"d":"2950.00"},{"v":0,"d":"0.0000"},{"v":0,"d":"0.00"},{"v":0,"d":"0.0000"},{"v":0,"d":"0.00"},{"v":2950,"d":"2950.00"},{"v":1,"d":"1.0000"},{"v":2950,"d":"2950.00"}]
["021","Витрина угловая 920*800*800","4","шт","Камалов Ильсур Рашитович",2554.95,{"v":1,"d":"1.0000"},2554.95,{"v":0,"d":"0.0000"},{"v":0,"d":"0.00"},{"v":0,"d":"0.0000"},{"v":0,"d":"0.00"},2554.95,{"v":1,"d":"1.0000"},2554.95]
["002","водомер","4","шт","Камалов Ильсур Рашитович",{"v":4820,"d":"4820.00"},{"v":3,"d":"3.0000"},{"v":14460,"d":"14460.00"},{"v":0,"d":"0.0000"},{"v":0,"d":"0.00"},{"v":0,"d":"0.0000"},{"v":0,"d":"0.00"},{"v":4820,"d":"4820.00"},{"v":3,"d":"3.0000"},{"v":14460,"d":"14460.00"}]
["10536","вольтметр лабор. АЛШ","4","шт","Камалов Ильсур Рашитович",{"v":374,"d":"374.00"},{"v":15,"d":"15.0000"},{"v":5610,"d":"5610.00"},{"v":0,"d":"0.0000"},{"v":0,"d":"0.00"},{"v":0,"d":"0.0000"},{"v":0,"d":"0.00"},{"v":374,"d":"374.00"},{"v":15,"d":"15.0000"},{"v":5610,"d":"5610.00"}]
["10536","Газодымозащитный комплект ГДЗК","4","шт","Камалов Ильсур Рашитович",{"v":5000,"d":"5000.00"},{"v":1,"d":"1.0000"},{"v":5000,"d":"5000.00"},{"v":0,"d":"0.0000"},{"v":0,"d":"0.00"},{"v":0,"d":"0.0000"},{"v":0,"d":"0.00"},{"v":5000,"d":"5000.00"},{"v":1,"d":"1.0000"},{"v":5000,"d":"5000.00"}]
["10536","гербарий по биологии № 20/9б","4","шт","Камалов Ильсур Рашитович",1817.57,{"v":8,"d":"8.0000"},14540.57,{"v":0,"d":"0.0000"},{"v":0,"d":"0.00"},{"v":0,"d":"0.0000"},{"v":0,"d":"0.00"},1817.57,{"v":8,"d":"8.0000"},14540.57]
["021","гимнастический мат","4","шт","Камалов Ильсур Рашитович",{"v":1756,"d":"1756.00"},{"v":8,"d":"8.0000"},{"v":14048,"d":"14048.00"},{"v":0,"d":"0.0000"},{"v":0,"d":"0.00"},{"v":0,"d":"0.0000"},{"v":0,"d":"0.00"},{"v":1756,"d":"1756.00"},{"v":8,"d":"8.0000"},{"v":14048,"d":"14048.00"}]
["10536","глобус","4","шт","Камалов Ильсур Рашитович",351.43,{"v":3,"d":"3.0000"},1054.28,{"v":0,"d":"0.0000"},{"v":0,"d":"0.00"},{"v":0,"d":"0.0000"},{"v":0,"d":"0.00"},351.43,{"v":3,"d":"3.0000"},1054.28]
["021","Глобус физический/2013","4","шт","Камалов Ильсур Рашитович",1109.88,{"v":1,"d":"1.0000"},1109.88,{"v":0,"d":"0.0000"},{"v":0,"d":"0.00"},{"v":0,"d":"0.0000"},{"v":0,"d":"0.00"},1109.88,{"v":1,"d":"1.0000"},1109.88]
["021","Горшок дет.пластик (д.сад)","4","шт","Мифтахова  Айгуль  Ильгизаровна",{"v":45,"d":"45.00"},{"v":2,"d":"2.0000"},{"v":90,"d":"90.00"},{"v":0,"d":"0.0000"},{"v":0,"d":"0.00"},{"v":0,"d":"0.0000"},{"v":0,"d":"0.00"},{"v":45,"d":"45.00"},{"v":2,"d":"2.0000"},{"v":90,"d":"90.00"}]
["10536","Горшок детск. с крышкой (д.сад)","4","шт","Бадретдинова  Ильзира  Габделнуровна",{"v":45,"d":"45.00"},{"v":10,"d":"10.0000"},{"v":450,"d":"450.00"},{"v":0,"d":"0.0000"},{"v":0,"d":"0.00"},{"v":0,"d":"0.0000"},{"v":0,"d":"0.00"},{"v":45,"d":"45.00"},{"v":10,"d":"10.0000"},{"v":450,"d":"450.00"}]
["10536","Горшок цветочный (д.сад)","4","шт","Бадретдинова  Ильзира  Габделнуровна",{"v":40,"d":"40.00"},{"v":28,"d":"28.0000"},{"v":1120,"d":"1120.00"},{"v":0,"d":"0.0000"},{"v":0,"d":"0.00"},{"v":0,"d":"0.0000"},{"v":0,"d":"0.00"},{"v":40,"d":"40.00"},{"v":28,"d":"28.0000"},{"v":1120,"d":"1120.00"}]
["021","Грабли 12 зубцов прямые (д.сад)","4","шт","Мифтахова  Айгуль  Ильгизаровна",{"v":65,"d":"65.00"},{"v":5,"d":"5.0000"},{"v":325,"d":"325.00"},{"v":0,"d":"0.0000"},{"v":0,"d":"0.00"},{"v":0,"d":"0.0000"},{"v":0,"d":"0.00"},{"v":65,"d":"65.00"},{"v":5,"d":"5.0000"},{"v":325,"d":"325.00"}]
["10536","Грелка (д.сад)","4","шт","Бадретдинова  Ильзира  Габделнуровна",{"v":130,"d":"130.00"},{"v":2,"d":"2.0000"},{"v":260,"d":"260.00"},{"v":0,"d":"0.0000"},{"v":0,"d":"0.00"},{"v":0,"d":"0.0000"},{"v":0,"d":"0.00"},{"v":130,"d":"130.00"},{"v":2,"d":"2.0000"},{"v":260,"d":"260.00"}]
["10536","груз наборный на 1кг.","4","шт","Камалов Ильсур Рашитович",{"v":903,"d":"903.00"},{"v":1,"d":"1.0000"},{"v":903,"d":"903.00"},{"v":0,"d":"0.0000"},{"v":0,"d":"0.00"},{"v":0,"d":"0.0000"},{"v":0,"d":"0.00"},{"v":903,"d":"903.00"},{"v":1,"d":"1.0000"},{"v":903,"d":"903.00"}]
["002","Грязевик","4","шт","Камалов Ильсур Рашитович",{"v":36800,"d":"36800.00"},{"v":1,"d":"1.0000"},{"v":36800,"d":"36800.00"},{"v":0,"d":"0.0000"},{"v":0,"d":"0.00"},{"v":0,"d":"0.0000"},{"v":0,"d":"0.00"},{"v":36800,"d":"36800.00"},{"v":1,"d":"1.0000"},{"v":36800,"d":"36800.00"}]
["021","Датчик атмосфераного давления/2013","4","шт","Камалов Ильсур Рашитович",{"v":5800,"d":"5800.00"},{"v":1,"d":"1.0000"},{"v":5800,"d":"5800.00"},{"v":0,"d":"0.0000"},{"v":0,"d":"0.00"},{"v":0,"d":"0.0000"},{"v":0,"d":"0.00"},{"v":5800,"d":"5800.00"},{"v":1,"d":"1.0000"},{"v":5800,"d":"5800.00"}]
["10536","датчик темпер.","4","шт","Камалов Ильсур Рашитович",600.01,{"v":1,"d":"1.0000"},600.01,{"v":0,"d":"0.0000"},{"v":0,"d":"0.00"},{"v":0,"d":"0.0000"},{"v":0,"d":"0.00"},600.01,{"v":1,"d":"1.0000"},600.01]
["021","Датчик температуры поверхности/2013","4","шт","Камалов Ильсур Рашитович",{"v":3300,"d":"3300.00"},{"v":1,"d":"1.0000"},{"v":3300,"d":"3300.00"},{"v":0,"d":"0.0000"},{"v":0,"d":"0.00"},{"v":0,"d":"0.0000"},{"v":0,"d":"0.00"},{"v":3300,"d":"3300.00"},{"v":1,"d":"1.0000"},{"v":3300,"d":"3300.00"}]
["10536","дверь решетчатая 1,7*1,7м2","4","шт","Камалов Ильсур Рашитович",{"v":8294,"d":"8294.00"},{"v":1,"d":"1.0000"},{"v":8294,"d":"8294.00"},{"v":0,"d":"0.0000"},{"v":0,"d":"0.00"},{"v":0,"d":"0.0000"},{"v":0,"d":"0.00"},{"v":8294,"d":"8294.00"},{"v":1,"d":"1.0000"},{"v":8294,"d":"8294.00"}]
["10536","дверь решетчатая 2,12*1,05м2","4","шт","Камалов Ильсур Рашитович",{"v":6706,"d":"6706.00"},{"v":1,"d":"1.0000"},{"v":6706,"d":"6706.00"},{"v":0,"d":"0.0000"},{"v":0,"d":"0.00"},{"v":0,"d":"0.0000"},{"v":0,"d":"0.00"},{"v":6706,"d":"6706.00"},{"v":1,"d":"1.0000"},{"v":6706,"d":"6706.00"}]
["001","Дерево береза (д.сад)","4","шт","Аскарова  Альфия  Хурматулловна",{"v":30,"d":"30.00"},{"v":2,"d":"2.0000"},{"v":60,"d":"60.00"},{"v":0,"d":"0.0000"},{"v":0,"d":"0.00"},{"v":0,"d":"0.0000"},{"v":0,"d":"0.00"},{"v":30,"d":"30.00"},{"v":2,"d":"2.0000"},{"v":60,"d":"60.00"}]
["001","Дерево вишни (д.сад)","4","шт","Аскарова  Альфия  Хурматулловна",{"v":50,"d":"50.00"},{"v":13,"d":"13.0000"},{"v":650,"d":"650.00"},{"v":0,"d":"0.0000"},{"v":0,"d":"0.00"},{"v":0,"d":"0.0000"},{"v":0,"d":"0.00"},{"v":50,"d":"50.00"},{"v":13,"d":"13.0000"},{"v":650,"d":"650.00"}]
["021","Держатель д/туал. бумаги (д.сад)","4","шт","Мифтахова  Айгуль  Ильгизаровна",{"v":0,"d":"0.00"},{"v":3,"d":"3.0000"},{"v":0,"d":"0.00"},{"v":0,"d":"0.0000"},{"v":0,"d":"0.00"},{"v":0,"d":"0.0000"},{"v":0,"d":"0.00"},{"v":0,"d":"0.00"},{"v":3,"d":"3.0000"},{"v":0,"d":"0.00"}]
["021","Динамометр демонстрац.каб.физ./11.2007г","4","шт","Камалов Ильсур Рашитович",{"v":1973,"d":"1973.00"},{"v":1,"d":"1.0000"},{"v":1973,"d":"1973.00"},{"v":0,"d":"0.0000"},{"v":0,"d":"0.00"},{"v":0,"d":"0.0000"},{"v":0,"d":"0.00"},{"v":1973,"d":"1973.00"},{"v":1,"d":"1.0000"},{"v":1973,"d":"1973.00"}]
["10536","динамометр лабор.","4","шт","Камалов Ильсур Рашитович",{"v":179,"d":"179.00"},{"v":15,"d":"15.0000"},{"v":2685,"d":"2685.00"},{"v":0,"d":"0.0000"},{"v":0,"d":"0.00"},{"v":0,"d":"0.0000"},{"v":0,"d":"0.00"},{"v":179,"d":"179.00"},{"v":15,"d":"15.0000"},{"v":2685,"d":"2685.00"}]
["10536","Доводчик дверей 45-65кг","4","шт","Камалов Ильсур Рашитович",{"v":828,"d":"828.00"},{"v":8,"d":"8.0000"},{"v":6624,"d":"6624.00"},{"v":0,"d":"0.0000"},{"v":0,"d":"0.00"},{"v":0,"d":"0.0000"},{"v":0,"d":"0.00"},{"v":828,"d":"828.00"},{"v":8,"d":"8.0000"},{"v":6624,"d":"6624.00"}]
["021","Дорожка ковровая 1,5м (д.сад)","4","шт","Мифтахова  Айгуль  Ильгизаровна",{"v":500,"d":"500.00"},{"v":40,"d":"40.0000"},20000.06,{"v":0,"d":"0.0000"},{"v":0,"d":"0.00"},{"v":0,"d":"0.0000"},{"v":0,"d":"0.00"},{"v":500,"d":"500.00"},{"v":40,"d":"40.0000"},20000.06]
["10536","Дорожный знак \"Силуэты Девочка\"/2017","4","шт","Камалов Ильсур Рашитович",{"v":3700,"d":"3700.00"},{"v":1,"d":"1.0000"},{"v":3700,"d":"3700.00"},{"v":0,"d":"0.0000"},{"v":0,"d":"0.00"},{"v":0,"d":"0.0000"},{"v":0,"d":"0.00"},{"v":3700,"d":"3700.00"},{"v":1,"d":"1.0000"},{"v":3700,"d":"3700.00"}]
["10536","Дорожный знак \"Силуэты Мальчик\"/2017","4","шт","Камалов Ильсур Рашитович",{"v":3700,"d":"3700.00"},{"v":1,"d":"1.0000"},{"v":3700,"d":"3700.00"},{"v":0,"d":"0.0000"},{"v":0,"d":"0.00"},{"v":0,"d":"0.0000"},{"v":0,"d":"0.00"},{"v":3700,"d":"3700.00"},{"v":1,"d":"1.0000"},{"v":3700,"d":"3700.00"}]
["021","Доска гладильная (д.сад)","4","шт","Мифтахова  Айгуль  Ильгизаровна",{"v":780,"d":"780.00"},{"v":1,"d":"1.0000"},{"v":780,"d":"780.00"},{"v":0,"d":"0.0000"},{"v":0,"d":"0.00"},{"v":0,"d":"0.0000"},{"v":0,"d":"0.00"},{"v":780,"d":"780.00"},{"v":1,"d":"1.0000"},{"v":780,"d":"780.00"}]
["021","Доска гладильная/10.2007г","4","шт","Камалов Ильсур Рашитович",{"v":1600,"d":"1600.00"},{"v":2,"d":"2.0000"},{"v":3200,"d":"3200.00"},{"v":0,"d":"0.0000"},{"v":0,"d":"0.00"},{"v":0,"d":"0.0000"},{"v":0,"d":"0.00"},{"v":1600,"d":"1600.00"},{"v":2,"d":"2.0000"},{"v":3200,"d":"3200.00"}]
["10536","Доска разделочная 30*40 (д.сад)","4","шт","Бадретдинова  Ильзира  Габделнуровна",{"v":70,"d":"70.00"},{"v":8,"d":"8.0000"},{"v":560,"d":"560.00"},{"v":0,"d":"0.0000"},{"v":0,"d":"0.00"},{"v":0,"d":"0.0000"},{"v":0,"d":"0.00"},{"v":70,"d":"70.00"},{"v":8,"d":"8.0000"},{"v":560,"d":"560.00"}]
["10536","Дуршлаг 20см алюм. 1,5л (д.сад)","4","шт","Бадретдинова  Ильзира  Габделнуровна",{"v":150,"d":"150.00"},{"v":2,"d":"2.0000"},{"v":300,"d":"300.00"},{"v":0,"d":"0.0000"},{"v":0,"d":"0.00"},{"v":0,"d":"0.0000"},{"v":0,"d":"0.00"},{"v":150,"d":"150.00"},{"v":2,"d":"2.0000"},{"v":300,"d":"300.00"}]
["10536","Дуршлаг/2018","4","шт","Камалов Ильсур Рашитович",{"v":220,"d":"220.00"},{"v":1,"d":"1.0000"},{"v":220,"d":"220.00"},{"v":0,"d":"0.0000"},{"v":0,"d":"0.00"},{"v":0,"d":"0.0000"},{"v":0,"d":"0.00"},{"v":220,"d":"220.00"},{"v":1,"d":"1.0000"},{"v":220,"d":"220.00"}]
["021","Душевой кран (д.сад)","4","шт","Мифтахова  Айгуль  Ильгизаровна",{"v":0,"d":"0.00"},{"v":1,"d":"1.0000"},{"v":0,"d":"0.00"},{"v":0,"d":"0.0000"},{"v":0,"d":"0.00"},{"v":0,"d":"0.0000"},{"v":0,"d":"0.00"},{"v":0,"d":"0.00"},{"v":1,"d":"1.0000"},{"v":0,"d":"0.00"}]
["021","Елка 2,5м (д.сад)","4","шт","Мифтахова  Айгуль  Ильгизаровна",{"v":2000,"d":"2000.00"},{"v":1,"d":"1.0000"},{"v":2000,"d":"2000.00"},{"v":0,"d":"0.0000"},{"v":0,"d":"0.00"},{"v":0,"d":"0.0000"},{"v":0,"d":"0.00"},{"v":2000,"d":"2000.00"},{"v":1,"d":"1.0000"},{"v":2000,"d":"2000.00"}]
["10536","Емкость для хранения термометров (д.сад)","4","шт","Бадретдинова  Ильзира  Габделнуровна",{"v":150,"d":"150.00"},{"v":1,"d":"1.0000"},{"v":150,"d":"150.00"},{"v":0,"d":"0.0000"},{"v":0,"d":"0.00"},{"v":0,"d":"0.0000"},{"v":0,"d":"0.00"},{"v":150,"d":"150.00"},{"v":1,"d":"1.0000"},{"v":150,"d":"150.00"}]
["021","Ершик д/туалета (д.сад)","4","шт","Мифтахова  Айгуль  Ильгизаровна",{"v":0,"d":"0.00"},{"v":7,"d":"7.0000"},{"v":0,"d":"0.00"},{"v":0,"d":"0.0000"},{"v":0,"d":"0.00"},{"v":0,"d":"0.0000"},{"v":0,"d":"0.00"},{"v":0,"d":"0.00"},{"v":7,"d":"7.0000"},{"v":0,"d":"0.00"}]
["10536","жалюзи оконные вертикальные","4","шт","Камалов Ильсур Рашитович",389.78,{"v":45,"d":"45.0000"},{"v":17540,"d":"17540.00"},{"v":0,"d":"0.0000"},{"v":0,"d":"0.00"},{"v":0,"d":"0.0000"},{"v":0,"d":"0.00"},389.78,{"v":45,"d":"45.0000"},{"v":17540,"d":"17540.00"}]
["10536","Жгут универсальный (д.сад)","4","шт","Бадретдинова  Ильзира  Габделнуровна",{"v":75,"d":"75.00"},{"v":4,"d":"4.0000"},{"v":300,"d":"300.00"},{"v":0,"d":"0.0000"},{"v":0,"d":"0.00"},{"v":0,"d":"0.0000"},{"v":0,"d":"0.00"},{"v":75,"d":"75.00"},{"v":4,"d":"4.0000"},{"v":300,"d":"300.00"}]
["021","Жилая комната 1700*350*1250 (д.сад)","4","шт","Мифтахова  Айгуль  Ильгизаровна",{"v":2900,"d":"2900.00"},{"v":2,"d":"2.0000"},{"v":5800,"d":"5800.00"},{"v":0,"d":"0.0000"},{"v":0,"d":"0.00"},{"v":0,"d":"0.0000"},{"v":0,"d":"0.00"},{"v":2900,"d":"2900.00"},{"v":2,"d":"2.0000"},{"v":5800,"d":"5800.00"}]
["021","Забор высокий, кованный на участках (д.сад)","4","м","Аскарова  Альфия  Хурматулловна",{"v":70,"d":"70.00"},{"v":137,"d":"137.0000"},{"v":9590,"d":"9590.00"},{"v":0,"d":"0.0000"},{"v":0,"d":"0.00"},{"v":0,"d":"0.0000"},{"v":0,"d":"0.00"},{"v":70,"d":"70.00"},{"v":137,"d":"137.0000"},{"v":9590,"d":"9590.00"}]
["10536","звонок электр.","4","шт","Камалов Ильсур Рашитович",{"v":650,"d":"650.00"},{"v":1,"d":"1.0000"},{"v":650,"d":"650.00"},{"v":0,"d":"0.0000"},{"v":0,"d":"0.00"},{"v":0,"d":"0.0000"},{"v":0,"d":"0.00"},{"v":650,"d":"650.00"},{"v":1,"d":"1.0000"},{"v":650,"d":"650.00"}]
["021","Зеркало 1000*500 (д.сад)","4","шт","Мифтахова  Айгуль  Ильгизаровна",{"v":2338,"d":"2338.00"},{"v":2,"d":"2.0000"},{"v":4676,"d":"4676.00"},{"v":0,"d":"0.0000"},{"v":0,"d":"0.00"},{"v":0,"d":"0.0000"},{"v":0,"d":"0.00"},{"v":2338,"d":"2338.00"},{"v":2,"d":"2.0000"},{"v":4676,"d":"4676.00"}]
["021","Зеркало 40*50 (д.сад)","4","шт","Мифтахова  Айгуль  Ильгизаровна",{"v":0,"d":"0.00"},{"v":4,"d":"4.0000"},{"v":0,"d":"0.00"},{"v":0,"d":"0.0000"},{"v":0,"d":"0.00"},{"v":0,"d":"0.0000"},{"v":0,"d":"0.00"},{"v":0,"d":"0.00"},{"v":4,"d":"4.0000"},{"v":0,"d":"0.00"}]
["021","Зеркало детское 30*30 (д.сад)","4","шт","Мифтахова  Айгуль  Ильгизаровна",{"v":0,"d":"0.00"},{"v":4,"d":"4.0000"},{"v":0,"d":"0.00"},{"v":0,"d":"0.0000"},{"v":0,"d":"0.00"},{"v":0,"d":"0.0000"},{"v":0,"d":"0.00"},{"v":0,"d":"0.00"},{"v":4,"d":"4.0000"},{"v":0,"d":"0.00"}]
["10536","зеркало настенное","4","шт","Камалов Ильсур Рашитович",{"v":922,"d":"922.00"},{"v":7,"d":"7.0000"},{"v":6454,"d":"6454.00"},{"v":0,"d":"0.0000"},{"v":0,"d":"0.00"},{"v":0,"d":"0.0000"},{"v":0,"d":"0.00"},{"v":922,"d":"922.00"},{"v":7,"d":"7.0000"},{"v":6454,"d":"6454.00"}]
["10536","зеркало стомот.с ручкой","4","шт","Камалов Ильсур Рашитович",{"v":68,"d":"68.00"},{"v":50,"d":"50.0000"},{"v":3400,"d":"3400.00"},{"v":0,"d":"0.0000"},{"v":0,"d":"0.00"},{"v":0,"d":"0.0000"},{"v":0,"d":"0.00"},{"v":68,"d":"68.00"},{"v":50,"d":"50.0000"},{"v":3400,"d":"3400.00"}]
["10536","Игрушки на сумму (д.сад)","4","шт","Бадретдинова  Ильзира  Габделнуровна",{"v":22608,"d":"22608.00"},{"v":1,"d":"1.0000"},{"v":22608,"d":"22608.00"},{"v":0,"d":"0.0000"},{"v":0,"d":"0.00"},{"v":0,"d":"0.0000"},{"v":0,"d":"0.00"},{"v":22608,"d":"22608.00"},{"v":1,"d":"1.0000"},{"v":22608,"d":"22608.00"}]
["10536","интерскол УШМ180","4","шт","Камалов Ильсур Рашитович",{"v":2990,"d":"2990.00"},{"v":1,"d":"1.0000"},{"v":2990,"d":"2990.00"},{"v":0,"d":"0.0000"},{"v":0,"d":"0.00"},{"v":0,"d":"0.0000"},{"v":0,"d":"0.00"},{"v":2990,"d":"2990.00"},{"v":1,"d":"1.0000"},{"v":2990,"d":"2990.00"}]
["10536","информационный стенд","4","шт","Камалов Ильсур Рашитович",{"v":16700,"d":"16700.00"},{"v":1,"d":"1.0000"},{"v":16700,"d":"16700.00"},{"v":0,"d":"0.0000"},{"v":0,"d":"0.00"},{"v":0,"d":"0.0000"},{"v":0,"d":"0.00"},{"v":16700,"d":"16700.00"},{"v":1,"d":"1.0000"},{"v":16700,"d":"16700.00"}]
["021","Каб ОБЖ Стенд \"Схема перекрестков\"/2016","4","шт","Камалов Ильсур Рашитович",{"v":1795,"d":"1795.00"},{"v":1,"d":"1.0000"},{"v":1795,"d":"1795.00"},{"v":0,"d":"0.0000"},{"v":0,"d":"0.00"},{"v":0,"d":"0.0000"},{"v":0,"d":"0.00"},{"v":1795,"d":"1795.00"},{"v":1,"d":"1.0000"},{"v":1795,"d":"1795.00"}]
["021","Каб.ОБЖ Биноколь YUKON 8*40(без светофильтров)/2018","4","шт","Камалов Ильсур Рашитович",7117.32,{"v":1,"d":"1.0000"},7117.32,{"v":0,"d":"0.0000"},{"v":0,"d":"0.00"},{"v":0,"d":"0.0000"},{"v":0,"d":"0.00"},7117.32,{"v":1,"d":"1.0000"},7117.32]
["021","Каб.ОБЖ Винтовка пневматическая МР-512-С-00 старый дизайн черн(дульн.энергия 3дж)/2018","4","шт","Камалов Ильсур Рашитович",{"v":3490,"d":"3490.00"},{"v":3,"d":"3.0000"},{"v":10470,"d":"10470.00"},{"v":0,"d":"0.0000"},{"v":0,"d":"0.00"},{"v":0,"d":"0.0000"},{"v":0,"d":"0.00"},{"v":3490,"d":"3490.00"},{"v":3,"d":"3.0000"},{"v":10470,"d":"10470.00"}]
["10536","Каб.ОБЖ Компас ИНЖЕНЕРНЫЙ артилерийск оригинал СССР/2018","4","шт","Камалов Ильсур Рашитович",{"v":519.5,"d":"519.50"},{"v":1,"d":"1.0000"},{"v":519.5,"d":"519.50"},{"v":0,"d":"0.0000"},{"v":0,"d":"0.00"},{"v":0,"d":"0.0000"},{"v":0,"d":"0.00"},{"v":519.5,"d":"519.50"},{"v":1,"d":"1.0000"},{"v":519.5,"d":"519.50"}]
["021","Каб.ОБЖ Комплект стоек с дорожными знаками/2016","4","шт","Камалов Ильсур Рашитович",{"v":6350,"d":"6350.00"},{"v":1,"d":"1.0000"},{"v":6350,"d":"6350.00"},{"v":0,"d":"0.0000"},{"v":0,"d":"0.00"},{"v":0,"d":"0.0000"},{"v":0,"d":"0.00"},{"v":6350,"d":"6350.00"},{"v":1,"d":"1.0000"},{"v":6350,"d":"6350.00"}]
["10536","Каб.ОБЖ Курок ММГ АК-74М/2018","4","шт","Камалов Ильсур Рашитович",{"v":748,"d":"748.00"},{"v":2,"d":"2.0000"},{"v":1496,"d":"1496.00"},{"v":0,"d":"0.0000"},{"v":0,"d":"0.00"},{"v":0,"d":"0.0000"},{"v":0,"d":"0.00"},{"v":748,"d":"748.00"},{"v":2,"d":"2.0000"},{"v":1496,"d":"1496.00"}]
["10536","Каб.ОБЖ Лопата малая ПЕХОТНАЯ \"МПЛ\"клеймо \"три елки 1981-89гг\"в чехле оригинал СССР/2018","4","шт","Камалов Ильсур Рашитович",{"v":436.4,"d":"436.40"},{"v":3,"d":"3.0000"},{"v":1309.2,"d":"1309.20"},{"v":0,"d":"0.0000"},{"v":0,"d":"0.00"},{"v":0,"d":"0.0000"},{"v":0,"d":"0.00"},{"v":436.4,"d":"436.40"},{"v":3,"d":"3.0000"},{"v":1309.2,"d":"1309.20"}]
["10536","Каб.ОБЖ Лопата туристич.складная металл/2018","4","шт","Камалов Ильсур Рашитович",{"v":297,"d":"297.00"},{"v":1,"d":"1.0000"},{"v":297,"d":"297.00"},{"v":0,"d":"0.0000"},{"v":0,"d":"0.00"},{"v":0,"d":"0.0000"},{"v":0,"d":"0.00"},{"v":297,"d":"297.00"},{"v":1,"d":"1.0000"},{"v":297,"d":"297.00"}]
["021","Каб.ОБЖ Магазин УЧЕБНЫЙ д/снаряжения в компл.с макетами патронов(30шт)АК-74(красн)/2018","4","шт","Камалов Ильсур Рашитович",1979.04,{"v":1,"d":"1.0000"},1979.04,{"v":0,"d":"0.0000"},{"v":0,"d":"0.00"},{"v":0,"d":"0.0000"},{"v":0,"d":"0.00"},1979.04,{"v":1,"d":"1.0000"},1979.04]
["021","Каб.ОБЖ Магазин УЧЕБНЫЙ д/снаряжения в компл.с макетами патронов(30шт)АК-74(слива)/2018","4","шт","Камалов Ильсур Рашитович",{"v":1608,"d":"1608.00"},{"v":1,"d":"1.0000"},{"v":1608,"d":"1608.00"},{"v":0,"d":"0.0000"},{"v":0,"d":"0.00"},{"v":0,"d":"0.0000"},{"v":0,"d":"0.00"},{"v":1608,"d":"1608.00"},{"v":1,"d":"1.0000"},{"v":1608,"d":"1608.00"}]
["021","Каб.ОБЖ Макет гранаты РГД-5/2018","4","шт","Камалов Ильсур Рашитович",{"v":837.9,"d":"837.90"},{"v":2,"d":"2.0000"},{"v":1675.8,"d":"1675.80"},{"v":0,"d":"0.0000"},{"v":0,"d":"0.00"},{"v":0,"d":"0.0000"},{"v":0,"d":"0.00"},{"v":837.9,"d":"837.90"},{"v":2,"d":"2.0000"},{"v":1675.8,"d":"1675.80"}]
["021","Каб.ОБЖ Макет гранаты РГН/2018","4","шт","Камалов Ильсур Рашитович",{"v":837.9,"d":"837.90"},{"v":2,"d":"2.0000"},{"v":1675.8,"d":"1675.80"},{"v":0,"d":"0.0000"},{"v":0,"d":"0.00"},{"v":0,"d":"0.0000"},{"v":0,"d":"0.00"},{"v":837.9,"d":"837.90"},{"v":2,"d":"2.0000"},{"v":1675.8,"d":"1675.80"}]
["021","Каб.ОБЖ Макет гранаты Ф1/2018","4","шт","Камалов Ильсур Рашитович",{"v":837.9,"d":"837.90"},{"v":2,"d":"2.0000"},{"v":1675.8,"d":"1675.80"},{"v":0,"d":"0.0000"},{"v":0,"d":"0.00"},{"v":0,"d":"0.0000"},{"v":0,"d":"0.00"},{"v":837.9,"d":"837.90"},{"v":2,"d":"2.0000"},{"v":1675.8,"d":"1675.80"}]
["10536","Каб.ОБЖ Механизм возвратный Сб.4 СОК-АК АКМ,АК-74 (Сайга,Вепрь)/2018","4","шт","Камалов Ильсур Рашитович",{"v":1210,"d":"1210.00"},{"v":1,"d":"1.0000"},{"v":1210,"d":"1210.00"},{"v":0,"d":"0.0000"},{"v":0,"d":"0.00"},{"v":0,"d":"0.0000"},{"v":0,"d":"0.00"},{"v":1210,"d":"1210.00"},{"v":1,"d":"1.0000"},{"v":1210,"d":"1210.00"}]
["10536","Каб.ОБЖ Пенал АК-74 САЙГА с принадлежностями к 5,45-5,6мм/2018","4","шт","Камалов Ильсур Рашитович",{"v":234,"d":"234.00"},{"v":3,"d":"3.0000"},{"v":702,"d":"702.00"},{"v":0,"d":"0.0000"},{"v":0,"d":"0.00"},{"v":0,"d":"0.0000"},{"v":0,"d":"0.00"},{"v":234,"d":"234.00"},{"v":3,"d":"3.0000"},{"v":702,"d":"702.00"}]
["10536","Каб.ОБЖ Перчатки защитные кислотно-щелочные БЛ-1М (резина)№2/2018","4","шт","Камалов Ильсур Рашитович",43.36,{"v":2,"d":"2.0000"},86.72,{"v":0,"d":"0.0000"},{"v":0,"d":"0.00"},{"v":0,"d":"0.0000"},{"v":0,"d":"0.00"},43.36,{"v":2,"d":"2.0000"},86.72]
["10536","Каб.ОБЖ Перчатки ПАРАДНЫЕ БЕЛЫЕ х/б/2018","4","шт","Камалов Ильсур Рашитович",{"v":123.7,"d":"123.70"},{"v":15,"d":"15.0000"},{"v":1855.5,"d":"1855.50"},{"v":0,"d":"0.0000"},{"v":0,"d":"0.00"},{"v":0,"d":"0.0000"},{"v":0,"d":"0.00"},{"v":123.7,"d":"123.70"},{"v":15,"d":"15.0000"},{"v":1855.5,"d":"1855.50"}]
["021","Каб.ОБЖ Пистолет пневматический МР-654К-22 (кор.плс.рукоятка)кал.4,5мм/2018","4","шт","Камалов Ильсур Рашитович",{"v":6400,"d":"6400.00"},{"v":1,"d":"1.0000"},{"v":6400,"d":"6400.00"},{"v":0,"d":"0.0000"},{"v":0,"d":"0.00"},{"v":0,"d":"0.0000"},{"v":0,"d":"0.00"},{"v":6400,"d":"6400.00"},{"v":1,"d":"1.0000"},{"v":6400,"d":"6400.00"}]
["10536","Каб.ОБЖ Плащ ОЗК рост 1/2018","4","шт","Камалов Ильсур Рашитович",179.68,{"v":2,"d":"2.0000"},359.36,{"v":0,"d":"0.0000"},{"v":0,"d":"0.00"},{"v":0,"d":"0.0000"},{"v":0,"d":"0.00"},179.68,{"v":2,"d":"2.0000"},359.36]
["10536","Каб.ОБЖ Плащ ОЗК рост 2/2018","4","шт","Камалов Ильсур Рашитович",179.68,{"v":2,"d":"2.0000"},359.36,{"v":0,"d":"0.0000"},{"v":0,"d":"0.00"},{"v":0,"d":"0.0000"},{"v":0,"d":"0.00"},179.68,{"v":2,"d":"2.0000"},359.36]
["021","Каб.ОБЖ Прицеп оптический HQ 3-7*20/2018","4","шт","Камалов Ильсур Рашитович",846.06,{"v":1,"d":"1.0000"},846.06,{"v":0,"d":"0.0000"},{"v":0,"d":"0.00"},{"v":0,"d":"0.0000"},{"v":0,"d":"0.00"},846.06,{"v":1,"d":"1.0000"},846.06]
["10536","Каб.ОБЖ Противогаз ГДЗК-У (аварийный самоспасатель)Оригинал РФ/2018","4","шт","Камалов Ильсур Рашитович",413.94,{"v":1,"d":"1.0000"},413.94,{"v":0,"d":"0.0000"},{"v":0,"d":"0.00"},{"v":0,"d":"0.0000"},{"v":0,"d":"0.00"},413.94,{"v":1,"d":"1.0000"},413.94]
["10536","Каб.ОБЖ Противогаз ГП-7 Оригинал ГОСТ РФ с сумкой 2,3-й размер/2018","4","шт","Камалов Ильсур Рашитович",{"v":309.5,"d":"309.50"},{"v":15,"d":"15.0000"},{"v":4642.5,"d":"4642.50"},{"v":0,"d":"0.0000"},{"v":0,"d":"0.00"},{"v":0,"d":"0.0000"},{"v":0,"d":"0.00"},{"v":309.5,"d":"309.50"},{"v":15,"d":"15.0000"},{"v":4642.5,"d":"4642.50"}]
["10536","Каб.ОБЖ Противогаз ГП-7 оригинал ГОСТ РФ с сумкой 2,3-й размер/2018","4","шт","Камалов Ильсур Рашитович",{"v":309.5,"d":"309.50"},{"v":5,"d":"5.0000"},{"v":1547.5,"d":"1547.50"},{"v":0,"d":"0.0000"},{"v":0,"d":"0.00"},{"v":0,"d":"0.0000"},{"v":0,"d":"0.00"},{"v":309.5,"d":"309.50"},{"v":5,"d":"5.0000"},{"v":1547.5,"d":"1547.50"}]
["10536","Каб.ОБЖ Пули 4,5мм \"Oztay\"Diabolo 0.49г 250шт/2017","4","шт","Камалов Ильсур Рашитович",120.13,{"v":2,"d":"2.0000"},240.26,{"v":0,"d":"0.0000"},{"v":0,"d":"0.00"},{"v":0,"d":"0.0000"},{"v":0,"d":"0.00"},120.13,{"v":2,"d":"2.0000"},240.26]
["10536","Каб.ОБЖ Спальные мешки (рост 180-190см)/2018","4","шт","Камалов Ильсур Рашитович",{"v":2250,"d":"2250.00"},{"v":9,"d":"9.0000"},{"v":20250,"d":"20250.00"},{"v":0,"d":"0.0000"},{"v":0,"d":"0.00"},{"v":0,"d":"0.0000"},{"v":0,"d":"0.00"},{"v":2250,"d":"2250.00"},{"v":9,"d":"9.0000"},{"v":20250,"d":"20250.00"}]
["021","Каб.ОБЖ Стенд \"Дорожная разметка\"/2016","4","шт","Камалов Ильсур Рашитович",{"v":1795,"d":"1795.00"},{"v":1,"d":"1.0000"},{"v":1795,"d":"1795.00"},{"v":0,"d":"0.0000"},{"v":0,"d":"0.00"},{"v":0,"d":"0.0000"},{"v":0,"d":"0.00"},{"v":1795,"d":"1795.00"},{"v":1,"d":"1.0000"},{"v":1795,"d":"1795.00"}]
["021","Каб.ОБЖ Стенд \"Дорожные знаки\"/2016","4","шт","Камалов Ильсур Рашитович",{"v":6660,"d":"6660.00"},{"v":1,"d":"1.0000"},{"v":6660,"d":"6660.00"},{"v":0,"d":"0.0000"},{"v":0,"d":"0.00"},{"v":0,"d":"0.0000"},{"v":0,"d":"0.00"},{"v":6660,"d":"6660.00"},{"v":1,"d":"1.0000"},{"v":6660,"d":"6660.00"}]
["021","Каб.ОБЖ Стенд \"Кажется безопасно-нет опасно!\"/2016","4","шт","Камалов Ильсур Рашитович",{"v":7150,"d":"7150.00"},{"v":1,"d":"1.0000"},{"v":7150,"d":"7150.00"},{"v":0,"d":"0.0000"},{"v":0,"d":"0.00"},{"v":0,"d":"0.0000"},{"v":0,"d":"0.00"},{"v":7150,"d":"7150.00"},{"v":1,"d":"1.0000"},{"v":7150,"d":"7150.00"}]
["021","Каб.ОБЖ Стенд \"Обязанности велосипедистов\"/2016","4","шт","Камалов Ильсур Рашитович",{"v":3450,"d":"3450.00"},{"v":1,"d":"1.0000"},{"v":3450,"d":"3450.00"},{"v":0,"d":"0.0000"},{"v":0,"d":"0.00"},{"v":0,"d":"0.0000"},{"v":0,"d":"0.00"},{"v":3450,"d":"3450.00"},{"v":1,"d":"1.0000"},{"v":3450,"d":"3450.00"}]
["021","Каб.ОБЖ Стенд \"Первая помощь при ДДП\"/2016","4","шт","Камалов Ильсур Рашитович",{"v":3800,"d":"3800.00"},{"v":1,"d":"1.0000"},{"v":3800,"d":"3800.00"},{"v":0,"d":"0.0000"},{"v":0,"d":"0.00"},{"v":0,"d":"0.0000"},{"v":0,"d":"0.00"},{"v":3800,"d":"3800.00"},{"v":1,"d":"1.0000"},{"v":3800,"d":"3800.00"}]
["021","Каб.ОБЖ Стенд \"Сигналы светофора\"/2016","4","шт","Камалов Ильсур Рашитович",{"v":1795,"d":"1795.00"},{"v":1,"d":"1.0000"},{"v":1795,"d":"1795.00"},{"v":0,"d":"0.0000"},{"v":0,"d":"0.00"},{"v":0,"d":"0.0000"},{"v":0,"d":"0.00"},{"v":1795,"d":"1795.00"},{"v":1,"d":"1.0000"},{"v":1795,"d":"1795.00"}]
["021","Каб.ОБЖ Стенд \"Уголок безопасности дорожного движения\"универс.(с 1 по 11кл)/2016","4","шт","Камалов Ильсур Рашитович",{"v":5450,"d":"5450.00"},{"v":1,"d":"1.0000"},{"v":5450,"d":"5450.00"},{"v":0,"d":"0.0000"},{"v":0,"d":"0.00"},{"v":0,"d":"0.0000"},{"v":0,"d":"0.00"},{"v":5450,"d":"5450.00"},{"v":1,"d":"1.0000"},{"v":5450,"d":"5450.00"}]
["10536","Каб.ОБЖ Сумка САНИТАРНАЯ брезент оригинал СССР/2018","4","шт","Камалов Ильсур Рашитович",{"v":556.6,"d":"556.60"},{"v":1,"d":"1.0000"},{"v":556.6,"d":"556.60"},{"v":0,"d":"0.0000"},{"v":0,"d":"0.00"},{"v":0,"d":"0.0000"},{"v":0,"d":"0.00"},{"v":556.6,"d":"556.60"},{"v":1,"d":"1.0000"},{"v":556.6,"d":"556.60"}]
["10536","Каб.ОБЖ Чехлы ружья 130см ткань/синт б/о СпецТир/2018","4","шт","Камалов Ильсур Рашитович",{"v":704.9,"d":"704.90"},{"v":1,"d":"1.0000"},{"v":704.9,"d":"704.90"},{"v":0,"d":"0.0000"},{"v":0,"d":"0.00"},{"v":0,"d":"0.0000"},{"v":0,"d":"0.00"},{"v":704.9,"d":"704.90"},{"v":1,"d":"1.0000"},{"v":704.9,"d":"704.90"}]
["10536","Каб.ОБЖ Чехол к АКМ брезент 110мм/2018","4","шт","Камалов Ильсур Рашитович",{"v":271,"d":"271.00"},{"v":1,"d":"1.0000"},{"v":271,"d":"271.00"},{"v":0,"d":"0.0000"},{"v":0,"d":"0.00"},{"v":0,"d":"0.0000"},{"v":0,"d":"0.00"},{"v":271,"d":"271.00"},{"v":1,"d":"1.0000"},{"v":271,"d":"271.00"}]
["10536","Каб.ОБЖ Чулки \"ОЗК\" (бахилы)№1/2018","4","шт","Камалов Ильсур Рашитович",147.63,{"v":2,"d":"2.0000"},295.26,{"v":0,"d":"0.0000"},{"v":0,"d":"0.00"},{"v":0,"d":"0.0000"},{"v":0,"d":"0.00"},147.63,{"v":2,"d":"2.0000"},295.26]
["10536","Каб.ОБЖ Чулки \"ОЗК\" (бахилы)№2/2018","4","шт","Камалов Ильсур Рашитович",191.79,{"v":2,"d":"2.0000"},383.58,{"v":0,"d":"0.0000"},{"v":0,"d":"0.00"},{"v":0,"d":"0.0000"},{"v":0,"d":"0.00"},191.79,{"v":2,"d":"2.0000"},383.58]
["10536","Каб.ОБЖ Штык-нож сувенирный (6*4) коричн.КАРБОЛИТ,рукоятка комбиниров.металлом (без пропила)2 кате/2018","4","шт","Камалов Ильсур Рашитович",{"v":1141,"d":"1141.00"},{"v":1,"d":"1.0000"},{"v":1141,"d":"1141.00"},{"v":0,"d":"0.0000"},{"v":0,"d":"0.00"},{"v":0,"d":"0.0000"},{"v":0,"d":"0.00"},{"v":1141,"d":"1141.00"},{"v":1,"d":"1.0000"},{"v":1141,"d":"1141.00"}]
["021","Камертоны на резонирующ.ящиках с молот./11.2007г","4","шт","Камалов Ильсур Рашитович",{"v":1424,"d":"1424.00"},{"v":1,"d":"1.0000"},{"v":1424,"d":"1424.00"},{"v":0,"d":"0.0000"},{"v":0,"d":"0.00"},{"v":0,"d":"0.0000"},{"v":0,"d":"0.00"},{"v":1424,"d":"1424.00"},{"v":1,"d":"1.0000"},{"v":1424,"d":"1424.00"}]
["021","канат для лазания 6м","4","шт","Камалов Ильсур Рашитович",{"v":1800,"d":"1800.00"},{"v":2,"d":"2.0000"},{"v":3600,"d":"3600.00"},{"v":0,"d":"0.0000"},{"v":0,"d":"0.00"},{"v":0,"d":"0.0000"},{"v":0,"d":"0.00"},{"v":1800,"d":"1800.00"},{"v":2,"d":"2.0000"},{"v":3600,"d":"3600.00"}]
["10536","кар. Северная Америка+Южная Америка соц.","4","шт","Камалов Ильсур Рашитович",{"v":421,"d":"421.00"},{"v":1,"d":"1.0000"},{"v":421,"d":"421.00"},{"v":0,"d":"0.0000"},{"v":0,"d":"0.00"},{"v":0,"d":"0.0000"},{"v":0,"d":"0.00"},{"v":421,"d":"421.00"},{"v":1,"d":"1.0000"},{"v":421,"d":"421.00"}]
["10536","кар.Австралия и Океания","4","шт","Камалов Ильсур Рашитович",{"v":421,"d":"421.00"},{"v":1,"d":"1.0000"},{"v":421,"d":"421.00"},{"v":0,"d":"0.0000"},{"v":0,"d":"0.00"},{"v":0,"d":"0.0000"},{"v":0,"d":"0.00"},{"v":421,"d":"421.00"},{"v":1,"d":"1.0000"},{"v":421,"d":"421.00"}]
["10536","кар.Анроклиматические рес.","4","шт","Камалов Ильсур Рашитович",{"v":275,"d":"275.00"},{"v":1,"d":"1.0000"},{"v":275,"d":"275.00"},{"v":0,"d":"0.0000"},{"v":0,"d":"0.00"},{"v":0,"d":"0.0000"},{"v":0,"d":"0.00"},{"v":275,"d":"275.00"},{"v":1,"d":"1.0000"},{"v":275,"d":"275.00"}]
["10536","кар.Африка соц.эк+Зар Европа","4","шт","Камалов Ильсур Рашитович",{"v":421,"d":"421.00"},{"v":1,"d":"1.0000"},{"v":421,"d":"421.00"},{"v":0,"d":"0.0000"},{"v":0,"d":"0.00"},{"v":0,"d":"0.0000"},{"v":0,"d":"0.00"},{"v":421,"d":"421.00"},{"v":1,"d":"1.0000"},{"v":421,"d":"421.00"}]
["10536","кар.Африка физ.","4","шт","Камалов Ильсур Рашитович",{"v":708,"d":"708.00"},{"v":1,"d":"1.0000"},{"v":708,"d":"708.00"},{"v":0,"d":"0.0000"},{"v":0,"d":"0.00"},{"v":0,"d":"0.0000"},{"v":0,"d":"0.00"},{"v":708,"d":"708.00"},{"v":1,"d":"1.0000"},{"v":708,"d":"708.00"}]
["10536","кар.Африка физ.лам.","4","шт","Камалов Ильсур Рашитович",{"v":275,"d":"275.00"},{"v":1,"d":"1.0000"},{"v":275,"d":"275.00"},{"v":0,"d":"0.0000"},{"v":0,"d":"0.00"},{"v":0,"d":"0.0000"},{"v":0,"d":"0.00"},{"v":275,"d":"275.00"},{"v":1,"d":"1.0000"},{"v":275,"d":"275.00"}]
["10536","Кар.важнейшие культ.растен.","4","шт","Камалов Ильсур Рашитович",{"v":275,"d":"275.00"},{"v":1,"d":"1.0000"},{"v":275,"d":"275.00"},{"v":0,"d":"0.0000"},{"v":0,"d":"0.00"},{"v":0,"d":"0.0000"},{"v":0,"d":"0.00"},{"v":275,"d":"275.00"},{"v":1,"d":"1.0000"},{"v":275,"d":"275.00"}]
["10536","кар.Европа физ.лам.","4","шт","Камалов Ильсур Рашитович",{"v":464,"d":"464.00"},{"v":1,"d":"1.0000"},{"v":464,"d":"464.00"},{"v":0,"d":"0.0000"},{"v":0,"d":"0.00"},{"v":0,"d":"0.0000"},{"v":0,"d":"0.00"},{"v":464,"d":"464.00"},{"v":1,"d":"1.0000"},{"v":464,"d":"464.00"}]
["10536","кар.Зар Европа Соц.экон.","4","шт","Камалов Ильсур Рашитович",{"v":504,"d":"504.00"},{"v":1,"d":"1.0000"},{"v":504,"d":"504.00"},{"v":0,"d":"0.0000"},{"v":0,"d":"0.00"},{"v":0,"d":"0.0000"},{"v":0,"d":"0.00"},{"v":504,"d":"504.00"},{"v":1,"d":"1.0000"},{"v":504,"d":"504.00"}]
["10536","кар.Зоогеграф.мира","4","шт","Камалов Ильсур Рашитович",{"v":461,"d":"461.00"},{"v":1,"d":"1.0000"},{"v":461,"d":"461.00"},{"v":0,"d":"0.0000"},{"v":0,"d":"0.00"},{"v":0,"d":"0.0000"},{"v":0,"d":"0.00"},{"v":461,"d":"461.00"},{"v":1,"d":"1.0000"},{"v":461,"d":"461.00"}]
["10536","кар.Климат мира","4","шт","Камалов Ильсур Рашитович",{"v":282,"d":"282.00"},{"v":1,"d":"1.0000"},{"v":282,"d":"282.00"},{"v":0,"d":"0.0000"},{"v":0,"d":"0.00"},{"v":0,"d":"0.0000"},{"v":0,"d":"0.00"},{"v":282,"d":"282.00"},{"v":1,"d":"1.0000"},{"v":282,"d":"282.00"}]
["10536","кар.Климат России","4","шт","Камалов Ильсур Рашитович",{"v":282,"d":"282.00"},{"v":1,"d":"1.0000"},{"v":282,"d":"282.00"},{"v":0,"d":"0.0000"},{"v":0,"d":"0.00"},{"v":0,"d":"0.0000"},{"v":0,"d":"0.00"},{"v":282,"d":"282.00"},{"v":1,"d":"1.0000"},{"v":282,"d":"282.00"}]
["10536","кар.океанов","4","шт","Камалов Ильсур Рашитович",{"v":619,"d":"619.00"},{"v":1,"d":"1.0000"},{"v":619,"d":"619.00"},{"v":0,"d":"0.0000"},{"v":0,"d":"0.00"},{"v":0,"d":"0.0000"},{"v":0,"d":"0.00"},{"v":619,"d":"619.00"},{"v":1,"d":"1.0000"},{"v":619,"d":"619.00"}]
["10536","кар.полит мира","4","шт","Камалов Ильсур Рашитович",{"v":282,"d":"282.00"},{"v":1,"d":"1.0000"},{"v":282,"d":"282.00"},{"v":0,"d":"0.0000"},{"v":0,"d":"0.00"},{"v":0,"d":"0.0000"},{"v":0,"d":"0.00"},{"v":282,"d":"282.00"},{"v":1,"d":"1.0000"},{"v":282,"d":"282.00"}]
["10536","кар.полушар.Сред.школ","4","шт","Камалов Ильсур Рашитович",{"v":396,"d":"396.00"},{"v":1,"d":"1.0000"},{"v":396,"d":"396.00"},{"v":0,"d":"0.0000"},{"v":0,"d":"0.00"},{"v":0,"d":"0.0000"},{"v":0,"d":"0.00"},{"v":396,"d":"396.00"},{"v":1,"d":"1.0000"},{"v":396,"d":"396.00"}]
["10536","кар.Почвен.мира","4","шт","Камалов Ильсур Рашитович",{"v":282,"d":"282.00"},{"v":1,"d":"1.0000"},{"v":282,"d":"282.00"},{"v":0,"d":"0.0000"},{"v":0,"d":"0.00"},{"v":0,"d":"0.0000"},{"v":0,"d":"0.00"},{"v":282,"d":"282.00"},{"v":1,"d":"1.0000"},{"v":282,"d":"282.00"}]
["10536","кар.Почвен.России","4","шт","Камалов Ильсур Рашитович",{"v":282,"d":"282.00"},{"v":1,"d":"1.0000"},{"v":282,"d":"282.00"},{"v":0,"d":"0.0000"},{"v":0,"d":"0.00"},{"v":0,"d":"0.0000"},{"v":0,"d":"0.00"},{"v":282,"d":"282.00"},{"v":1,"d":"1.0000"},{"v":282,"d":"282.00"}]
["10536","кар.Природ.зоны","4","шт","Камалов Ильсур Рашитович",{"v":282,"d":"282.00"},{"v":1,"d":"1.0000"},{"v":282,"d":"282.00"},{"v":0,"d":"0.0000"},{"v":0,"d":"0.00"},{"v":0,"d":"0.0000"},{"v":0,"d":"0.00"},{"v":282,"d":"282.00"},{"v":1,"d":"1.0000"},{"v":282,"d":"282.00"}]
["10536","кар.Россия и соир.гос-ва","4","шт","Камалов Ильсур Рашитович",{"v":360,"d":"360.00"},{"v":1,"d":"1.0000"},{"v":360,"d":"360.00"},{"v":0,"d":"0.0000"},{"v":0,"d":"0.00"},{"v":0,"d":"0.0000"},{"v":0,"d":"0.00"},{"v":360,"d":"360.00"},{"v":1,"d":"1.0000"},{"v":360,"d":"360.00"}]
["10536","кар.Россия Федеральные округа","4","шт","Камалов Ильсур Рашитович",{"v":223,"d":"223.00"},{"v":1,"d":"1.0000"},{"v":223,"d":"223.00"},{"v":0,"d":"0.0000"},{"v":0,"d":"0.00"},{"v":0,"d":"0.0000"},{"v":0,"d":"0.00"},{"v":223,"d":"223.00"},{"v":1,"d":"1.0000"},{"v":223,"d":"223.00"}]
["10536","кар.РФ соц.эконом","4","шт","Камалов Ильсур Рашитович",{"v":282,"d":"282.00"},{"v":1,"d":"1.0000"},{"v":282,"d":"282.00"},{"v":0,"d":"0.0000"},{"v":0,"d":"0.00"},{"v":0,"d":"0.0000"},{"v":0,"d":"0.00"},{"v":282,"d":"282.00"},{"v":1,"d":"1.0000"},{"v":282,"d":"282.00"}]
["10536","кар.Север.Амер.Физ","4","шт","Камалов Ильсур Рашитович",{"v":275,"d":"275.00"},{"v":1,"d":"1.0000"},{"v":275,"d":"275.00"},{"v":0,"d":"0.0000"},{"v":0,"d":"0.00"},{"v":0,"d":"0.0000"},{"v":0,"d":"0.00"},{"v":275,"d":"275.00"},{"v":1,"d":"1.0000"},{"v":275,"d":"275.00"}]
["10536","кар.Северная Америка пл.физ","4","шт","Камалов Ильсур Рашитович",{"v":421,"d":"421.00"},{"v":1,"d":"1.0000"},{"v":421,"d":"421.00"},{"v":0,"d":"0.0000"},{"v":0,"d":"0.00"},{"v":0,"d":"0.0000"},{"v":0,"d":"0.00"},{"v":421,"d":"421.00"},{"v":1,"d":"1.0000"},{"v":421,"d":"421.00"}]
["10536","кар.Строение зем.кор.и пол.сик.Мира","4","шт","Камалов Ильсур Рашитович",{"v":278,"d":"278.00"},{"v":1,"d":"1.0000"},{"v":278,"d":"278.00"},{"v":0,"d":"0.0000"},{"v":0,"d":"0.00"},{"v":0,"d":"0.0000"},{"v":0,"d":"0.00"},{"v":278,"d":"278.00"},{"v":1,"d":"1.0000"},{"v":278,"d":"278.00"}]
["10536","Кар.Тектоника и мин.ресурсы Рос","4","шт","Камалов Ильсур Рашитович",{"v":278,"d":"278.00"},{"v":1,"d":"1.0000"},{"v":278,"d":"278.00"},{"v":0,"d":"0.0000"},{"v":0,"d":"0.00"},{"v":0,"d":"0.0000"},{"v":0,"d":"0.00"},{"v":278,"d":"278.00"},{"v":1,"d":"1.0000"},{"v":278,"d":"278.00"}]
["10536","кар.физ.мира","4","шт","Камалов Ильсур Рашитович",{"v":282,"d":"282.00"},{"v":1,"d":"1.0000"},{"v":282,"d":"282.00"},{"v":0,"d":"0.0000"},{"v":0,"d":"0.00"},{"v":0,"d":"0.0000"},{"v":0,"d":"0.00"},{"v":282,"d":"282.00"},{"v":1,"d":"1.0000"},{"v":282,"d":"282.00"}]
["10536","кар.физ.России","4","шт","Камалов Ильсур Рашитович",{"v":158,"d":"158.00"},{"v":1,"d":"1.0000"},{"v":158,"d":"158.00"},{"v":0,"d":"0.0000"},{"v":0,"d":"0.00"},{"v":0,"d":"0.0000"},{"v":0,"d":"0.00"},{"v":158,"d":"158.00"},{"v":1,"d":"1.0000"},{"v":158,"d":"158.00"}]
["10536","кар.физ.Южная Америка","4","шт","Камалов Ильсур Рашитович",{"v":275,"d":"275.00"},{"v":1,"d":"1.0000"},{"v":275,"d":"275.00"},{"v":0,"d":"0.0000"},{"v":0,"d":"0.00"},{"v":0,"d":"0.0000"},{"v":0,"d":"0.00"},{"v":275,"d":"275.00"},{"v":1,"d":"1.0000"},{"v":275,"d":"275.00"}]
["10536","кар.Центр.и восточ.Азия соц.э.","4","шт","Камалов Ильсур Рашитович",{"v":275,"d":"275.00"},{"v":1,"d":"1.0000"},{"v":275,"d":"275.00"},{"v":0,"d":"0.0000"},{"v":0,"d":"0.00"},{"v":0,"d":"0.0000"},{"v":0,"d":"0.00"},{"v":275,"d":"275.00"},{"v":1,"d":"1.0000"},{"v":275,"d":"275.00"}]
["10536","кар.Юго-восточ.Азия соц.эконом","4","шт","Камалов Ильсур Рашитович",{"v":275,"d":"275.00"},{"v":1,"d":"1.0000"},{"v":275,"d":"275.00"},{"v":0,"d":"0.0000"},{"v":0,"d":"0.00"},{"v":0,"d":"0.0000"},{"v":0,"d":"0.00"},{"v":275,"d":"275.00"},{"v":1,"d":"1.0000"},{"v":275,"d":"275.00"}]
["10536","кар.Юж.Америка пол.физ.","4","шт","Камалов Ильсур Рашитович",{"v":421,"d":"421.00"},{"v":1,"d":"1.0000"},{"v":421,"d":"421.00"},{"v":0,"d":"0.0000"},{"v":0,"d":"0.00"},{"v":0,"d":"0.0000"},{"v":0,"d":"0.00"},{"v":421,"d":"421.00"},{"v":1,"d":"1.0000"},{"v":421,"d":"421.00"}]
["10536","карта Евразия пол/физ","4","шт","Камалов Ильсур Рашитович",{"v":421,"d":"421.00"},{"v":1,"d":"1.0000"},{"v":421,"d":"421.00"},{"v":0,"d":"0.0000"},{"v":0,"d":"0.00"},{"v":0,"d":"0.0000"},{"v":0,"d":"0.00"},{"v":421,"d":"421.00"},{"v":1,"d":"1.0000"},{"v":421,"d":"421.00"}]
["10536","карта Европа пол/физ","4","шт","Камалов Ильсур Рашитович",{"v":421,"d":"421.00"},{"v":1,"d":"1.0000"},{"v":421,"d":"421.00"},{"v":0,"d":"0.0000"},{"v":0,"d":"0.00"},{"v":0,"d":"0.0000"},{"v":0,"d":"0.00"},{"v":421,"d":"421.00"},{"v":1,"d":"1.0000"},{"v":421,"d":"421.00"}]
["10536","карта мир.Физ.прлушария","4","шт","Камалов Ильсур Рашитович",{"v":421,"d":"421.00"},{"v":1,"d":"1.0000"},{"v":421,"d":"421.00"},{"v":0,"d":"0.0000"},{"v":0,"d":"0.00"},{"v":0,"d":"0.0000"},{"v":0,"d":"0.00"},{"v":421,"d":"421.00"},{"v":1,"d":"1.0000"},{"v":421,"d":"421.00"}]
["021","Кассета наст.д/посуды/10.2007г","4","шт","Камалов Ильсур Рашитович",{"v":2612,"d":"2612.00"},{"v":3,"d":"3.0000"},{"v":7836,"d":"7836.00"},{"v":0,"d":"0.0000"},{"v":0,"d":"0.00"},{"v":0,"d":"0.0000"},{"v":0,"d":"0.00"},{"v":2612,"d":"2612.00"},{"v":3,"d":"3.0000"},{"v":7836,"d":"7836.00"}]
["10536","Кастрюля 15л алюм/2018","4","шт","Камалов Ильсур Рашитович",{"v":765,"d":"765.00"},{"v":2,"d":"2.0000"},{"v":1530,"d":"1530.00"},{"v":0,"d":"0.0000"},{"v":0,"d":"0.00"},{"v":0,"d":"0.0000"},{"v":0,"d":"0.00"},{"v":765,"d":"765.00"},{"v":2,"d":"2.0000"},{"v":1530,"d":"1530.00"}]
["10536","кастрюля 20л. (нерж.)цельнотянутая","4","шт","Камалов Ильсур Рашитович",{"v":2360,"d":"2360.00"},{"v":2,"d":"2.0000"},{"v":4720,"d":"4720.00"},{"v":0,"d":"0.0000"},{"v":0,"d":"0.00"},{"v":0,"d":"0.0000"},{"v":0,"d":"0.00"},{"v":2360,"d":"2360.00"},{"v":2,"d":"2.0000"},{"v":4720,"d":"4720.00"}]
["10536","Кастрюля 4л","4","шт","Камалов Ильсур Рашитович",{"v":443,"d":"443.00"},{"v":5,"d":"5.0000"},{"v":2215,"d":"2215.00"},{"v":0,"d":"0.0000"},{"v":0,"d":"0.00"},{"v":0,"d":"0.0000"},{"v":0,"d":"0.00"},{"v":443,"d":"443.00"},{"v":5,"d":"5.0000"},{"v":2215,"d":"2215.00"}]
["10536","кастрюля 50л. (нерж.)","4","шт","Камалов Ильсур Рашитович",{"v":3580,"d":"3580.00"},{"v":3,"d":"3.0000"},{"v":10740,"d":"10740.00"},{"v":0,"d":"0.0000"},{"v":0,"d":"0.00"},{"v":0,"d":"0.0000"},{"v":0,"d":"0.00"},{"v":3580,"d":"3580.00"},{"v":3,"d":"3.0000"},{"v":10740,"d":"10740.00"}]
["10536","Кастрюля 6л (д.сад)","4","шт","Бадретдинова  Ильзира  Габделнуровна",{"v":460,"d":"460.00"},{"v":4,"d":"4.0000"},{"v":1840,"d":"1840.00"},{"v":0,"d":"0.0000"},{"v":0,"d":"0.00"},{"v":0,"d":"0.0000"},{"v":0,"d":"0.00"},{"v":460,"d":"460.00"},{"v":4,"d":"4.0000"},{"v":1840,"d":"1840.00"}]
["021","Кастрюля алюм. 10л (д.сад)","4","шт","Мифтахова  Айгуль  Ильгизаровна",{"v":370,"d":"370.00"},{"v":2,"d":"2.0000"},{"v":740,"d":"740.00"},{"v":0,"d":"0.0000"},{"v":0,"d":"0.00"},{"v":0,"d":"0.0000"},{"v":0,"d":"0.00"},{"v":370,"d":"370.00"},{"v":2,"d":"2.0000"},{"v":740,"d":"740.00"}]
["021","Кастрюля алюм. 15л (д.сад)","4","шт","Мифтахова  Айгуль  Ильгизаровна",{"v":2000,"d":"2000.00"},{"v":2,"d":"2.0000"},{"v":4000,"d":"4000.00"},{"v":0,"d":"0.0000"},{"v":0,"d":"0.00"},{"v":0,"d":"0.0000"},{"v":0,"d":"0.00"},{"v":2000,"d":"2000.00"},{"v":2,"d":"2.0000"},{"v":4000,"d":"4000.00"}]
["021","Кастрюля алюм. 20л (д.сад)","4","шт","Мифтахова  Айгуль  Ильгизаровна",{"v":700,"d":"700.00"},{"v":2,"d":"2.0000"},{"v":1400,"d":"1400.00"},{"v":0,"d":"0.0000"},{"v":0,"d":"0.00"},{"v":0,"d":"0.0000"},{"v":0,"d":"0.00"},{"v":700,"d":"700.00"},{"v":2,"d":"2.0000"},{"v":1400,"d":"1400.00"}]
["021","Кастрюля для чистой ветоши 2,5л (д.сад)","4","шт","Мифтахова  Айгуль  Ильгизаровна",{"v":690,"d":"690.00"},{"v":5,"d":"5.0000"},{"v":3450,"d":"3450.00"},{"v":0,"d":"0.0000"},{"v":0,"d":"0.00"},{"v":0,"d":"0.0000"},{"v":0,"d":"0.00"},{"v":690,"d":"690.00"},{"v":5,"d":"5.0000"},{"v":3450,"d":"3450.00"}]
["021","Кастрюля для чистой ветоши 2,5л т (д.сад)","4","шт","Мифтахова  Айгуль  Ильгизаровна",{"v":330,"d":"330.00"},{"v":4,"d":"4.0000"},{"v":1320,"d":"1320.00"},{"v":0,"d":"0.0000"},{"v":0,"d":"0.00"},{"v":0,"d":"0.0000"},{"v":0,"d":"0.00"},{"v":330,"d":"330.00"},{"v":4,"d":"4.0000"},{"v":1320,"d":"1320.00"}]
["10536","кастрюля жаровня 4л со стекл. крышкой","4","шт","Камалов Ильсур Рашитович",{"v":885,"d":"885.00"},{"v":2,"d":"2.0000"},{"v":1770,"d":"1770.00"},{"v":0,"d":"0.0000"},{"v":0,"d":"0.00"},{"v":0,"d":"0.0000"},{"v":0,"d":"0.00"},{"v":885,"d":"885.00"},{"v":2,"d":"2.0000"},{"v":1770,"d":"1770.00"}]
["10536","Кастрюля нерж 50л/2018","4","шт","Камалов Ильсур Рашитович",{"v":4500,"d":"4500.00"},{"v":1,"d":"1.0000"},{"v":4500,"d":"4500.00"},{"v":0,"d":"0.0000"},{"v":0,"d":"0.00"},{"v":0,"d":"0.0000"},{"v":0,"d":"0.00"},{"v":4500,"d":"4500.00"},{"v":1,"d":"1.0000"},{"v":4500,"d":"4500.00"}]
["021","Кастрюля чугунные 7л (д.сад)","4","шт","Мифтахова  Айгуль  Ильгизаровна",{"v":500,"d":"500.00"},{"v":2,"d":"2.0000"},{"v":1000,"d":"1000.00"},{"v":0,"d":"0.0000"},{"v":0,"d":"0.00"},{"v":0,"d":"0.0000"},{"v":0,"d":"0.00"},{"v":500,"d":"500.00"},{"v":2,"d":"2.0000"},{"v":1000,"d":"1000.00"}]
["021","Качели весы (д.сад)","4","шт","Аскарова  Альфия  Хурматулловна",{"v":200,"d":"200.00"},{"v":4,"d":"4.0000"},{"v":800,"d":"800.00"},{"v":0,"d":"0.0000"},{"v":0,"d":"0.00"},{"v":0,"d":"0.0000"},{"v":0,"d":"0.00"},{"v":200,"d":"200.00"},{"v":4,"d":"4.0000"},{"v":800,"d":"800.00"}]
["021","Качели железные (д.сад)","4","шт","Аскарова  Альфия  Хурматулловна",{"v":300,"d":"300.00"},{"v":4,"d":"4.0000"},{"v":1200,"d":"1200.00"},{"v":0,"d":"0.0000"},{"v":0,"d":"0.00"},{"v":0,"d":"0.0000"},{"v":0,"d":"0.00"},{"v":300,"d":"300.00"},{"v":4,"d":"4.0000"},{"v":1200,"d":"1200.00"}]
["002","Ккм ЭКР 2102К (стол. кассов. аппарат)","4","шт","Камалов Ильсур Рашитович",{"v":16445,"d":"16445.00"},{"v":1,"d":"1.0000"},{"v":16445,"d":"16445.00"},{"v":0,"d":"0.0000"},{"v":0,"d":"0.00"},{"v":0,"d":"0.0000"},{"v":0,"d":"0.00"},{"v":16445,"d":"16445.00"},{"v":1,"d":"1.0000"},{"v":16445,"d":"16445.00"}]
["002","кованные решетчатые перегородки","4","шт","Камалов Ильсур Рашитович",{"v":35773,"d":"35773.00"},{"v":2,"d":"2.0000"},{"v":71546,"d":"71546.00"},{"v":0,"d":"0.0000"},{"v":0,"d":"0.00"},{"v":0,"d":"0.0000"},{"v":0,"d":"0.00"},{"v":35773,"d":"35773.00"},{"v":2,"d":"2.0000"},{"v":71546,"d":"71546.00"}]
["10536","Коврик резин.(д.сад)","4","шт","Бадретдинова  Ильзира  Габделнуровна",{"v":450,"d":"450.00"},{"v":1,"d":"1.0000"},{"v":450,"d":"450.00"},{"v":0,"d":"0.0000"},{"v":0,"d":"0.00"},{"v":0,"d":"0.0000"},{"v":0,"d":"0.00"},{"v":450,"d":"450.00"},{"v":1,"d":"1.0000"},{"v":450,"d":"450.00"}]
["10536","Ковш 1,5л нерж./2018","4","шт","Камалов Ильсур Рашитович",{"v":179,"d":"179.00"},{"v":1,"d":"1.0000"},{"v":179,"d":"179.00"},{"v":0,"d":"0.0000"},{"v":0,"d":"0.00"},{"v":0,"d":"0.0000"},{"v":0,"d":"0.00"},{"v":179,"d":"179.00"},{"v":1,"d":"1.0000"},{"v":179,"d":"179.00"}]
["021","Кожаное кресло белое/2018","4","шт","Камалов Ильсур Рашитович",{"v":9000,"d":"9000.00"},{"v":3,"d":"3.0000"},{"v":27000,"d":"27000.00"},{"v":0,"d":"0.0000"},{"v":0,"d":"0.00"},{"v":0,"d":"0.0000"},{"v":0,"d":"0.00"},{"v":9000,"d":"9000.00"},{"v":3,"d":"3.0000"},{"v":27000,"d":"27000.00"}]
["10536","кол. кварц в природе","4","шт","Камалов Ильсур Рашитович",{"v":1569,"d":"1569.00"},{"v":1,"d":"1.0000"},{"v":1569,"d":"1569.00"},{"v":0,"d":"0.0000"},{"v":0,"d":"0.00"},{"v":0,"d":"0.0000"},{"v":0,"d":"0.00"},{"v":1569,"d":"1569.00"},{"v":1,"d":"1.0000"},{"v":1569,"d":"1569.00"}]
["10536","кол.гранит и его сост.части","4","шт","Камалов Ильсур Рашитович",{"v":562,"d":"562.00"},{"v":1,"d":"1.0000"},{"v":562,"d":"562.00"},{"v":0,"d":"0.0000"},{"v":0,"d":"0.00"},{"v":0,"d":"0.0000"},{"v":0,"d":"0.00"},{"v":562,"d":"562.00"},{"v":1,"d":"1.0000"},{"v":562,"d":"562.00"}]
["10536","кол.известняки","4","шт","Камалов Ильсур Рашитович",{"v":533,"d":"533.00"},{"v":1,"d":"1.0000"},{"v":533,"d":"533.00"},{"v":0,"d":"0.0000"},{"v":0,"d":"0.00"},{"v":0,"d":"0.0000"},{"v":0,"d":"0.00"},{"v":533,"d":"533.00"},{"v":1,"d":"1.0000"},{"v":533,"d":"533.00"}]
["10536","кол.минералы и гор.породы","4","шт","Камалов Ильсур Рашитович",{"v":809,"d":"809.00"},{"v":1,"d":"1.0000"},{"v":809,"d":"809.00"},{"v":0,"d":"0.0000"},{"v":0,"d":"0.00"},{"v":0,"d":"0.0000"},{"v":0,"d":"0.00"},{"v":809,"d":"809.00"},{"v":1,"d":"1.0000"},{"v":809,"d":"809.00"}]
["10536","кол.Палеонтологическая","4","шт","Камалов Ильсур Рашитович",{"v":1684,"d":"1684.00"},{"v":1,"d":"1.0000"},{"v":1684,"d":"1684.00"},{"v":0,"d":"0.0000"},{"v":0,"d":"0.00"},{"v":0,"d":"0.0000"},{"v":0,"d":"0.00"},{"v":1684,"d":"1684.00"},{"v":1,"d":"1.0000"},{"v":1684,"d":"1684.00"}]
["10536","кол.Полезные  ископаемые","4","шт","Камалов Ильсур Рашитович",{"v":2223,"d":"2223.00"},{"v":1,"d":"1.0000"},{"v":2223,"d":"2223.00"},{"v":0,"d":"0.0000"},{"v":0,"d":"0.00"},{"v":0,"d":"0.0000"},{"v":0,"d":"0.00"},{"v":2223,"d":"2223.00"},{"v":1,"d":"1.0000"},{"v":2223,"d":"2223.00"}]
["10536","кол.почва и ее состав","4","шт","Камалов Ильсур Рашитович",{"v":734,"d":"734.00"},{"v":1,"d":"1.0000"},{"v":734,"d":"734.00"},{"v":0,"d":"0.0000"},{"v":0,"d":"0.00"},{"v":0,"d":"0.0000"},{"v":0,"d":"0.00"},{"v":734,"d":"734.00"},{"v":1,"d":"1.0000"},{"v":734,"d":"734.00"}]
["10536","ком-т полосов. дугообраз. магнитов","4","шт","Камалов Ильсур Рашитович",{"v":346,"d":"346.00"},{"v":1,"d":"1.0000"},{"v":346,"d":"346.00"},{"v":0,"d":"0.0000"},{"v":0,"d":"0.00"},{"v":0,"d":"0.0000"},{"v":0,"d":"0.00"},{"v":346,"d":"346.00"},{"v":1,"d":"1.0000"},{"v":346,"d":"346.00"}]
["10536","ком-т соединительных проводов","4","шт","Камалов Ильсур Рашитович",{"v":243,"d":"243.00"},{"v":1,"d":"1.0000"},{"v":243,"d":"243.00"},{"v":0,"d":"0.0000"},{"v":0,"d":"0.00"},{"v":0,"d":"0.0000"},{"v":0,"d":"0.00"},{"v":243,"d":"243.00"},{"v":1,"d":"1.0000"},{"v":243,"d":"243.00"}]
["10536","компас ученич.","4","шт","Камалов Ильсур Рашитович",73.75,{"v":4,"d":"4.0000"},294.99,{"v":0,"d":"0.0000"},{"v":0,"d":"0.00"},{"v":0,"d":"0.0000"},{"v":0,"d":"0.00"},73.75,{"v":4,"d":"4.0000"},294.99]
["002","компл.распред.устр-во","4","шт","Камалов Ильсур Рашитович",28806.66,{"v":6,"d":"6.0000"},172839.98,{"v":0,"d":"0.0000"},{"v":0,"d":"0.00"},{"v":0,"d":"0.0000"},{"v":0,"d":"0.00"},28806.66,{"v":6,"d":"6.0000"},172839.98]
["021","Компл.распред.устр-во(подстанция)/12.2008г","4","шт","Камалов Ильсур Рашитович",{"v":2000,"d":"2000.00"},{"v":4,"d":"4.0000"},8000.02,{"v":0,"d":"0.0000"},{"v":0,"d":"0.00"},{"v":0,"d":"0.0000"},{"v":0,"d":"0.00"},{"v":2000,"d":"2000.00"},{"v":4,"d":"4.0000"},8000.02]
["10536","Комплект бокалов/2019","4","шт","Камалов Ильсур Рашитович",{"v":2000,"d":"2000.00"},{"v":1,"d":"1.0000"},{"v":2000,"d":"2000.00"},{"v":0,"d":"0.0000"},{"v":0,"d":"0.00"},{"v":0,"d":"0.0000"},{"v":0,"d":"0.00"},{"v":2000,"d":"2000.00"},{"v":1,"d":"1.0000"},{"v":2000,"d":"2000.00"}]
["10536","комплект для химии №28/17/6","4","шт","Камалов Ильсур Рашитович",1359.13,{"v":38,"d":"38.0000"},{"v":51647,"d":"51647.00"},{"v":0,"d":"0.0000"},{"v":0,"d":"0.00"},{"v":0,"d":"0.0000"},{"v":0,"d":"0.00"},1359.13,{"v":38,"d":"38.0000"},{"v":51647,"d":"51647.00"}]
["10536","комплект таблиц по математике из 16табл","4","шт","Камалов Ильсур Рашитович",{"v":2736,"d":"2736.00"},{"v":1,"d":"1.0000"},{"v":2736,"d":"2736.00"},{"v":0,"d":"0.0000"},{"v":0,"d":"0.00"},{"v":0,"d":"0.0000"},{"v":0,"d":"0.00"},{"v":2736,"d":"2736.00"},{"v":1,"d":"1.0000"},{"v":2736,"d":"2736.00"}]
["10536","комплект таблиц по физике","4","шт","Камалов Ильсур Рашитович",{"v":2736,"d":"2736.00"},{"v":1,"d":"1.0000"},{"v":2736,"d":"2736.00"},{"v":0,"d":"0.0000"},{"v":0,"d":"0.00"},{"v":0,"d":"0.0000"},{"v":0,"d":"0.00"},{"v":2736,"d":"2736.00"},{"v":1,"d":"1.0000"},{"v":2736,"d":"2736.00"}]
["10536","комплект таблиц по химии из 15табл","4","шт","Камалов Ильсур Рашитович",{"v":2736,"d":"2736.00"},{"v":1,"d":"1.0000"},{"v":2736,"d":"2736.00"},{"v":0,"d":"0.0000"},{"v":0,"d":"0.00"},{"v":0,"d":"0.0000"},{"v":0,"d":"0.00"},{"v":2736,"d":"2736.00"},{"v":1,"d":"1.0000"},{"v":2736,"d":"2736.00"}]
["021","Комплект таблиц по химии/04.2008г","4","шт","Камалов Ильсур Рашитович",{"v":2736,"d":"2736.00"},{"v":1,"d":"1.0000"},{"v":2736,"d":"2736.00"},{"v":0,"d":"0.0000"},{"v":0,"d":"0.00"},{"v":0,"d":"0.0000"},{"v":0,"d":"0.00"},{"v":2736,"d":"2736.00"},{"v":1,"d":"1.0000"},{"v":2736,"d":"2736.00"}]
["10536","комплект таблицпо биол.№1/5","4","шт","Камалов Ильсур Рашитович",491.77,{"v":22,"d":"22.0000"},{"v":10819,"d":"10819.00"},{"v":0,"d":"0.0000"},{"v":0,"d":"0.00"},{"v":0,"d":"0.0000"},{"v":0,"d":"0.00"},491.77,{"v":22,"d":"22.0000"},{"v":10819,"d":"10819.00"}]
["10536","Конфорка КЭТ-0,12/2018","4","шт","Камалов Ильсур Рашитович",{"v":5000,"d":"5000.00"},{"v":6,"d":"6.0000"},{"v":30000,"d":"30000.00"},{"v":0,"d":"0.0000"},{"v":0,"d":"0.00"},{"v":0,"d":"0.0000"},{"v":0,"d":"0.00"},{"v":5000,"d":"5000.00"},{"v":6,"d":"6.0000"},{"v":30000,"d":"30000.00"}]
["10536","Коробка стерилизационная (3л) (д.сад)","4","шт","Бадретдинова  Ильзира  Габделнуровна",{"v":700,"d":"700.00"},{"v":1,"d":"1.0000"},{"v":700,"d":"700.00"},{"v":0,"d":"0.0000"},{"v":0,"d":"0.00"},{"v":0,"d":"0.0000"},{"v":0,"d":"0.00"},{"v":700,"d":"700.00"},{"v":1,"d":"1.0000"},{"v":700,"d":"700.00"}]
["10535","костюм \"Морская пехота\"","4","компл","Камалов Ильсур Рашитович",3181.82,{"v":11,"d":"11.0000"},{"v":35000,"d":"35000.00"},{"v":0,"d":"0.0000"},{"v":0,"d":"0.00"},{"v":0,"d":"0.0000"},{"v":0,"d":"0.00"},3181.82,{"v":11,"d":"11.0000"},{"v":35000,"d":"35000.00"}]
["002","Котел водогрейный","4","шт","Камалов Ильсур Рашитович",{"v":399000,"d":"399000.00"},{"v":3,"d":"3.0000"},{"v":1197000,"d":"1197000.00"},{"v":0,"d":"0.0000"},{"v":0,"d":"0.00"},{"v":0,"d":"0.0000"},{"v":0,"d":"0.00"},{"v":399000,"d":"399000.00"},{"v":3,"d":"3.0000"},{"v":1197000,"d":"1197000.00"}]
["002","Котел пищеварочный 160л","4","шт","Камалов Ильсур Рашитович",{"v":51230,"d":"51230.00"},{"v":1,"d":"1.0000"},{"v":51230,"d":"51230.00"},{"v":0,"d":"0.0000"},{"v":0,"d":"0.00"},{"v":0,"d":"0.0000"},{"v":0,"d":"0.00"},{"v":51230,"d":"51230.00"},{"v":1,"d":"1.0000"},{"v":51230,"d":"51230.00"}]
["021","Крепление для проектора (д.сад)","4","шт","Мифтахова  Айгуль  Ильгизаровна",{"v":2650,"d":"2650.00"},{"v":1,"d":"1.0000"},{"v":2650,"d":"2650.00"},{"v":0,"d":"0.0000"},{"v":0,"d":"0.00"},{"v":0,"d":"0.0000"},{"v":0,"d":"0.00"},{"v":2650,"d":"2650.00"},{"v":1,"d":"1.0000"},{"v":2650,"d":"2650.00"}]
["021","Кресло ораторское (д.сад)","4","шт","Мифтахова  Айгуль  Ильгизаровна",1499.99,{"v":1,"d":"1.0000"},1499.99,{"v":0,"d":"0.0000"},{"v":0,"d":"0.00"},{"v":0,"d":"0.0000"},{"v":0,"d":"0.00"},1499.99,{"v":1,"d":"1.0000"},1499.99]
["021","Кресло театральное/2018","4","шт","Камалов Ильсур Рашитович",{"v":2300,"d":"2300.00"},{"v":166,"d":"166.0000"},{"v":381800,"d":"381800.00"},{"v":0,"d":"0.0000"},{"v":0,"d":"0.00"},{"v":0,"d":"0.0000"},{"v":0,"d":"0.00"},{"v":2300,"d":"2300.00"},{"v":166,"d":"166.0000"},{"v":381800,"d":"381800.00"}]
["021","Кровать детская (д.сад)","4","шт","Мифтахова  Айгуль  Ильгизаровна",2610.01,{"v":13,"d":"13.0000"},33930.07,{"v":0,"d":"0.0000"},{"v":0,"d":"0.00"},{"v":0,"d":"0.0000"},{"v":0,"d":"0.00"},2610.01,{"v":13,"d":"13.0000"},33930.07]
["021","Кровать детская 1400*600*330 (д.сад)","4","шт","Мифтахова  Айгуль  Ильгизаровна",{"v":2000,"d":"2000.00"},{"v":39,"d":"39.0000"},{"v":78000,"d":"78000.00"},{"v":0,"d":"0.0000"},{"v":0,"d":"0.00"},{"v":0,"d":"0.0000"},{"v":0,"d":"0.00"},{"v":2000,"d":"2000.00"},{"v":39,"d":"39.0000"},{"v":78000,"d":"78000.00"}]
["021","Кронштейн д/телевизора Холдер /2017","4","шт","Камалов Ильсур Рашитович",{"v":1840,"d":"1840.00"},{"v":1,"d":"1.0000"},{"v":1840,"d":"1840.00"},{"v":0,"d":"0.0000"},{"v":0,"d":"0.00"},{"v":0,"d":"0.0000"},{"v":0,"d":"0.00"},{"v":1840,"d":"1840.00"},{"v":1,"d":"1.0000"},{"v":1840,"d":"1840.00"}]
["10536","Кронштейн/2018","4","шт","Камалов Ильсур Рашитович",{"v":150,"d":"150.00"},{"v":1,"d":"1.0000"},{"v":150,"d":"150.00"},{"v":0,"d":"0.0000"},{"v":0,"d":"0.00"},{"v":0,"d":"0.0000"},{"v":0,"d":"0.00"},{"v":150,"d":"150.00"},{"v":1,"d":"1.0000"},{"v":150,"d":"150.00"}]
["10536","Кружка из нержав.стали 250мл без крышки/2018","4","шт","Камалов Ильсур Рашитович",{"v":64,"d":"64.00"},{"v":250,"d":"250.0000"},{"v":16000,"d":"16000.00"},{"v":0,"d":"0.0000"},{"v":0,"d":"0.00"},{"v":0,"d":"0.0000"},{"v":0,"d":"0.00"},{"v":64,"d":"64.00"},{"v":250,"d":"250.0000"},{"v":16000,"d":"16000.00"}]
["10536","Кружка с ручкой и с рисунком (д.сад)","4","шт","Бадретдинова  Ильзира  Габделнуровна",{"v":27,"d":"27.00"},{"v":26,"d":"26.0000"},{"v":702,"d":"702.00"},{"v":0,"d":"0.0000"},{"v":0,"d":"0.00"},{"v":0,"d":"0.0000"},{"v":0,"d":"0.00"},{"v":27,"d":"27.00"},{"v":26,"d":"26.0000"},{"v":702,"d":"702.00"}]
["021","Кружка фаян (д.сад)","4","шт","Мифтахова  Айгуль  Ильгизаровна",{"v":27,"d":"27.00"},{"v":20,"d":"20.0000"},{"v":540,"d":"540.00"},{"v":0,"d":"0.0000"},{"v":0,"d":"0.00"},{"v":0,"d":"0.0000"},{"v":0,"d":"0.00"},{"v":27,"d":"27.00"},{"v":20,"d":"20.0000"},{"v":540,"d":"540.00"}]
["007","Кубок Главы по футболу 2009г","4","шт","Камалов Ильсур Рашитович",{"v":250,"d":"250.00"},{"v":1,"d":"1.0000"},{"v":250,"d":"250.00"},{"v":0,"d":"0.0000"},{"v":0,"d":"0.00"},{"v":0,"d":"0.0000"},{"v":0,"d":"0.00"},{"v":250,"d":"250.00"},{"v":1,"d":"1.0000"},{"v":250,"d":"250.00"}]
["007","Кубок Нур-Баяна 2015г","4","шт","Камалов Ильсур Рашитович",{"v":200,"d":"200.00"},{"v":1,"d":"1.0000"},{"v":200,"d":"200.00"},{"v":0,"d":"0.0000"},{"v":0,"d":"0.00"},{"v":0,"d":"0.0000"},{"v":0,"d":"0.00"},{"v":200,"d":"200.00"},{"v":1,"d":"1.0000"},{"v":200,"d":"200.00"}]
["007","Кубок. \"Конкурс безопасное колесо\" 2019","4","шт","Камалов Ильсур Рашитович",{"v":300,"d":"300.00"},{"v":1,"d":"1.0000"},{"v":300,"d":"300.00"},{"v":0,"d":"0.0000"},{"v":0,"d":"0.00"},{"v":0,"d":"0.0000"},{"v":0,"d":"0.00"},{"v":300,"d":"300.00"},{"v":1,"d":"1.0000"},{"v":300,"d":"300.00"}]
["007","Кубок. 1ая Спартакиада учащихся 2016г.","4","шт","Камалов Ильсур Рашитович",{"v":300,"d":"300.00"},{"v":1,"d":"1.0000"},{"v":300,"d":"300.00"},{"v":0,"d":"0.0000"},{"v":0,"d":"0.00"},{"v":0,"d":"0.0000"},{"v":0,"d":"0.00"},{"v":300,"d":"300.00"},{"v":1,"d":"1.0000"},{"v":300,"d":"300.00"}]
["007","Кубок. 3ая Спартакиада учащихся по мини-футболу ","4","шт","Камалов Ильсур Рашитович",{"v":250,"d":"250.00"},{"v":1,"d":"1.0000"},{"v":250,"d":"250.00"},{"v":0,"d":"0.0000"},{"v":0,"d":"0.00"},{"v":0,"d":"0.0000"},{"v":0,"d":"0.00"},{"v":250,"d":"250.00"},{"v":1,"d":"1.0000"},{"v":250,"d":"250.00"}]
["007","Кубок. Военно-спортивная игра \"Поколение 21 века\" 2018г","4","шт","Камалов Ильсур Рашитович",{"v":150,"d":"150.00"},{"v":1,"d":"1.0000"},{"v":150,"d":"150.00"},{"v":0,"d":"0.0000"},{"v":0,"d":"0.00"},{"v":0,"d":"0.0000"},{"v":0,"d":"0.00"},{"v":150,"d":"150.00"},{"v":1,"d":"1.0000"},{"v":150,"d":"150.00"}]
["007","Кубок. Зональный этап соревнований по волейболу ","4","шт","Камалов Ильсур Рашитович",{"v":250,"d":"250.00"},{"v":1,"d":"1.0000"},{"v":250,"d":"250.00"},{"v":0,"d":"0.0000"},{"v":0,"d":"0.00"},{"v":0,"d":"0.0000"},{"v":0,"d":"0.00"},{"v":250,"d":"250.00"},{"v":1,"d":"1.0000"},{"v":250,"d":"250.00"}]
["007","Кубок. Конкурс \"Безопасное колесо\" 2018г","4","шт","Камалов Ильсур Рашитович",{"v":150,"d":"150.00"},{"v":1,"d":"1.0000"},{"v":150,"d":"150.00"},{"v":0,"d":"0.0000"},{"v":0,"d":"0.00"},{"v":0,"d":"0.0000"},{"v":0,"d":"0.00"},{"v":150,"d":"150.00"},{"v":1,"d":"1.0000"},{"v":150,"d":"150.00"}]
["007","Кубок. Лучший отряд ЮИД 2017-2018г","4","шт","Камалов Ильсур Рашитович",{"v":200,"d":"200.00"},{"v":1,"d":"1.0000"},{"v":200,"d":"200.00"},{"v":0,"d":"0.0000"},{"v":0,"d":"0.00"},{"v":0,"d":"0.0000"},{"v":0,"d":"0.00"},{"v":200,"d":"200.00"},{"v":1,"d":"1.0000"},{"v":200,"d":"200.00"}]
["007","Кубок. Лучший отряд ЮИД 2018-2019г.","4","шт","Камалов Ильсур Рашитович",{"v":150,"d":"150.00"},{"v":1,"d":"1.0000"},{"v":150,"d":"150.00"},{"v":0,"d":"0.0000"},{"v":0,"d":"0.00"},{"v":0,"d":"0.0000"},{"v":0,"d":"0.00"},{"v":150,"d":"150.00"},{"v":1,"d":"1.0000"},{"v":150,"d":"150.00"}]
["007","Кубок. Лучший руководитель отряда ЮИД","4","шт","Камалов Ильсур Рашитович",{"v":200,"d":"200.00"},{"v":1,"d":"1.0000"},{"v":200,"d":"200.00"},{"v":0,"d":"0.0000"},{"v":0,"d":"0.00"},{"v":0,"d":"0.0000"},{"v":0,"d":"0.00"},{"v":200,"d":"200.00"},{"v":1,"d":"1.0000"},{"v":200,"d":"200.00"}]
["007","Кубок. Мини-футбол в школу 2019-2020г","4","шт","Камалов Ильсур Рашитович",{"v":250,"d":"250.00"},{"v":1,"d":"1.0000"},{"v":250,"d":"250.00"},{"v":0,"d":"0.0000"},{"v":0,"d":"0.00"},{"v":0,"d":"0.0000"},{"v":0,"d":"0.00"},{"v":250,"d":"250.00"},{"v":1,"d":"1.0000"},{"v":250,"d":"250.00"}]
["007","Кубок. Молодежка ОНФ \"Это мы\"","4","шт","Камалов Ильсур Рашитович",{"v":300,"d":"300.00"},{"v":1,"d":"1.0000"},{"v":300,"d":"300.00"},{"v":0,"d":"0.0000"},{"v":0,"d":"0.00"},{"v":0,"d":"0.0000"},{"v":0,"d":"0.00"},{"v":300,"d":"300.00"},{"v":1,"d":"1.0000"},{"v":300,"d":"300.00"}]
["007","Кубок. Открытый турнир по баскетболу ","4","шт","Камалов Ильсур Рашитович",{"v":200,"d":"200.00"},{"v":1,"d":"1.0000"},{"v":200,"d":"200.00"},{"v":0,"d":"0.0000"},{"v":0,"d":"0.00"},{"v":0,"d":"0.0000"},{"v":0,"d":"0.00"},{"v":200,"d":"200.00"},{"v":1,"d":"1.0000"},{"v":200,"d":"200.00"}]
["007","Кубок. Первая Спартакиада учащихся по баскетболу 2016г","4","шт","Камалов Ильсур Рашитович",{"v":200,"d":"200.00"},{"v":1,"d":"1.0000"},{"v":200,"d":"200.00"},{"v":0,"d":"0.0000"},{"v":0,"d":"0.00"},{"v":0,"d":"0.0000"},{"v":0,"d":"0.00"},{"v":200,"d":"200.00"},{"v":1,"d":"1.0000"},{"v":200,"d":"200.00"}]
["007","Кубок. Первенство района по волейболу 2017г.","4","шт","Камалов Ильсур Рашитович",{"v":300,"d":"300.00"},{"v":1,"d":"1.0000"},{"v":300,"d":"300.00"},{"v":0,"d":"0.0000"},{"v":0,"d":"0.00"},{"v":0,"d":"0.0000"},{"v":0,"d":"0.00"},{"v":300,"d":"300.00"},{"v":1,"d":"1.0000"},{"v":300,"d":"300.00"}]
["007","Кубок. Соревнования памяти А.Ф. Аминова ","4","шт","Камалов Ильсур Рашитович",{"v":300,"d":"300.00"},{"v":1,"d":"1.0000"},{"v":300,"d":"300.00"},{"v":0,"d":"0.0000"},{"v":0,"d":"0.00"},{"v":0,"d":"0.0000"},{"v":0,"d":"0.00"},{"v":300,"d":"300.00"},{"v":1,"d":"1.0000"},{"v":300,"d":"300.00"}]
["007","Кубок. Турнир по мини-футболу ","4","шт","Камалов Ильсур Рашитович",{"v":250,"d":"250.00"},{"v":1,"d":"1.0000"},{"v":250,"d":"250.00"},{"v":0,"d":"0.0000"},{"v":0,"d":"0.00"},{"v":0,"d":"0.0000"},{"v":0,"d":"0.00"},{"v":250,"d":"250.00"},{"v":1,"d":"1.0000"},{"v":250,"d":"250.00"}]
["007","Кубок. Турнир по мини-футболу памяти Каримова И.2018г","4","шт","Камалов Ильсур Рашитович",{"v":300,"d":"300.00"},{"v":1,"d":"1.0000"},{"v":300,"d":"300.00"},{"v":0,"d":"0.0000"},{"v":0,"d":"0.00"},{"v":0,"d":"0.0000"},{"v":0,"d":"0.00"},{"v":300,"d":"300.00"},{"v":1,"d":"1.0000"},{"v":300,"d":"300.00"}]
["007","Кубок. Турнир по стритболу 2017","4","шт","Камалов Ильсур Рашитович",{"v":150,"d":"150.00"},{"v":1,"d":"1.0000"},{"v":150,"d":"150.00"},{"v":0,"d":"0.0000"},{"v":0,"d":"0.00"},{"v":0,"d":"0.0000"},{"v":0,"d":"0.00"},{"v":150,"d":"150.00"},{"v":1,"d":"1.0000"},{"v":150,"d":"150.00"}]
["007","Кубок. Чемпионат школьной баскетбольной лиги 2011-2012г","4","шт","Камалов Ильсур Рашитович",{"v":200,"d":"200.00"},{"v":1,"d":"1.0000"},{"v":200,"d":"200.00"},{"v":0,"d":"0.0000"},{"v":0,"d":"0.00"},{"v":0,"d":"0.0000"},{"v":0,"d":"0.00"},{"v":200,"d":"200.00"},{"v":1,"d":"1.0000"},{"v":200,"d":"200.00"}]
["007","Кубок. Чемпионат школьной баскетбольной лиги 2018-2019г","4","шт","Камалов Ильсур Рашитович",{"v":250,"d":"250.00"},{"v":1,"d":"1.0000"},{"v":250,"d":"250.00"},{"v":0,"d":"0.0000"},{"v":0,"d":"0.00"},{"v":0,"d":"0.0000"},{"v":0,"d":"0.00"},{"v":250,"d":"250.00"},{"v":1,"d":"1.0000"},{"v":250,"d":"250.00"}]
["007","Кубок. Юный патриот 2013г.","4","шт","Камалов Ильсур Рашитович",{"v":150,"d":"150.00"},{"v":1,"d":"1.0000"},{"v":150,"d":"150.00"},{"v":0,"d":"0.0000"},{"v":0,"d":"0.00"},{"v":0,"d":"0.0000"},{"v":0,"d":"0.00"},{"v":150,"d":"150.00"},{"v":1,"d":"1.0000"},{"v":150,"d":"150.00"}]
["001","Куст сирени (д.сад)","4","шт","Аскарова  Альфия  Хурматулловна",{"v":20,"d":"20.00"},{"v":1,"d":"1.0000"},{"v":20,"d":"20.00"},{"v":0,"d":"0.0000"},{"v":0,"d":"0.00"},{"v":0,"d":"0.0000"},{"v":0,"d":"0.00"},{"v":20,"d":"20.00"},{"v":1,"d":"1.0000"},{"v":20,"d":"20.00"}]
["001","Куст смородины (д.сад)","4","шт","Аскарова  Альфия  Хурматулловна",{"v":30,"d":"30.00"},{"v":2,"d":"2.0000"},{"v":60,"d":"60.00"},{"v":0,"d":"0.0000"},{"v":0,"d":"0.00"},{"v":0,"d":"0.0000"},{"v":0,"d":"0.00"},{"v":30,"d":"30.00"},{"v":2,"d":"2.0000"},{"v":60,"d":"60.00"}]
["001","Куст шиповника (д.сад)","4","шт","Аскарова  Альфия  Хурматулловна",{"v":20,"d":"20.00"},{"v":1,"d":"1.0000"},{"v":20,"d":"20.00"},{"v":0,"d":"0.0000"},{"v":0,"d":"0.00"},{"v":0,"d":"0.0000"},{"v":0,"d":"0.00"},{"v":20,"d":"20.00"},{"v":1,"d":"1.0000"},{"v":20,"d":"20.00"}]
["021","Кушетка смотровая/10.2007г","4","шт","Камалов Ильсур Рашитович",{"v":1980,"d":"1980.00"},{"v":1,"d":"1.0000"},{"v":1980,"d":"1980.00"},{"v":0,"d":"0.0000"},{"v":0,"d":"0.00"},{"v":0,"d":"0.0000"},{"v":0,"d":"0.00"},{"v":1980,"d":"1980.00"},{"v":1,"d":"1.0000"},{"v":1980,"d":"1980.00"}]
["021","лавка двухьярусная для занятий гимнастикой","4","шт","Камалов Ильсур Рашитович",{"v":1900,"d":"1900.00"},{"v":3,"d":"3.0000"},{"v":5700,"d":"5700.00"},{"v":0,"d":"0.0000"},{"v":0,"d":"0.00"},{"v":0,"d":"0.0000"},{"v":0,"d":"0.00"},{"v":1900,"d":"1900.00"},{"v":3,"d":"3.0000"},{"v":5700,"d":"5700.00"}]
["021","Лейки (д.сад)","4","шт","Мифтахова  Айгуль  Ильгизаровна",{"v":75,"d":"75.00"},{"v":5,"d":"5.0000"},{"v":375,"d":"375.00"},{"v":0,"d":"0.0000"},{"v":0,"d":"0.00"},{"v":0,"d":"0.0000"},{"v":0,"d":"0.00"},{"v":75,"d":"75.00"},{"v":5,"d":"5.0000"},{"v":375,"d":"375.00"}]
["10536","ложка соусная 330мм нерж.50мл.","4","шт","Камалов Ильсур Рашитович",{"v":105,"d":"105.00"},{"v":3,"d":"3.0000"},{"v":315,"d":"315.00"},{"v":0,"d":"0.0000"},{"v":0,"d":"0.00"},{"v":0,"d":"0.0000"},{"v":0,"d":"0.00"},{"v":105,"d":"105.00"},{"v":3,"d":"3.0000"},{"v":315,"d":"315.00"}]
["021","Ложка стол.из нерж.стали (д.сад)","4","шт","Мифтахова  Айгуль  Ильгизаровна",{"v":17,"d":"17.00"},{"v":15,"d":"15.0000"},{"v":255,"d":"255.00"},{"v":0,"d":"0.0000"},{"v":0,"d":"0.00"},{"v":0,"d":"0.0000"},{"v":0,"d":"0.00"},{"v":17,"d":"17.00"},{"v":15,"d":"15.0000"},{"v":255,"d":"255.00"}]
["10536","Ложка стол.Новинка-1","4","шт","Камалов Ильсур Рашитович",{"v":15,"d":"15.00"},{"v":200,"d":"200.0000"},{"v":3000,"d":"3000.00"},{"v":0,"d":"0.0000"},{"v":0,"d":"0.00"},{"v":0,"d":"0.0000"},{"v":0,"d":"0.00"},{"v":15,"d":"15.00"},{"v":200,"d":"200.0000"},{"v":3000,"d":"3000.00"}]
["10536","Ложка столов./2018","4","шт","Камалов Ильсур Рашитович",{"v":20,"d":"20.00"},{"v":100,"d":"100.0000"},{"v":2000,"d":"2000.00"},{"v":0,"d":"0.0000"},{"v":0,"d":"0.00"},{"v":0,"d":"0.0000"},{"v":0,"d":"0.00"},{"v":20,"d":"20.00"},{"v":100,"d":"100.0000"},{"v":2000,"d":"2000.00"}]
["10536","Ложка столовая (д.сад)","4","шт","Бадретдинова  Ильзира  Габделнуровна",{"v":17,"d":"17.00"},{"v":40,"d":"40.0000"},{"v":680,"d":"680.00"},{"v":0,"d":"0.0000"},{"v":0,"d":"0.00"},{"v":0,"d":"0.0000"},{"v":0,"d":"0.00"},{"v":17,"d":"17.00"},{"v":40,"d":"40.0000"},{"v":680,"d":"680.00"}]
["10536","Ложка чайн.","4","шт","Камалов Ильсур Рашитович",{"v":13,"d":"13.00"},{"v":100,"d":"100.0000"},{"v":1300,"d":"1300.00"},{"v":0,"d":"0.0000"},{"v":0,"d":"0.00"},{"v":0,"d":"0.0000"},{"v":0,"d":"0.00"},{"v":13,"d":"13.00"},{"v":100,"d":"100.0000"},{"v":1300,"d":"1300.00"}]
["10536","Ложка чайная (д.сад)","4","шт","Бадретдинова  Ильзира  Габделнуровна",{"v":12,"d":"12.00"},{"v":50,"d":"50.0000"},{"v":600,"d":"600.00"},{"v":0,"d":"0.0000"},{"v":0,"d":"0.00"},{"v":0,"d":"0.0000"},{"v":0,"d":"0.00"},{"v":12,"d":"12.00"},{"v":50,"d":"50.0000"},{"v":600,"d":"600.00"}]
["021","Лопата снеговая пластм.черная (д.сад)","4","шт","Мифтахова  Айгуль  Ильгизаровна",{"v":210,"d":"210.00"},{"v":2,"d":"2.0000"},{"v":420,"d":"420.00"},{"v":0,"d":"0.0000"},{"v":0,"d":"0.00"},{"v":0,"d":"0.0000"},{"v":0,"d":"0.00"},{"v":210,"d":"210.00"},{"v":2,"d":"2.0000"},{"v":420,"d":"420.00"}]
["021","Лопата штыковая облегч.(д.сад)","4","шт","Мифтахова  Айгуль  Ильгизаровна",{"v":82,"d":"82.00"},{"v":5,"d":"5.0000"},{"v":410,"d":"410.00"},{"v":0,"d":"0.0000"},{"v":0,"d":"0.00"},{"v":0,"d":"0.0000"},{"v":0,"d":"0.00"},{"v":82,"d":"82.00"},{"v":5,"d":"5.0000"},{"v":410,"d":"410.00"}]
["10536","лопаткагарнир.перфориров.(нерж.дер.ручк)","4","шт","Камалов Ильсур Рашитович",{"v":48,"d":"48.00"},{"v":2,"d":"2.0000"},{"v":96,"d":"96.00"},{"v":0,"d":"0.0000"},{"v":0,"d":"0.00"},{"v":0,"d":"0.0000"},{"v":0,"d":"0.00"},{"v":48,"d":"48.00"},{"v":2,"d":"2.0000"},{"v":96,"d":"96.00"}]
["10536","лотки для хранения оборуд-я","4","шт","Камалов Ильсур Рашитович",{"v":435,"d":"435.00"},{"v":45,"d":"45.0000"},{"v":19575,"d":"19575.00"},{"v":0,"d":"0.0000"},{"v":0,"d":"0.00"},{"v":0,"d":"0.0000"},{"v":0,"d":"0.00"},{"v":435,"d":"435.00"},{"v":45,"d":"45.0000"},{"v":19575,"d":"19575.00"}]
["10536","Лоток почвообразный (эмалир) (д.сад)","4","шт","Бадретдинова  Ильзира  Габделнуровна",{"v":165,"d":"165.00"},{"v":5,"d":"5.0000"},{"v":825,"d":"825.00"},{"v":0,"d":"0.0000"},{"v":0,"d":"0.00"},{"v":0,"d":"0.0000"},{"v":0,"d":"0.00"},{"v":165,"d":"165.00"},{"v":5,"d":"5.0000"},{"v":825,"d":"825.00"}]
["021","лыжи 160,170,180,190,200см","4","пар","Камалов Ильсур Рашитович",794.44,{"v":5,"d":"5.0000"},3972.22,{"v":0,"d":"0.0000"},{"v":0,"d":"0.00"},{"v":0,"d":"0.0000"},{"v":0,"d":"0.00"},794.44,{"v":5,"d":"5.0000"},3972.22]
["021","Лыжи пластик/2016","4","шт","Камалов Ильсур Рашитович",{"v":3000,"d":"3000.00"},{"v":5,"d":"5.0000"},{"v":15000,"d":"15000.00"},{"v":0,"d":"0.0000"},{"v":0,"d":"0.00"},{"v":0,"d":"0.0000"},{"v":0,"d":"0.00"},{"v":3000,"d":"3000.00"},{"v":5,"d":"5.0000"},{"v":15000,"d":"15000.00"}]
["021","лыжное крепление 75мм","4","пар","Камалов Ильсур Рашитович",{"v":88,"d":"88.00"},{"v":5,"d":"5.0000"},{"v":440,"d":"440.00"},{"v":0,"d":"0.0000"},{"v":0,"d":"0.00"},{"v":0,"d":"0.0000"},{"v":0,"d":"0.00"},{"v":88,"d":"88.00"},{"v":5,"d":"5.0000"},{"v":440,"d":"440.00"}]
["10536","манометр жидкостный демонстрационный","4","шт","Камалов Ильсур Рашитович",22.73,{"v":45,"d":"45.0000"},{"v":1023,"d":"1023.00"},{"v":0,"d":"0.0000"},{"v":0,"d":"0.00"},{"v":0,"d":"0.0000"},{"v":0,"d":"0.00"},22.73,{"v":45,"d":"45.0000"},{"v":1023,"d":"1023.00"}]
["021","Масленка (д.сад)","4","шт","Мифтахова  Айгуль  Ильгизаровна",{"v":0,"d":"0.00"},{"v":2,"d":"2.0000"},{"v":0,"d":"0.00"},{"v":0,"d":"0.0000"},{"v":0,"d":"0.00"},{"v":0,"d":"0.0000"},{"v":0,"d":"0.00"},{"v":0,"d":"0.00"},{"v":2,"d":"2.0000"},{"v":0,"d":"0.00"}]
["021","Мат напольный (д.сад)","4","шт","Мифтахова  Айгуль  Ильгизаровна",{"v":1200,"d":"1200.00"},{"v":2,"d":"2.0000"},{"v":2400,"d":"2400.00"},{"v":0,"d":"0.0000"},{"v":0,"d":"0.00"},{"v":0,"d":"0.0000"},{"v":0,"d":"0.00"},{"v":1200,"d":"1200.00"},{"v":2,"d":"2.0000"},{"v":2400,"d":"2400.00"}]
["10535","Матрац 1-сп, детский (д.сад)","4","шт","Бадретдинова  Ильзира  Габделнуровна",{"v":450,"d":"450.00"},{"v":26,"d":"26.0000"},11700.12,{"v":0,"d":"0.0000"},{"v":0,"d":"0.00"},{"v":0,"d":"0.0000"},{"v":0,"d":"0.00"},{"v":450,"d":"450.00"},{"v":26,"d":"26.0000"},11700.12]
["021","Матрац детский 1400*6000 (д.сад)","4","шт","Мифтахова  Айгуль  Ильгизаровна",593.22,{"v":20,"d":"20.0000"},{"v":11864.4,"d":"11864.40"},{"v":0,"d":"0.0000"},{"v":0,"d":"0.00"},{"v":0,"d":"0.0000"},{"v":0,"d":"0.00"},593.22,{"v":20,"d":"20.0000"},{"v":11864.4,"d":"11864.40"}]
["002","Машина посудомоечная","4","шт","Камалов Ильсур Рашитович",{"v":96435.5,"d":"96435.50"},{"v":1,"d":"1.0000"},{"v":96435.5,"d":"96435.50"},{"v":0,"d":"0.0000"},{"v":0,"d":"0.00"},{"v":0,"d":"0.0000"},{"v":0,"d":"0.00"},{"v":96435.5,"d":"96435.50"},{"v":1,"d":"1.0000"},{"v":96435.5,"d":"96435.50"}]
["10536","маятники электростатические","4","шт","Камалов Ильсур Рашитович",6.93,{"v":45,"d":"45.0000"},{"v":312,"d":"312.00"},{"v":0,"d":"0.0000"},{"v":0,"d":"0.00"},{"v":0,"d":"0.0000"},{"v":0,"d":"0.00"},6.93,{"v":45,"d":"45.0000"},{"v":312,"d":"312.00"}]
["021","Метла №6 круглая большая (д.сад)","4","шт","Мифтахова  Айгуль  Ильгизаровна",{"v":150,"d":"150.00"},{"v":1,"d":"1.0000"},{"v":150,"d":"150.00"},{"v":0,"d":"0.0000"},{"v":0,"d":"0.00"},{"v":0,"d":"0.0000"},{"v":0,"d":"0.00"},{"v":150,"d":"150.00"},{"v":1,"d":"1.0000"},{"v":150,"d":"150.00"}]
["021","Метод пособие \"рабочие прог.для дошк\" (д.сад)","4","шт","Мифтахова  Айгуль  Ильгизаровна",{"v":100,"d":"100.00"},{"v":50,"d":"50.0000"},{"v":5000,"d":"5000.00"},{"v":0,"d":"0.0000"},{"v":0,"d":"0.00"},{"v":0,"d":"0.0000"},{"v":0,"d":"0.00"},{"v":100,"d":"100.00"},{"v":50,"d":"50.0000"},{"v":5000,"d":"5000.00"}]
["10536","Мешки для мусора","2","шт","Камалов Ильсур Рашитович",119.88,{"v":10,"d":"10.0000"},1198.75,{"v":0,"d":"0.0000"},{"v":0,"d":"0.00"},{"v":0,"d":"0.0000"},{"v":0,"d":"0.00"},119.88,{"v":10,"d":"10.0000"},1198.75]
["021","Микрометр пневматическ./10.2007г","4","шт","Камалов Ильсур Рашитович",{"v":2860,"d":"2860.00"},{"v":1,"d":"1.0000"},{"v":2860,"d":"2860.00"},{"v":0,"d":"0.0000"},{"v":0,"d":"0.00"},{"v":0,"d":"0.0000"},{"v":0,"d":"0.00"},{"v":2860,"d":"2860.00"},{"v":1,"d":"1.0000"},{"v":2860,"d":"2860.00"}]
["10536","микроскоп биолог. №25/9б","4","шт","Камалов Ильсур Рашитович",{"v":1752,"d":"1752.00"},{"v":7,"d":"7.0000"},{"v":12264,"d":"12264.00"},{"v":0,"d":"0.0000"},{"v":0,"d":"0.00"},{"v":0,"d":"0.0000"},{"v":0,"d":"0.00"},{"v":1752,"d":"1752.00"},{"v":7,"d":"7.0000"},{"v":12264,"d":"12264.00"}]
["021","Микроскопы 0,3 М pixels","4","Руб.","Камалов Ильсур Рашитович",{"v":956,"d":"956.00"},{"v":5,"d":"5.0000"},{"v":4780,"d":"4780.00"},{"v":0,"d":"0.0000"},{"v":0,"d":"0.00"},{"v":0,"d":"0.0000"},{"v":0,"d":"0.00"},{"v":956,"d":"956.00"},{"v":5,"d":"5.0000"},{"v":4780,"d":"4780.00"}]
["10536","миллиамперметр МЛШ","4","шт","Камалов Ильсур Рашитович",{"v":469,"d":"469.00"},{"v":15,"d":"15.0000"},{"v":7035,"d":"7035.00"},{"v":0,"d":"0.0000"},{"v":0,"d":"0.00"},{"v":0,"d":"0.0000"},{"v":0,"d":"0.00"},{"v":469,"d":"469.00"},{"v":15,"d":"15.0000"},{"v":7035,"d":"7035.00"}]
["10536","мод.сдвигов земной коры","4","шт","Камалов Ильсур Рашитович",{"v":1305,"d":"1305.00"},{"v":1,"d":"1.0000"},{"v":1305,"d":"1305.00"},{"v":0,"d":"0.0000"},{"v":0,"d":"0.00"},{"v":0,"d":"0.0000"},{"v":0,"d":"0.00"},{"v":1305,"d":"1305.00"},{"v":1,"d":"1.0000"},{"v":1305,"d":"1305.00"}]
["10536","мод.строение Земли","4","шт","Камалов Ильсур Рашитович",{"v":1680,"d":"1680.00"},{"v":1,"d":"1.0000"},{"v":1680,"d":"1680.00"},{"v":0,"d":"0.0000"},{"v":0,"d":"0.00"},{"v":0,"d":"0.0000"},{"v":0,"d":"0.00"},{"v":1680,"d":"1680.00"},{"v":1,"d":"1.0000"},{"v":1680,"d":"1680.00"}]
["10536","модели по биологии №4995,4996","4","шт","Камалов Ильсур Рашитович",1341.57,{"v":88,"d":"88.0000"},{"v":118058,"d":"118058.00"},{"v":0,"d":"0.0000"},{"v":0,"d":"0.00"},{"v":0,"d":"0.0000"},{"v":0,"d":"0.00"},1341.57,{"v":88,"d":"88.0000"},{"v":118058,"d":"118058.00"}]
["021","Модель \"Единицы объема\"/2013","4","шт","Камалов Ильсур Рашитович",{"v":890,"d":"890.00"},{"v":1,"d":"1.0000"},{"v":890,"d":"890.00"},{"v":0,"d":"0.0000"},{"v":0,"d":"0.00"},{"v":0,"d":"0.0000"},{"v":0,"d":"0.00"},{"v":890,"d":"890.00"},{"v":1,"d":"1.0000"},{"v":890,"d":"890.00"}]
["021","Модель часов/2013","4","шт","Камалов Ильсур Рашитович",{"v":500,"d":"500.00"},{"v":1,"d":"1.0000"},{"v":500,"d":"500.00"},{"v":0,"d":"0.0000"},{"v":0,"d":"0.00"},{"v":0,"d":"0.0000"},{"v":0,"d":"0.00"},{"v":500,"d":"500.00"},{"v":1,"d":"1.0000"},{"v":500,"d":"500.00"}]
["10536","Мойка нерж.60*80 две чаши установ. (д.сад)","4","шт","Бадретдинова  Ильзира  Габделнуровна",{"v":2250,"d":"2250.00"},{"v":2,"d":"2.0000"},{"v":4500,"d":"4500.00"},{"v":0,"d":"0.0000"},{"v":0,"d":"0.00"},{"v":0,"d":"0.0000"},{"v":0,"d":"0.00"},{"v":2250,"d":"2250.00"},{"v":2,"d":"2.0000"},{"v":4500,"d":"4500.00"}]
["021","Мольберт регулируемый/10.2007г","4","шт","Камалов Ильсур Рашитович",{"v":1400,"d":"1400.00"},{"v":5,"d":"5.0000"},{"v":7000,"d":"7000.00"},{"v":0,"d":"0.0000"},{"v":0,"d":"0.00"},{"v":0,"d":"0.0000"},{"v":0,"d":"0.00"},{"v":1400,"d":"1400.00"},{"v":5,"d":"5.0000"},{"v":7000,"d":"7000.00"}]
["021","Мыльница (д.сад)","4","шт","Мифтахова  Айгуль  Ильгизаровна",{"v":0,"d":"0.00"},{"v":6,"d":"6.0000"},{"v":0,"d":"0.00"},{"v":0,"d":"0.0000"},{"v":0,"d":"0.00"},{"v":0,"d":"0.0000"},{"v":0,"d":"0.00"},{"v":0,"d":"0.00"},{"v":6,"d":"6.0000"},{"v":0,"d":"0.00"}]
["10536","Мясорубка в упак. с зап.решеткой (д.сад)","4","шт","Бадретдинова  Ильзира  Габделнуровна",{"v":460,"d":"460.00"},{"v":1,"d":"1.0000"},{"v":460,"d":"460.00"},{"v":0,"d":"0.0000"},{"v":0,"d":"0.00"},{"v":0,"d":"0.0000"},{"v":0,"d":"0.00"},{"v":460,"d":"460.00"},{"v":1,"d":"1.0000"},{"v":460,"d":"460.00"}]
["021","мяч весом 1000г","4","шт","Камалов Ильсур Рашитович",{"v":350,"d":"350.00"},{"v":3,"d":"3.0000"},{"v":1050,"d":"1050.00"},{"v":0,"d":"0.0000"},{"v":0,"d":"0.00"},{"v":0,"d":"0.0000"},{"v":0,"d":"0.00"},{"v":350,"d":"350.00"},{"v":3,"d":"3.0000"},{"v":1050,"d":"1050.00"}]
["021","мяч весом 150г","4","шт","Камалов Ильсур Рашитович",47.94,{"v":4,"d":"4.0000"},191.76,{"v":0,"d":"0.0000"},{"v":0,"d":"0.00"},{"v":0,"d":"0.0000"},{"v":0,"d":"0.00"},47.94,{"v":4,"d":"4.0000"},191.76]
["021","мяч весом 2000г","4","шт","Камалов Ильсур Рашитович",{"v":440,"d":"440.00"},{"v":3,"d":"3.0000"},{"v":1320,"d":"1320.00"},{"v":0,"d":"0.0000"},{"v":0,"d":"0.00"},{"v":0,"d":"0.0000"},{"v":0,"d":"0.00"},{"v":440,"d":"440.00"},{"v":3,"d":"3.0000"},{"v":1320,"d":"1320.00"}]
["021","мяч весом 3000г","4","шт","Камалов Ильсур Рашитович",{"v":500,"d":"500.00"},{"v":3,"d":"3.0000"},{"v":1500,"d":"1500.00"},{"v":0,"d":"0.0000"},{"v":0,"d":"0.00"},{"v":0,"d":"0.0000"},{"v":0,"d":"0.00"},{"v":500,"d":"500.00"},{"v":3,"d":"3.0000"},{"v":1500,"d":"1500.00"}]
["021","Мяч волейбольн./2012","4","шт","Файзуллина Рилия Габдельфартовна",{"v":1118.7,"d":"1118.70"},{"v":13,"d":"13.0000"},{"v":14543.1,"d":"14543.10"},{"v":0,"d":"0.0000"},{"v":0,"d":"0.00"},{"v":0,"d":"0.0000"},{"v":0,"d":"0.00"},{"v":1118.7,"d":"1118.70"},{"v":13,"d":"13.0000"},{"v":14543.1,"d":"14543.10"}]
["10536","набор капиляров","4","шт","Камалов Ильсур Рашитович",{"v":656,"d":"656.00"},{"v":1,"d":"1.0000"},{"v":656,"d":"656.00"},{"v":0,"d":"0.0000"},{"v":0,"d":"0.00"},{"v":0,"d":"0.0000"},{"v":0,"d":"0.00"},{"v":656,"d":"656.00"},{"v":1,"d":"1.0000"},{"v":656,"d":"656.00"}]
["10536","Набор манжет к тонометру (д.сад)","4","компл","Бадретдинова  Ильзира  Габделнуровна",{"v":450,"d":"450.00"},{"v":1,"d":"1.0000"},{"v":450,"d":"450.00"},{"v":0,"d":"0.0000"},{"v":0,"d":"0.00"},{"v":0,"d":"0.0000"},{"v":0,"d":"0.00"},{"v":450,"d":"450.00"},{"v":1,"d":"1.0000"},{"v":450,"d":"450.00"}]
["021","Набор муляжей грибов/2013","4","шт","Камалов Ильсур Рашитович",{"v":890,"d":"890.00"},{"v":1,"d":"1.0000"},{"v":890,"d":"890.00"},{"v":0,"d":"0.0000"},{"v":0,"d":"0.00"},{"v":0,"d":"0.0000"},{"v":0,"d":"0.00"},{"v":890,"d":"890.00"},{"v":1,"d":"1.0000"},{"v":890,"d":"890.00"}]
["021","Набор муляжей овощей/2013","4","шт","Камалов Ильсур Рашитович",{"v":1150,"d":"1150.00"},{"v":1,"d":"1.0000"},{"v":1150,"d":"1150.00"},{"v":0,"d":"0.0000"},{"v":0,"d":"0.00"},{"v":0,"d":"0.0000"},{"v":0,"d":"0.00"},{"v":1150,"d":"1150.00"},{"v":1,"d":"1.0000"},{"v":1150,"d":"1150.00"}]
["021","Набор муляжей фруктов/2013","4","шт","Камалов Ильсур Рашитович",{"v":1200,"d":"1200.00"},{"v":1,"d":"1.0000"},{"v":1200,"d":"1200.00"},{"v":0,"d":"0.0000"},{"v":0,"d":"0.00"},{"v":0,"d":"0.0000"},{"v":0,"d":"0.00"},{"v":1200,"d":"1200.00"},{"v":1,"d":"1.0000"},{"v":1200,"d":"1200.00"}]
["10536","набор ножей с дерев. ручками\"Поварская тройка\"","4","шт","Камалов Ильсур Рашитович",{"v":715.5,"d":"715.50"},{"v":1,"d":"1.0000"},{"v":715.5,"d":"715.50"},{"v":0,"d":"0.0000"},{"v":0,"d":"0.00"},{"v":0,"d":"0.0000"},{"v":0,"d":"0.00"},{"v":715.5,"d":"715.50"},{"v":1,"d":"1.0000"},{"v":715.5,"d":"715.50"}]
["10536","набор ножей с дерев.ручк.Поварская тройк","4","шт","Камалов Ильсур Рашитович",{"v":795,"d":"795.00"},{"v":1,"d":"1.0000"},{"v":795,"d":"795.00"},{"v":0,"d":"0.0000"},{"v":0,"d":"0.00"},{"v":0,"d":"0.0000"},{"v":0,"d":"0.00"},{"v":795,"d":"795.00"},{"v":1,"d":"1.0000"},{"v":795,"d":"795.00"}]
["021","Набор по измерен.потоянной Планка/11.2007г","4","шт","Камалов Ильсур Рашитович",{"v":2409,"d":"2409.00"},{"v":1,"d":"1.0000"},{"v":2409,"d":"2409.00"},{"v":0,"d":"0.0000"},{"v":0,"d":"0.00"},{"v":0,"d":"0.0000"},{"v":0,"d":"0.00"},{"v":2409,"d":"2409.00"},{"v":1,"d":"1.0000"},{"v":2409,"d":"2409.00"}]
["021","Набор по курсу физики 10-11кл/11.2007г","4","шт","Камалов Ильсур Рашитович",{"v":2995,"d":"2995.00"},{"v":1,"d":"1.0000"},{"v":2995,"d":"2995.00"},{"v":0,"d":"0.0000"},{"v":0,"d":"0.00"},{"v":0,"d":"0.0000"},{"v":0,"d":"0.00"},{"v":2995,"d":"2995.00"},{"v":1,"d":"1.0000"},{"v":2995,"d":"2995.00"}]
["021","Набор по механике/11.2007г","4","шт","Камалов Ильсур Рашитович",{"v":1274,"d":"1274.00"},{"v":15,"d":"15.0000"},{"v":19110,"d":"19110.00"},{"v":0,"d":"0.0000"},{"v":0,"d":"0.00"},{"v":0,"d":"0.0000"},{"v":0,"d":"0.00"},{"v":1274,"d":"1274.00"},{"v":15,"d":"15.0000"},{"v":19110,"d":"19110.00"}]
["021","Набор по оптике/11.2007г","4","шт","Камалов Ильсур Рашитович",{"v":1844,"d":"1844.00"},{"v":8,"d":"8.0000"},{"v":14752,"d":"14752.00"},{"v":0,"d":"0.0000"},{"v":0,"d":"0.00"},{"v":0,"d":"0.0000"},{"v":0,"d":"0.00"},{"v":1844,"d":"1844.00"},{"v":8,"d":"8.0000"},{"v":14752,"d":"14752.00"}]
["021","Набор по электростатике/11.2007г","4","шт","Камалов Ильсур Рашитович",{"v":1406,"d":"1406.00"},{"v":1,"d":"1.0000"},{"v":1406,"d":"1406.00"},{"v":0,"d":"0.0000"},{"v":0,"d":"0.00"},{"v":0,"d":"0.0000"},{"v":0,"d":"0.00"},{"v":1406,"d":"1406.00"},{"v":1,"d":"1.0000"},{"v":1406,"d":"1406.00"}]
["021","Набор с зеркалом (д.сад)","4","шт","Мифтахова  Айгуль  Ильгизаровна",{"v":0,"d":"0.00"},{"v":1,"d":"1.0000"},{"v":0,"d":"0.00"},{"v":0,"d":"0.0000"},{"v":0,"d":"0.00"},{"v":0,"d":"0.0000"},{"v":0,"d":"0.00"},{"v":0,"d":"0.00"},{"v":1,"d":"1.0000"},{"v":0,"d":"0.00"}]
["10536","набор тел.равной массы","4","шт","Камалов Ильсур Рашитович",{"v":837,"d":"837.00"},{"v":1,"d":"1.0000"},{"v":837,"d":"837.00"},{"v":0,"d":"0.0000"},{"v":0,"d":"0.00"},{"v":0,"d":"0.0000"},{"v":0,"d":"0.00"},{"v":837,"d":"837.00"},{"v":1,"d":"1.0000"},{"v":837,"d":"837.00"}]
["002","навес металлический","4","шт","Камалов Ильсур Рашитович",22546.26,{"v":1,"d":"1.0000"},22546.26,{"v":0,"d":"0.0000"},{"v":0,"d":"0.00"},{"v":0,"d":"0.0000"},{"v":0,"d":"0.00"},22546.26,{"v":1,"d":"1.0000"},22546.26]
["021","Навес теневой (д.сад)","4","шт","Аскарова  Альфия  Хурматулловна",{"v":100,"d":"100.00"},{"v":2,"d":"2.0000"},{"v":200,"d":"200.00"},{"v":0,"d":"0.0000"},{"v":0,"d":"0.00"},{"v":0,"d":"0.0000"},{"v":0,"d":"0.00"},{"v":100,"d":"100.00"},{"v":2,"d":"2.0000"},{"v":200,"d":"200.00"}]
["10535","Наволочка детская (д.сад)","4","шт","Бадретдинова  Ильзира  Габделнуровна",{"v":75,"d":"75.00"},{"v":130,"d":"130.0000"},{"v":9750.1,"d":"9750.10"},{"v":0,"d":"0.0000"},{"v":0,"d":"0.00"},{"v":0,"d":"0.0000"},{"v":0,"d":"0.00"},{"v":75,"d":"75.00"},{"v":130,"d":"130.0000"},{"v":9750.1,"d":"9750.10"}]
["021","Наконечник НТС-МО-05/10.2007г","4","шт","Камалов Ильсур Рашитович",{"v":1100,"d":"1100.00"},{"v":1,"d":"1.0000"},{"v":1100,"d":"1100.00"},{"v":0,"d":"0.0000"},{"v":0,"d":"0.00"},{"v":0,"d":"0.0000"},{"v":0,"d":"0.00"},{"v":1100,"d":"1100.00"},{"v":1,"d":"1.0000"},{"v":1100,"d":"1100.00"}]
["021","Наконечник НУ-40м/10.2007г","4","шт","Камалов Ильсур Рашитович",{"v":1210,"d":"1210.00"},{"v":1,"d":"1.0000"},{"v":1210,"d":"1210.00"},{"v":0,"d":"0.0000"},{"v":0,"d":"0.00"},{"v":0,"d":"0.0000"},{"v":0,"d":"0.00"},{"v":1210,"d":"1210.00"},{"v":1,"d":"1.0000"},{"v":1210,"d":"1210.00"}]
["021","Наконечник Ш1-40/10.2007г","4","шт","Камалов Ильсур Рашитович",{"v":1090,"d":"1090.00"},{"v":1,"d":"1.0000"},{"v":1090,"d":"1090.00"},{"v":0,"d":"0.0000"},{"v":0,"d":"0.00"},{"v":0,"d":"0.0000"},{"v":0,"d":"0.00"},{"v":1090,"d":"1090.00"},{"v":1,"d":"1.0000"},{"v":1090,"d":"1090.00"}]
["10535","Наматрацник детский (д.сад)","4","шт","Бадретдинова  Ильзира  Габделнуровна",271.99,{"v":80,"d":"80.0000"},{"v":21759.2,"d":"21759.20"},{"v":0,"d":"0.0000"},{"v":0,"d":"0.00"},{"v":0,"d":"0.0000"},{"v":0,"d":"0.00"},271.99,{"v":80,"d":"80.0000"},{"v":21759.2,"d":"21759.20"}]
["021","Наматрацник тик, 140*70см (д.сад)","4","шт","Мифтахова  Айгуль  Ильгизаровна",{"v":230,"d":"230.00"},{"v":10,"d":"10.0000"},{"v":2300,"d":"2300.00"},{"v":0,"d":"0.0000"},{"v":0,"d":"0.00"},{"v":0,"d":"0.0000"},{"v":0,"d":"0.00"},{"v":230,"d":"230.00"},{"v":10,"d":"10.0000"},{"v":2300,"d":"2300.00"}]
["021","Народные игрушки (кер.издя) 700*300*400 (д.сад)","4","шт","Мифтахова  Айгуль  Ильгизаровна",{"v":200,"d":"200.00"},{"v":25,"d":"25.0000"},{"v":5000,"d":"5000.00"},{"v":0,"d":"0.0000"},{"v":0,"d":"0.00"},{"v":0,"d":"0.0000"},{"v":0,"d":"0.00"},{"v":200,"d":"200.00"},{"v":25,"d":"25.0000"},{"v":5000,"d":"5000.00"}]
["002","насос","4","шт","Камалов Ильсур Рашитович",{"v":16920,"d":"16920.00"},{"v":3,"d":"3.0000"},{"v":50760,"d":"50760.00"},{"v":0,"d":"0.0000"},{"v":0,"d":"0.00"},{"v":0,"d":"0.0000"},{"v":0,"d":"0.00"},{"v":16920,"d":"16920.00"},{"v":3,"d":"3.0000"},{"v":50760,"d":"50760.00"}]
["10536","Нож 17,5см с дер.ручк. (д.сад)","4","шт","Бадретдинова  Ильзира  Габделнуровна",{"v":35,"d":"35.00"},{"v":8,"d":"8.0000"},{"v":280,"d":"280.00"},{"v":0,"d":"0.0000"},{"v":0,"d":"0.00"},{"v":0,"d":"0.0000"},{"v":0,"d":"0.00"},{"v":35,"d":"35.00"},{"v":8,"d":"8.0000"},{"v":280,"d":"280.00"}]
["10536","нож гастроном.С-182сдер. ручк.260/390мм","4","шт","Камалов Ильсур Рашитович",{"v":120,"d":"120.00"},{"v":2,"d":"2.0000"},{"v":240,"d":"240.00"},{"v":0,"d":"0.0000"},{"v":0,"d":"0.00"},{"v":0,"d":"0.0000"},{"v":0,"d":"0.00"},{"v":120,"d":"120.00"},{"v":2,"d":"2.0000"},{"v":240,"d":"240.00"}]
["10536","нож для мяса С-701фил \"Ретро\" (160/290мм","4","шт","Камалов Ильсур Рашитович",{"v":105,"d":"105.00"},{"v":1,"d":"1.0000"},{"v":105,"d":"105.00"},{"v":0,"d":"0.0000"},{"v":0,"d":"0.00"},{"v":0,"d":"0.0000"},{"v":0,"d":"0.00"},{"v":105,"d":"105.00"},{"v":1,"d":"1.0000"},{"v":105,"d":"105.00"}]
["10536","нож для овощей С-705б \"Ретро\" (100/210мм","4","шт","Камалов Ильсур Рашитович",{"v":66,"d":"66.00"},{"v":1,"d":"1.0000"},{"v":66,"d":"66.00"},{"v":0,"d":"0.0000"},{"v":0,"d":"0.00"},{"v":0,"d":"0.0000"},{"v":0,"d":"0.00"},{"v":66,"d":"66.00"},{"v":1,"d":"1.0000"},{"v":66,"d":"66.00"}]
["10536","нож для хлеба \"Европа\"","4","шт","Камалов Ильсур Рашитович",{"v":175,"d":"175.00"},{"v":1,"d":"1.0000"},{"v":175,"d":"175.00"},{"v":0,"d":"0.0000"},{"v":0,"d":"0.00"},{"v":0,"d":"0.0000"},{"v":0,"d":"0.00"},{"v":175,"d":"175.00"},{"v":1,"d":"1.0000"},{"v":175,"d":"175.00"}]
["10536","нож овощной с-391 с деревянной ручкой","4","шт","Камалов Ильсур Рашитович",{"v":60,"d":"60.00"},{"v":1,"d":"1.0000"},{"v":60,"d":"60.00"},{"v":0,"d":"0.0000"},{"v":0,"d":"0.00"},{"v":0,"d":"0.0000"},{"v":0,"d":"0.00"},{"v":60,"d":"60.00"},{"v":1,"d":"1.0000"},{"v":60,"d":"60.00"}]
["10536","нож универс. С-84 \"Ретро\" (150/280мм","4","шт","Камалов Ильсур Рашитович",{"v":98,"d":"98.00"},{"v":1,"d":"1.0000"},{"v":98,"d":"98.00"},{"v":0,"d":"0.0000"},{"v":0,"d":"0.00"},{"v":0,"d":"0.0000"},{"v":0,"d":"0.00"},{"v":98,"d":"98.00"},{"v":1,"d":"1.0000"},{"v":98,"d":"98.00"}]
["10536","Ножницы хирургические (д.сад)","4","шт","Бадретдинова  Ильзира  Габделнуровна",{"v":150,"d":"150.00"},{"v":2,"d":"2.0000"},{"v":300,"d":"300.00"},{"v":0,"d":"0.0000"},{"v":0,"d":"0.00"},{"v":0,"d":"0.0000"},{"v":0,"d":"0.00"},{"v":150,"d":"150.00"},{"v":2,"d":"2.0000"},{"v":300,"d":"300.00"}]
["10536","Ножовка 500см","4","шт","Камалов Ильсур Рашитович",{"v":156,"d":"156.00"},{"v":4,"d":"4.0000"},{"v":624,"d":"624.00"},{"v":0,"d":"0.0000"},{"v":0,"d":"0.00"},{"v":0,"d":"0.0000"},{"v":0,"d":"0.00"},{"v":156,"d":"156.00"},{"v":4,"d":"4.0000"},{"v":624,"d":"624.00"}]
["021","Носилки санитарные (д.сад)","4","шт","Бадретдинова  Ильзира  Габделнуровна",{"v":1500,"d":"1500.00"},{"v":1,"d":"1.0000"},{"v":1500,"d":"1500.00"},{"v":0,"d":"0.0000"},{"v":0,"d":"0.00"},{"v":0,"d":"0.0000"},{"v":0,"d":"0.00"},{"v":1500,"d":"1500.00"},{"v":1,"d":"1.0000"},{"v":1500,"d":"1500.00"}]
["021","Носилки/06.2008г","4","шт","Камалов Ильсур Рашитович",{"v":2300,"d":"2300.00"},{"v":1,"d":"1.0000"},{"v":2300,"d":"2300.00"},{"v":0,"d":"0.0000"},{"v":0,"d":"0.00"},{"v":0,"d":"0.0000"},{"v":0,"d":"0.00"},{"v":2300,"d":"2300.00"},{"v":1,"d":"1.0000"},{"v":2300,"d":"2300.00"}]
["10536","облучатель","4","шт","Камалов Ильсур Рашитович",{"v":500,"d":"500.00"},{"v":1,"d":"1.0000"},{"v":500,"d":"500.00"},{"v":0,"d":"0.0000"},{"v":0,"d":"0.00"},{"v":0,"d":"0.0000"},{"v":0,"d":"0.00"},{"v":500,"d":"500.00"},{"v":1,"d":"1.0000"},{"v":500,"d":"500.00"}]
["10536","облучатель бактерицидный","4","шт","Камалов Ильсур Рашитович",575.84,{"v":1,"d":"1.0000"},575.84,{"v":0,"d":"0.0000"},{"v":0,"d":"0.00"},{"v":0,"d":"0.0000"},{"v":0,"d":"0.00"},575.84,{"v":1,"d":"1.0000"},575.84]
["021","Облучатель кварцевый/12.2013г","4","шт","Камалов Ильсур Рашитович",{"v":2600,"d":"2600.00"},{"v":1,"d":"1.0000"},{"v":2600,"d":"2600.00"},{"v":0,"d":"0.0000"},{"v":0,"d":"0.00"},{"v":0,"d":"0.0000"},{"v":0,"d":"0.00"},{"v":2600,"d":"2600.00"},{"v":1,"d":"1.0000"},{"v":2600,"d":"2600.00"}]
["021","обруч гимнастический 1000мм","4","шт","Камалов Ильсур Рашитович",{"v":135,"d":"135.00"},{"v":6,"d":"6.0000"},{"v":810,"d":"810.00"},{"v":0,"d":"0.0000"},{"v":0,"d":"0.00"},{"v":0,"d":"0.0000"},{"v":0,"d":"0.00"},{"v":135,"d":"135.00"},{"v":6,"d":"6.0000"},{"v":810,"d":"810.00"}]
["021","Огнетушитель ОП-4/2018","4","шт","Камалов Ильсур Рашитович",{"v":570,"d":"570.00"},{"v":3,"d":"3.0000"},{"v":1710,"d":"1710.00"},{"v":0,"d":"0.0000"},{"v":0,"d":"0.00"},{"v":0,"d":"0.0000"},{"v":0,"d":"0.00"},{"v":570,"d":"570.00"},{"v":3,"d":"3.0000"},{"v":1710,"d":"1710.00"}]
["021","Огнетушитель оу-3 (д.сад)","4","шт","Мифтахова  Айгуль  Ильгизаровна",{"v":1000,"d":"1000.00"},{"v":4,"d":"4.0000"},{"v":4000,"d":"4000.00"},{"v":0,"d":"0.0000"},{"v":0,"d":"0.00"},{"v":0,"d":"0.0000"},{"v":0,"d":"0.00"},{"v":1000,"d":"1000.00"},{"v":4,"d":"4.0000"},{"v":4000,"d":"4000.00"}]
["021","Огнетушитель ОУ-3 5л","4","шт","Камалов Ильсур Рашитович",{"v":1000,"d":"1000.00"},{"v":10,"d":"10.0000"},{"v":10000,"d":"10000.00"},{"v":0,"d":"0.0000"},{"v":0,"d":"0.00"},{"v":0,"d":"0.0000"},{"v":0,"d":"0.00"},{"v":1000,"d":"1000.00"},{"v":10,"d":"10.0000"},{"v":10000,"d":"10000.00"}]
["021","Ограда низкая (д.сад)","4","м","Аскарова  Альфия  Хурматулловна",{"v":50,"d":"50.00"},{"v":105,"d":"105.0000"},{"v":5250,"d":"5250.00"},{"v":0,"d":"0.0000"},{"v":0,"d":"0.00"},{"v":0,"d":"0.0000"},{"v":0,"d":"0.00"},{"v":50,"d":"50.00"},{"v":105,"d":"105.0000"},{"v":5250,"d":"5250.00"}]
["10535","Одеяло байковое (д.сад)","4","шт","Бадретдинова  Ильзира  Габделнуровна",{"v":420,"d":"420.00"},{"v":45,"d":"45.0000"},18899.88,{"v":0,"d":"0.0000"},{"v":0,"d":"0.00"},{"v":0,"d":"0.0000"},{"v":0,"d":"0.00"},{"v":420,"d":"420.00"},{"v":45,"d":"45.0000"},18899.88]
["10535","Одеяло шерстяное (д.сад)","4","шт","Бадретдинова  Ильзира  Габделнуровна",{"v":405,"d":"405.00"},{"v":37,"d":"37.0000"},14984.98,{"v":0,"d":"0.0000"},{"v":0,"d":"0.00"},{"v":0,"d":"0.0000"},{"v":0,"d":"0.00"},{"v":405,"d":"405.00"},{"v":37,"d":"37.0000"},14984.98]
["021","Одеяло шерстяное 1100*1100 (д.сад)","4","шт","Мифтахова  Айгуль  Ильгизаровна",{"v":405,"d":"405.00"},{"v":10,"d":"10.0000"},{"v":4050,"d":"4050.00"},{"v":0,"d":"0.0000"},{"v":0,"d":"0.00"},{"v":0,"d":"0.0000"},{"v":0,"d":"0.00"},{"v":405,"d":"405.00"},{"v":10,"d":"10.0000"},{"v":4050,"d":"4050.00"}]
["021","Основы декор-приклад.Искусства/2013","4","шт","Камалов Ильсур Рашитович",{"v":2650,"d":"2650.00"},{"v":1,"d":"1.0000"},{"v":2650,"d":"2650.00"},{"v":0,"d":"0.0000"},{"v":0,"d":"0.00"},{"v":0,"d":"0.0000"},{"v":0,"d":"0.00"},{"v":2650,"d":"2650.00"},{"v":1,"d":"1.0000"},{"v":2650,"d":"2650.00"}]
["021","Осцилографич.приставка/11.2007г","4","шт","Камалов Ильсур Рашитович",{"v":1183,"d":"1183.00"},{"v":1,"d":"1.0000"},{"v":1183,"d":"1183.00"},{"v":0,"d":"0.0000"},{"v":0,"d":"0.00"},{"v":0,"d":"0.0000"},{"v":0,"d":"0.00"},{"v":1183,"d":"1183.00"},{"v":1,"d":"1.0000"},{"v":1183,"d":"1183.00"}]
["10536","п/п геграф. положен.россии","4","шт","Камалов Ильсур Рашитович",{"v":718,"d":"718.00"},{"v":1,"d":"1.0000"},{"v":718,"d":"718.00"},{"v":0,"d":"0.0000"},{"v":0,"d":"0.00"},{"v":0,"d":"0.0000"},{"v":0,"d":"0.00"},{"v":718,"d":"718.00"},{"v":1,"d":"1.0000"},{"v":718,"d":"718.00"}]
["10536","П/П Гидросфера","4","шт","Камалов Ильсур Рашитович",{"v":829,"d":"829.00"},{"v":1,"d":"1.0000"},{"v":829,"d":"829.00"},{"v":0,"d":"0.0000"},{"v":0,"d":"0.00"},{"v":0,"d":"0.0000"},{"v":0,"d":"0.00"},{"v":829,"d":"829.00"},{"v":1,"d":"1.0000"},{"v":829,"d":"829.00"}]
["10536","П/П Земля во вселенной","4","шт","Камалов Ильсур Рашитович",{"v":1175,"d":"1175.00"},{"v":1,"d":"1.0000"},{"v":1175,"d":"1175.00"},{"v":0,"d":"0.0000"},{"v":0,"d":"0.00"},{"v":0,"d":"0.0000"},{"v":0,"d":"0.00"},{"v":1175,"d":"1175.00"},{"v":1,"d":"1.0000"},{"v":1175,"d":"1175.00"}]
["021","Палас сонет 2*3м (д.сад)","4","шт","Мифтахова  Айгуль  Ильгизаровна",{"v":1000,"d":"1000.00"},{"v":2,"d":"2.0000"},{"v":2000,"d":"2000.00"},{"v":0,"d":"0.0000"},{"v":0,"d":"0.00"},{"v":0,"d":"0.0000"},{"v":0,"d":"0.00"},{"v":1000,"d":"1000.00"},{"v":2,"d":"2.0000"},{"v":2000,"d":"2000.00"}]
["021","Песочница (д.сад)","4","шт","Аскарова  Альфия  Хурматулловна",{"v":200,"d":"200.00"},{"v":2,"d":"2.0000"},{"v":400,"d":"400.00"},{"v":0,"d":"0.0000"},{"v":0,"d":"0.00"},{"v":0,"d":"0.0000"},{"v":0,"d":"0.00"},{"v":200,"d":"200.00"},{"v":2,"d":"2.0000"},{"v":400,"d":"400.00"}]
["10536","Пинцет (д.сад)","4","шт","Бадретдинова  Ильзира  Габделнуровна",{"v":150,"d":"150.00"},{"v":2,"d":"2.0000"},{"v":300,"d":"300.00"},{"v":0,"d":"0.0000"},{"v":0,"d":"0.00"},{"v":0,"d":"0.0000"},{"v":0,"d":"0.00"},{"v":150,"d":"150.00"},{"v":2,"d":"2.0000"},{"v":300,"d":"300.00"}]
["021","Писуар взрослый (д.сад)","4","шт","Мифтахова  Айгуль  Ильгизаровна",{"v":0,"d":"0.00"},{"v":1,"d":"1.0000"},{"v":0,"d":"0.00"},{"v":0,"d":"0.0000"},{"v":0,"d":"0.00"},{"v":0,"d":"0.0000"},{"v":0,"d":"0.00"},{"v":0,"d":"0.00"},{"v":1,"d":"1.0000"},{"v":0,"d":"0.00"}]
["10536","Поднос больш/2018","4","шт","Камалов Ильсур Рашитович",{"v":155,"d":"155.00"},{"v":5,"d":"5.0000"},{"v":775,"d":"775.00"},{"v":0,"d":"0.0000"},{"v":0,"d":"0.00"},{"v":0,"d":"0.0000"},{"v":0,"d":"0.00"},{"v":155,"d":"155.00"},{"v":5,"d":"5.0000"},{"v":775,"d":"775.00"}]
["021","Пододеяльник бязь 135*110см (д.сад)","4","шт","Мифтахова  Айгуль  Ильгизаровна",{"v":275,"d":"275.00"},{"v":32,"d":"32.0000"},{"v":8800,"d":"8800.00"},{"v":0,"d":"0.0000"},{"v":0,"d":"0.00"},{"v":0,"d":"0.0000"},{"v":0,"d":"0.00"},{"v":275,"d":"275.00"},{"v":32,"d":"32.0000"},{"v":8800,"d":"8800.00"}]
["10535","Пододеяльник детский (д.сад)","4","шт","Бадретдинова  Ильзира  Габделнуровна",{"v":275,"d":"275.00"},{"v":100,"d":"100.0000"},{"v":27499.9,"d":"27499.90"},{"v":0,"d":"0.0000"},{"v":0,"d":"0.00"},{"v":0,"d":"0.0000"},{"v":0,"d":"0.00"},{"v":275,"d":"275.00"},{"v":100,"d":"100.0000"},{"v":27499.9,"d":"27499.90"}]
["021","Подставка под обувь (д.сад)","4","шт","Мифтахова  Айгуль  Ильгизаровна",799.99,{"v":4,"d":"4.0000"},3199.97,{"v":0,"d":"0.0000"},{"v":0,"d":"0.00"},{"v":0,"d":"0.0000"},{"v":0,"d":"0.00"},799.99,{"v":4,"d":"4.0000"},3199.97]
["021","Подставки д/рисования мольб./10.2007г","4","шт","Камалов Ильсур Рашитович",{"v":2200,"d":"2200.00"},{"v":5,"d":"5.0000"},{"v":11000,"d":"11000.00"},{"v":0,"d":"0.0000"},{"v":0,"d":"0.00"},{"v":0,"d":"0.0000"},{"v":0,"d":"0.00"},{"v":2200,"d":"2200.00"},{"v":5,"d":"5.0000"},{"v":11000,"d":"11000.00"}]
["10536","Подтарельник 1/2018","4","шт","Камалов Ильсур Рашитович",{"v":120,"d":"120.00"},{"v":172,"d":"172.0000"},{"v":20640,"d":"20640.00"},{"v":0,"d":"0.0000"},{"v":0,"d":"0.00"},{"v":0,"d":"0.0000"},{"v":0,"d":"0.00"},{"v":120,"d":"120.00"},{"v":172,"d":"172.0000"},{"v":20640,"d":"20640.00"}]
["10536","Подтарельник 2/2018","4","шт","Камалов Ильсур Рашитович",{"v":132.1,"d":"132.10"},{"v":9,"d":"9.0000"},1188.94,{"v":0,"d":"0.0000"},{"v":0,"d":"0.00"},{"v":0,"d":"0.0000"},{"v":0,"d":"0.00"},{"v":132.1,"d":"132.10"},{"v":9,"d":"9.0000"},1188.94]
["021","Подтоварник металл./10.2007г","4","шт","Камалов Ильсур Рашитович",{"v":1252,"d":"1252.00"},{"v":5,"d":"5.0000"},{"v":6260,"d":"6260.00"},{"v":0,"d":"0.0000"},{"v":0,"d":"0.00"},{"v":0,"d":"0.0000"},{"v":0,"d":"0.00"},{"v":1252,"d":"1252.00"},{"v":5,"d":"5.0000"},{"v":6260,"d":"6260.00"}]
["10535","Подушка детская (д.сад)","4","шт","Бадретдинова  Ильзира  Габделнуровна",{"v":220,"d":"220.00"},{"v":42,"d":"42.0000"},9239.95,{"v":0,"d":"0.0000"},{"v":0,"d":"0.00"},{"v":0,"d":"0.0000"},{"v":0,"d":"0.00"},{"v":220,"d":"220.00"},{"v":42,"d":"42.0000"},9239.95]
["10536","подцветочница","4","шт","Камалов Ильсур Рашитович",{"v":391,"d":"391.00"},{"v":10,"d":"10.0000"},{"v":3910,"d":"3910.00"},{"v":0,"d":"0.0000"},{"v":0,"d":"0.00"},{"v":0,"d":"0.0000"},{"v":0,"d":"0.00"},{"v":391,"d":"391.00"},{"v":10,"d":"10.0000"},{"v":3910,"d":"3910.00"}]
["10535","Покрывало детское, стеганное (д.сад)","4","шт","Бадретдинова  Ильзира  Габделнуровна",{"v":350,"d":"350.00"},{"v":60,"d":"60.0000"},20999.99,{"v":0,"d":"0.0000"},{"v":0,"d":"0.00"},{"v":0,"d":"0.0000"},{"v":0,"d":"0.00"},{"v":350,"d":"350.00"},{"v":60,"d":"60.0000"},20999.99]
["021","Полка для цветов \"Юрмала\" на колес (д.сад)","4","шт","Мифтахова  Айгуль  Ильгизаровна",{"v":2760,"d":"2760.00"},{"v":2,"d":"2.0000"},5519.99,{"v":0,"d":"0.0000"},{"v":0,"d":"0.00"},{"v":0,"d":"0.0000"},{"v":0,"d":"0.00"},{"v":2760,"d":"2760.00"},{"v":2,"d":"2.0000"},5519.99]
["021","Полка для цветов фигурная (д.сад)","4","шт","Мифтахова  Айгуль  Ильгизаровна",765.01,{"v":2,"d":"2.0000"},1530.02,{"v":0,"d":"0.0000"},{"v":0,"d":"0.00"},{"v":0,"d":"0.0000"},{"v":0,"d":"0.00"},765.01,{"v":2,"d":"2.0000"},1530.02]
["10536","Половник 0,25л (д.сад)","4","шт","Бадретдинова  Ильзира  Габделнуровна",{"v":190,"d":"190.00"},{"v":2,"d":"2.0000"},{"v":380,"d":"380.00"},{"v":0,"d":"0.0000"},{"v":0,"d":"0.00"},{"v":0,"d":"0.0000"},{"v":0,"d":"0.00"},{"v":190,"d":"190.00"},{"v":2,"d":"2.0000"},{"v":380,"d":"380.00"}]
["10536","Половник 0,5л (д.сад)","4","шт","Бадретдинова  Ильзира  Габделнуровна",{"v":260,"d":"260.00"},{"v":1,"d":"1.0000"},{"v":260,"d":"260.00"},{"v":0,"d":"0.0000"},{"v":0,"d":"0.00"},{"v":0,"d":"0.0000"},{"v":0,"d":"0.00"},{"v":260,"d":"260.00"},{"v":1,"d":"1.0000"},{"v":260,"d":"260.00"}]
["021","Половник 100гр (д.сад)","4","шт","Мифтахова  Айгуль  Ильгизаровна",{"v":0,"d":"0.00"},{"v":3,"d":"3.0000"},{"v":0,"d":"0.00"},{"v":0,"d":"0.0000"},{"v":0,"d":"0.00"},{"v":0,"d":"0.0000"},{"v":0,"d":"0.00"},{"v":0,"d":"0.00"},{"v":3,"d":"3.0000"},{"v":0,"d":"0.00"}]
["021","Половник 250гр (д.сад)","4","шт","Мифтахова  Айгуль  Ильгизаровна",{"v":0,"d":"0.00"},{"v":1,"d":"1.0000"},{"v":0,"d":"0.00"},{"v":0,"d":"0.0000"},{"v":0,"d":"0.00"},{"v":0,"d":"0.0000"},{"v":0,"d":"0.00"},{"v":0,"d":"0.00"},{"v":1,"d":"1.0000"},{"v":0,"d":"0.00"}]
["10536","Половник разливочный (д.сад)","4","шт","Бадретдинова  Ильзира  Габделнуровна",{"v":124,"d":"124.00"},{"v":1,"d":"1.0000"},{"v":124,"d":"124.00"},{"v":0,"d":"0.0000"},{"v":0,"d":"0.00"},{"v":0,"d":"0.0000"},{"v":0,"d":"0.00"},{"v":124,"d":"124.00"},{"v":1,"d":"1.0000"},{"v":124,"d":"124.00"}]
["021","Полотеничница 1300*250*1000 (д.сад)","4","шт","Мифтахова  Айгуль  Ильгизаровна",{"v":2400,"d":"2400.00"},{"v":2,"d":"2.0000"},{"v":4800,"d":"4800.00"},{"v":0,"d":"0.0000"},{"v":0,"d":"0.00"},{"v":0,"d":"0.0000"},{"v":0,"d":"0.00"},{"v":2400,"d":"2400.00"},{"v":2,"d":"2.0000"},{"v":4800,"d":"4800.00"}]
["021","Полотеничница №2 \"Мойдодыр\"-10-ти секци (д.сад)","4","шт","Мифтахова  Айгуль  Ильгизаровна",{"v":2830,"d":"2830.00"},{"v":6,"d":"6.0000"},16980.03,{"v":0,"d":"0.0000"},{"v":0,"d":"0.00"},{"v":0,"d":"0.0000"},{"v":0,"d":"0.00"},{"v":2830,"d":"2830.00"},{"v":6,"d":"6.0000"},16980.03]
["10536","Полотенце/2017 (д.сад)","4","Руб.","Бадретдинова  Ильзира  Габделнуровна",{"v":5200,"d":"5200.00"},{"v":1,"d":"1.0000"},{"v":5200,"d":"5200.00"},{"v":0,"d":"0.0000"},{"v":0,"d":"0.00"},{"v":0,"d":"0.0000"},{"v":0,"d":"0.00"},{"v":5200,"d":"5200.00"},{"v":1,"d":"1.0000"},{"v":5200,"d":"5200.00"}]
["10536","портрет для каб.химии №7/5","4","компл","Камалов Ильсур Рашитович",{"v":294,"d":"294.00"},{"v":1,"d":"1.0000"},{"v":294,"d":"294.00"},{"v":0,"d":"0.0000"},{"v":0,"d":"0.00"},{"v":0,"d":"0.0000"},{"v":0,"d":"0.00"},{"v":294,"d":"294.00"},{"v":1,"d":"1.0000"},{"v":294,"d":"294.00"}]
["10536","портреты географов","4","шт","Камалов Ильсур Рашитович",{"v":220,"d":"220.00"},{"v":1,"d":"1.0000"},{"v":220,"d":"220.00"},{"v":0,"d":"0.0000"},{"v":0,"d":"0.00"},{"v":0,"d":"0.0000"},{"v":0,"d":"0.00"},{"v":220,"d":"220.00"},{"v":1,"d":"1.0000"},{"v":220,"d":"220.00"}]
["10536","портреты ученых","4","шт","Камалов Ильсур Рашитович",{"v":168,"d":"168.00"},{"v":1,"d":"1.0000"},{"v":168,"d":"168.00"},{"v":0,"d":"0.0000"},{"v":0,"d":"0.00"},{"v":0,"d":"0.0000"},{"v":0,"d":"0.00"},{"v":168,"d":"168.00"},{"v":1,"d":"1.0000"},{"v":168,"d":"168.00"}]
["10536","прибор для дем-ции давл.в жидкости","4","шт","Камалов Ильсур Рашитович",{"v":563,"d":"563.00"},{"v":1,"d":"1.0000"},{"v":563,"d":"563.00"},{"v":0,"d":"0.0000"},{"v":0,"d":"0.00"},{"v":0,"d":"0.0000"},{"v":0,"d":"0.00"},{"v":563,"d":"563.00"},{"v":1,"d":"1.0000"},{"v":563,"d":"563.00"}]
["10536","прибор для дем-ции процесса диффузии","4","шт","Камалов Ильсур Рашитович",{"v":821,"d":"821.00"},{"v":1,"d":"1.0000"},{"v":821,"d":"821.00"},{"v":0,"d":"0.0000"},{"v":0,"d":"0.00"},{"v":0,"d":"0.0000"},{"v":0,"d":"0.00"},{"v":821,"d":"821.00"},{"v":1,"d":"1.0000"},{"v":821,"d":"821.00"}]
["021","Прибор для демонстр.атмосф.давления/11.2007г","4","шт","Камалов Ильсур Рашитович",{"v":1063,"d":"1063.00"},{"v":1,"d":"1.0000"},{"v":1063,"d":"1063.00"},{"v":0,"d":"0.0000"},{"v":0,"d":"0.00"},{"v":0,"d":"0.0000"},{"v":0,"d":"0.00"},{"v":1063,"d":"1063.00"},{"v":1,"d":"1.0000"},{"v":1063,"d":"1063.00"}]
["10536","прибор для изуч. правила ленца","4","шт","Камалов Ильсур Рашитович",{"v":214,"d":"214.00"},{"v":1,"d":"1.0000"},{"v":214,"d":"214.00"},{"v":0,"d":"0.0000"},{"v":0,"d":"0.00"},{"v":0,"d":"0.0000"},{"v":0,"d":"0.00"},{"v":214,"d":"214.00"},{"v":1,"d":"1.0000"},{"v":214,"d":"214.00"}]
["021","Прибор для изучения магнит.поля Земли/11.2007г","4","шт","Камалов Ильсур Рашитович",2601.76,{"v":1,"d":"1.0000"},2601.76,{"v":0,"d":"0.0000"},{"v":0,"d":"0.00"},{"v":0,"d":"0.0000"},{"v":0,"d":"0.00"},2601.76,{"v":1,"d":"1.0000"},2601.76]
["021","Прибор для определ.остроты зрения (с компл.таблиц)/12.2013г","4","шт","Камалов Ильсур Рашитович",{"v":1211,"d":"1211.00"},{"v":1,"d":"1.0000"},{"v":1211,"d":"1211.00"},{"v":0,"d":"0.0000"},{"v":0,"d":"0.00"},{"v":0,"d":"0.0000"},{"v":0,"d":"0.00"},{"v":1211,"d":"1211.00"},{"v":1,"d":"1.0000"},{"v":1211,"d":"1211.00"}]
["10536","приборы по химии №29/17/6","4","шт","Камалов Ильсур Рашитович",780.53,{"v":34,"d":"34.0000"},{"v":26538,"d":"26538.00"},{"v":0,"d":"0.0000"},{"v":0,"d":"0.00"},{"v":0,"d":"0.0000"},{"v":0,"d":"0.00"},780.53,{"v":34,"d":"34.0000"},{"v":26538,"d":"26538.00"}]
["10536","призма наклоняющаяся с отвесом","4","шт","Камалов Ильсур Рашитович",{"v":718,"d":"718.00"},{"v":1,"d":"1.0000"},{"v":718,"d":"718.00"},{"v":0,"d":"0.0000"},{"v":0,"d":"0.00"},{"v":0,"d":"0.0000"},{"v":0,"d":"0.00"},{"v":718,"d":"718.00"},{"v":1,"d":"1.0000"},{"v":718,"d":"718.00"}]
["021","Принтер НР/11.2007г","4","шт","Камалов Ильсур Рашитович",{"v":1870.3,"d":"1870.30"},{"v":1,"d":"1.0000"},{"v":1870.3,"d":"1870.30"},{"v":0,"d":"0.0000"},{"v":0,"d":"0.00"},{"v":0,"d":"0.0000"},{"v":0,"d":"0.00"},{"v":1870.3,"d":"1870.30"},{"v":1,"d":"1.0000"},{"v":1870.3,"d":"1870.30"}]
["021","Принтер цветной Epson Work Forse WP-4020/2019 (д.сад)","4","шт","Мифтахова  Айгуль  Ильгизаровна",{"v":7000,"d":"7000.00"},{"v":1,"d":"1.0000"},{"v":7000,"d":"7000.00"},{"v":0,"d":"0.0000"},{"v":0,"d":"0.00"},{"v":0,"d":"0.0000"},{"v":0,"d":"0.00"},{"v":7000,"d":"7000.00"},{"v":1,"d":"1.0000"},{"v":7000,"d":"7000.00"}]
["10536","Прожектор LL-273 светодиод.230V","2","шт","Камалов Ильсур Рашитович",{"v":1395,"d":"1395.00"},{"v":2,"d":"2.0000"},{"v":2790,"d":"2790.00"},{"v":0,"d":"0.0000"},{"v":0,"d":"0.00"},{"v":0,"d":"0.0000"},{"v":0,"d":"0.00"},{"v":1395,"d":"1395.00"},{"v":2,"d":"2.0000"},{"v":2790,"d":"2790.00"}]
["10536","Прожектор АСД светодиод.50Вт","2","шт","Камалов Ильсур Рашитович",{"v":1750,"d":"1750.00"},{"v":2,"d":"2.0000"},{"v":3500,"d":"3500.00"},{"v":0,"d":"0.0000"},{"v":0,"d":"0.00"},{"v":0,"d":"0.0000"},{"v":0,"d":"0.00"},{"v":1750,"d":"1750.00"},{"v":2,"d":"2.0000"},{"v":3500,"d":"3500.00"}]
["10535","Простыня детская (д.сад)","4","шт","Бадретдинова  Ильзира  Габделнуровна",{"v":145,"d":"145.00"},{"v":150,"d":"150.0000"},21749.76,{"v":0,"d":"0.0000"},{"v":0,"d":"0.00"},{"v":0,"d":"0.0000"},{"v":0,"d":"0.00"},{"v":145,"d":"145.00"},{"v":150,"d":"150.0000"},21749.76]
["002","противонакипное устройство","4","шт","Камалов Ильсур Рашитович",{"v":27065,"d":"27065.00"},{"v":3,"d":"3.0000"},{"v":81195,"d":"81195.00"},{"v":0,"d":"0.0000"},{"v":0,"d":"0.00"},{"v":0,"d":"0.0000"},{"v":0,"d":"0.00"},{"v":27065,"d":"27065.00"},{"v":3,"d":"3.0000"},{"v":81195,"d":"81195.00"}]
["10536","Пузырь для льда (д.сад)","4","шт","Бадретдинова  Ильзира  Габделнуровна",{"v":110,"d":"110.00"},{"v":1,"d":"1.0000"},{"v":110,"d":"110.00"},{"v":0,"d":"0.0000"},{"v":0,"d":"0.00"},{"v":0,"d":"0.0000"},{"v":0,"d":"0.00"},{"v":110,"d":"110.00"},{"v":1,"d":"1.0000"},{"v":110,"d":"110.00"}]
["021","Пылесос Витек 1600 вт (д.сад)","4","шт","Мифтахова  Айгуль  Ильгизаровна",{"v":2200,"d":"2200.00"},{"v":1,"d":"1.0000"},{"v":2200,"d":"2200.00"},{"v":0,"d":"0.0000"},{"v":0,"d":"0.00"},{"v":0,"d":"0.0000"},{"v":0,"d":"0.00"},{"v":2200,"d":"2200.00"},{"v":1,"d":"1.0000"},{"v":2200,"d":"2200.00"}]
["021","Разрядник (подстанция)/12.2008г","4","шт","Камалов Ильсур Рашитович",1999.99,{"v":12,"d":"12.0000"},23999.93,{"v":0,"d":"0.0000"},{"v":0,"d":"0.00"},{"v":0,"d":"0.0000"},{"v":0,"d":"0.00"},1999.99,{"v":12,"d":"12.0000"},23999.93]
["002","разьединитель с приводом","4","шт","Камалов Ильсур Рашитович",{"v":8700,"d":"8700.00"},{"v":2,"d":"2.0000"},{"v":17400,"d":"17400.00"},{"v":0,"d":"0.0000"},{"v":0,"d":"0.00"},{"v":0,"d":"0.0000"},{"v":0,"d":"0.00"},{"v":8700,"d":"8700.00"},{"v":2,"d":"2.0000"},{"v":17400,"d":"17400.00"}]
["021","Раковина большая (д.сад)","4","шт","Мифтахова  Айгуль  Ильгизаровна",{"v":0,"d":"0.00"},{"v":4,"d":"4.0000"},{"v":0,"d":"0.00"},{"v":0,"d":"0.0000"},{"v":0,"d":"0.00"},{"v":0,"d":"0.0000"},{"v":0,"d":"0.00"},{"v":0,"d":"0.00"},{"v":4,"d":"4.0000"},{"v":0,"d":"0.00"}]
["021","Раковина детская (д.сад)","4","шт","Мифтахова  Айгуль  Ильгизаровна",{"v":0,"d":"0.00"},{"v":7,"d":"7.0000"},{"v":0,"d":"0.00"},{"v":0,"d":"0.0000"},{"v":0,"d":"0.00"},{"v":0,"d":"0.0000"},{"v":0,"d":"0.00"},{"v":0,"d":"0.00"},{"v":7,"d":"7.0000"},{"v":0,"d":"0.00"}]
["002","регулятор","4","шт","Камалов Ильсур Рашитович",4833.33,{"v":3,"d":"3.0000"},{"v":14500,"d":"14500.00"},{"v":0,"d":"0.0000"},{"v":0,"d":"0.00"},{"v":0,"d":"0.0000"},{"v":0,"d":"0.00"},4833.33,{"v":3,"d":"3.0000"},{"v":14500,"d":"14500.00"}]
["10536","рел. строение рел. морского дна","4","шт","Камалов Ильсур Рашитович",{"v":2062,"d":"2062.00"},{"v":1,"d":"1.0000"},{"v":2062,"d":"2062.00"},{"v":0,"d":"0.0000"},{"v":0,"d":"0.00"},{"v":0,"d":"0.0000"},{"v":0,"d":"0.00"},{"v":2062,"d":"2062.00"},{"v":1,"d":"1.0000"},{"v":2062,"d":"2062.00"}]
["10536","решетки оконные","4","шт","Камалов Ильсур Рашитович",{"v":5000,"d":"5000.00"},{"v":3,"d":"3.0000"},{"v":15000,"d":"15000.00"},{"v":0,"d":"0.0000"},{"v":0,"d":"0.00"},{"v":0,"d":"0.0000"},{"v":0,"d":"0.00"},{"v":5000,"d":"5000.00"},{"v":3,"d":"3.0000"},{"v":15000,"d":"15000.00"}]
["10536","Розетка РА16-005bая белый 16шт (д.сад)","4","шт","Бадретдинова  Ильзира  Габделнуровна",{"v":213,"d":"213.00"},{"v":2,"d":"2.0000"},{"v":426,"d":"426.00"},{"v":0,"d":"0.0000"},{"v":0,"d":"0.00"},{"v":0,"d":"0.0000"},{"v":0,"d":"0.00"},{"v":213,"d":"213.00"},{"v":2,"d":"2.0000"},{"v":426,"d":"426.00"}]
["10536","Ролл-ап стенд 0,85*2м (д.сад)","4","шт","Бадретдинова  Ильзира  Габделнуровна",{"v":2020,"d":"2020.00"},{"v":1,"d":"1.0000"},{"v":2020,"d":"2020.00"},{"v":0,"d":"0.0000"},{"v":0,"d":"0.00"},{"v":0,"d":"0.0000"},{"v":0,"d":"0.00"},{"v":2020,"d":"2020.00"},{"v":1,"d":"1.0000"},{"v":2020,"d":"2020.00"}]
["10536","Ростов-Дон штанга \"стандарт\"-планка д/турникета-трипода","4","шт","Камалов Ильсур Рашитович",{"v":1390,"d":"1390.00"},{"v":3,"d":"3.0000"},{"v":4170,"d":"4170.00"},{"v":0,"d":"0.0000"},{"v":0,"d":"0.00"},{"v":0,"d":"0.0000"},{"v":0,"d":"0.00"},{"v":1390,"d":"1390.00"},{"v":3,"d":"3.0000"},{"v":4170,"d":"4170.00"}]
["021","Ростомер (д.сад)","4","шт","Бадретдинова  Ильзира  Габделнуровна",{"v":1500,"d":"1500.00"},{"v":1,"d":"1.0000"},{"v":1500,"d":"1500.00"},{"v":0,"d":"0.0000"},{"v":0,"d":"0.00"},{"v":0,"d":"0.0000"},{"v":0,"d":"0.00"},{"v":1500,"d":"1500.00"},{"v":1,"d":"1.0000"},{"v":1500,"d":"1500.00"}]
["021","Ростометр РМ-1/10.2007г","4","шт","Камалов Ильсур Рашитович",{"v":1100,"d":"1100.00"},{"v":1,"d":"1.0000"},{"v":1100,"d":"1100.00"},{"v":0,"d":"0.0000"},{"v":0,"d":"0.00"},{"v":0,"d":"0.0000"},{"v":0,"d":"0.00"},{"v":1100,"d":"1100.00"},{"v":1,"d":"1.0000"},{"v":1100,"d":"1100.00"}]
["10536","Рубанок мастер.","4","шт","Камалов Ильсур Рашитович",{"v":178,"d":"178.00"},{"v":4,"d":"4.0000"},{"v":712,"d":"712.00"},{"v":0,"d":"0.0000"},{"v":0,"d":"0.00"},{"v":0,"d":"0.0000"},{"v":0,"d":"0.00"},{"v":178,"d":"178.00"},{"v":4,"d":"4.0000"},{"v":712,"d":"712.00"}]
["021","Ручной металлодетектор MD-3003B1/2016","4","шт","Камалов Ильсур Рашитович",{"v":2850,"d":"2850.00"},{"v":1,"d":"1.0000"},{"v":2850,"d":"2850.00"},{"v":0,"d":"0.0000"},{"v":0,"d":"0.00"},{"v":0,"d":"0.0000"},{"v":0,"d":"0.00"},{"v":2850,"d":"2850.00"},{"v":1,"d":"1.0000"},{"v":2850,"d":"2850.00"}]
["021","Ручной металлодетектор МD-3003В1/2016 (д.сад)","4","шт","Мифтахова  Айгуль  Ильгизаровна",{"v":2850,"d":"2850.00"},{"v":1,"d":"1.0000"},{"v":2850,"d":"2850.00"},{"v":0,"d":"0.0000"},{"v":0,"d":"0.00"},{"v":0,"d":"0.0000"},{"v":0,"d":"0.00"},{"v":2850,"d":"2850.00"},{"v":1,"d":"1.0000"},{"v":2850,"d":"2850.00"}]
["10536","Савок клип голуб (д.сад)","4","шт","Бадретдинова  Ильзира  Габделнуровна",{"v":20,"d":"20.00"},{"v":3,"d":"3.0000"},{"v":60,"d":"60.00"},{"v":0,"d":"0.0000"},{"v":0,"d":"0.00"},{"v":0,"d":"0.0000"},{"v":0,"d":"0.00"},{"v":20,"d":"20.00"},{"v":3,"d":"3.0000"},{"v":60,"d":"60.00"}]
["021","Салфетница пласт (д.сад)","4","шт","Мифтахова  Айгуль  Ильгизаровна",13.75,{"v":1,"d":"1.0000"},13.75,{"v":0,"d":"0.0000"},{"v":0,"d":"0.00"},{"v":0,"d":"0.0000"},{"v":0,"d":"0.00"},13.75,{"v":1,"d":"1.0000"},13.75]
["021","Самодельная машина (д.сад)","4","шт","Аскарова  Альфия  Хурматулловна",{"v":100,"d":"100.00"},{"v":1,"d":"1.0000"},{"v":100,"d":"100.00"},{"v":0,"d":"0.0000"},{"v":0,"d":"0.00"},{"v":0,"d":"0.0000"},{"v":0,"d":"0.00"},{"v":100,"d":"100.00"},{"v":1,"d":"1.0000"},{"v":100,"d":"100.00"}]
["10536","Свет Jazzway линейный 40W (д.сад)","4","шт","Бадретдинова  Ильзира  Габделнуровна",{"v":754.8,"d":"754.80"},{"v":5,"d":"5.0000"},{"v":3774,"d":"3774.00"},{"v":0,"d":"0.0000"},{"v":0,"d":"0.00"},{"v":0,"d":"0.0000"},{"v":0,"d":"0.00"},{"v":754.8,"d":"754.80"},{"v":5,"d":"5.0000"},{"v":3774,"d":"3774.00"}]
["021","секундомер","4","шт","Камалов Ильсур Рашитович",{"v":655,"d":"655.00"},{"v":2,"d":"2.0000"},{"v":1310,"d":"1310.00"},{"v":0,"d":"0.0000"},{"v":0,"d":"0.00"},{"v":0,"d":"0.0000"},{"v":0,"d":"0.00"},{"v":655,"d":"655.00"},{"v":2,"d":"2.0000"},{"v":1310,"d":"1310.00"}]
["002","сервант","4","шт","Камалов Ильсур Рашитович",{"v":2500,"d":"2500.00"},{"v":1,"d":"1.0000"},{"v":2500,"d":"2500.00"},{"v":0,"d":"0.0000"},{"v":0,"d":"0.00"},{"v":0,"d":"0.0000"},{"v":0,"d":"0.00"},{"v":2500,"d":"2500.00"},{"v":1,"d":"1.0000"},{"v":2500,"d":"2500.00"}]
["10536","Сетевой фильтр \"Спутник\" 1,8м (д.сад)","4","шт","Бадретдинова  Ильзира  Габделнуровна",{"v":130,"d":"130.00"},{"v":1,"d":"1.0000"},{"v":130,"d":"130.00"},{"v":0,"d":"0.0000"},{"v":0,"d":"0.00"},{"v":0,"d":"0.0000"},{"v":0,"d":"0.00"},{"v":130,"d":"130.00"},{"v":1,"d":"1.0000"},{"v":130,"d":"130.00"}]
["10536","Сетевой фильтр Спутник 3м (д.сад)","4","шт","Бадретдинова  Ильзира  Габделнуровна",{"v":170,"d":"170.00"},{"v":1,"d":"1.0000"},{"v":170,"d":"170.00"},{"v":0,"d":"0.0000"},{"v":0,"d":"0.00"},{"v":0,"d":"0.0000"},{"v":0,"d":"0.00"},{"v":170,"d":"170.00"},{"v":1,"d":"1.0000"},{"v":170,"d":"170.00"}]
["021","сетка для игровых видов спорта","4","шт","Камалов Ильсур Рашитович",{"v":400,"d":"400.00"},{"v":2,"d":"2.0000"},{"v":800,"d":"800.00"},{"v":0,"d":"0.0000"},{"v":0,"d":"0.00"},{"v":0,"d":"0.0000"},{"v":0,"d":"0.00"},{"v":400,"d":"400.00"},{"v":2,"d":"2.0000"},{"v":800,"d":"800.00"}]
["10536","Сетка заградительная/2016","4","м2","Камалов Ильсур Рашитович",{"v":85,"d":"85.00"},{"v":107.26,"d":"107.2600"},{"v":9117.1,"d":"9117.10"},{"v":0,"d":"0.0000"},{"v":0,"d":"0.00"},{"v":0,"d":"0.0000"},{"v":0,"d":"0.00"},{"v":85,"d":"85.00"},{"v":107.26,"d":"107.2600"},{"v":9117.1,"d":"9117.10"}]
["002","сетка защитная","4","шт","Камалов Ильсур Рашитович",{"v":16170,"d":"16170.00"},{"v":2,"d":"2.0000"},{"v":32340,"d":"32340.00"},{"v":0,"d":"0.0000"},{"v":0,"d":"0.00"},{"v":0,"d":"0.0000"},{"v":0,"d":"0.00"},{"v":16170,"d":"16170.00"},{"v":2,"d":"2.0000"},{"v":32340,"d":"32340.00"}]
["021","Силуэты придорожные,фото ребенка боком (720 dpi, высота 1,6м)","4","шт","Камалов Ильсур Рашитович",{"v":4000,"d":"4000.00"},{"v":2,"d":"2.0000"},{"v":8000,"d":"8000.00"},{"v":0,"d":"0.0000"},{"v":0,"d":"0.00"},{"v":0,"d":"0.0000"},{"v":0,"d":"0.00"},{"v":4000,"d":"4000.00"},{"v":2,"d":"2.0000"},{"v":8000,"d":"8000.00"}]
["002","система автоконтроля","4","шт","Камалов Ильсур Рашитович",{"v":22050,"d":"22050.00"},{"v":1,"d":"1.0000"},{"v":22050,"d":"22050.00"},{"v":0,"d":"0.0000"},{"v":0,"d":"0.00"},{"v":0,"d":"0.0000"},{"v":0,"d":"0.00"},{"v":22050,"d":"22050.00"},{"v":1,"d":"1.0000"},{"v":22050,"d":"22050.00"}]
["021","скакалка","4","шт","Камалов Ильсур Рашитович",{"v":16,"d":"16.00"},{"v":10,"d":"10.0000"},{"v":160,"d":"160.00"},{"v":0,"d":"0.0000"},{"v":0,"d":"0.00"},{"v":0,"d":"0.0000"},{"v":0,"d":"0.00"},{"v":16,"d":"16.00"},{"v":10,"d":"10.0000"},{"v":160,"d":"160.00"}]
["021","Скамейка (д.сад)","4","шт","Мифтахова  Айгуль  Ильгизаровна",2515.01,{"v":6,"d":"6.0000"},15090.04,{"v":0,"d":"0.0000"},{"v":0,"d":"0.00"},{"v":0,"d":"0.0000"},{"v":0,"d":"0.00"},2515.01,{"v":6,"d":"6.0000"},15090.04]
["021","Скамейка для раздевалки 1000*300*250 (д.сад)","4","шт","Мифтахова  Айгуль  Ильгизаровна",{"v":1200,"d":"1200.00"},{"v":4,"d":"4.0000"},{"v":4800,"d":"4800.00"},{"v":0,"d":"0.0000"},{"v":0,"d":"0.00"},{"v":0,"d":"0.0000"},{"v":0,"d":"0.00"},{"v":1200,"d":"1200.00"},{"v":4,"d":"4.0000"},{"v":4800,"d":"4800.00"}]
["021","Скамейки (д.сад)","4","шт","Аскарова  Альфия  Хурматулловна",{"v":100,"d":"100.00"},{"v":6,"d":"6.0000"},{"v":600,"d":"600.00"},{"v":0,"d":"0.0000"},{"v":0,"d":"0.00"},{"v":0,"d":"0.0000"},{"v":0,"d":"0.00"},{"v":100,"d":"100.00"},{"v":6,"d":"6.0000"},{"v":600,"d":"600.00"}]
["021","Скамья гимнаст./10.2007г","4","шт","Камалов Ильсур Рашитович",{"v":2850,"d":"2850.00"},{"v":6,"d":"6.0000"},{"v":17100,"d":"17100.00"},{"v":0,"d":"0.0000"},{"v":0,"d":"0.00"},{"v":0,"d":"0.0000"},{"v":0,"d":"0.00"},{"v":2850,"d":"2850.00"},{"v":6,"d":"6.0000"},{"v":17100,"d":"17100.00"}]
["10536","Сковорода 340/55мм (д.сад)","4","шт","Бадретдинова  Ильзира  Габделнуровна",{"v":310,"d":"310.00"},{"v":4,"d":"4.0000"},{"v":1240,"d":"1240.00"},{"v":0,"d":"0.0000"},{"v":0,"d":"0.00"},{"v":0,"d":"0.0000"},{"v":0,"d":"0.00"},{"v":310,"d":"310.00"},{"v":4,"d":"4.0000"},{"v":1240,"d":"1240.00"}]
["10536","сковорода 340/55мм с ручк.","4","шт","Камалов Ильсур Рашитович",{"v":380,"d":"380.00"},{"v":2,"d":"2.0000"},{"v":760,"d":"760.00"},{"v":0,"d":"0.0000"},{"v":0,"d":"0.00"},{"v":0,"d":"0.0000"},{"v":0,"d":"0.00"},{"v":380,"d":"380.00"},{"v":2,"d":"2.0000"},{"v":760,"d":"760.00"}]
["10536","сковорода 400/50мм с ручк.алюм.","4","шт","Камалов Ильсур Рашитович",{"v":440,"d":"440.00"},{"v":3,"d":"3.0000"},{"v":1320,"d":"1320.00"},{"v":0,"d":"0.0000"},{"v":0,"d":"0.00"},{"v":0,"d":"0.0000"},{"v":0,"d":"0.00"},{"v":440,"d":"440.00"},{"v":3,"d":"3.0000"},{"v":1320,"d":"1320.00"}]
["10536","Смеситель локтевой (д.сад)","4","шт","Бадретдинова  Ильзира  Габделнуровна",{"v":1300,"d":"1300.00"},{"v":1,"d":"1.0000"},{"v":1300,"d":"1300.00"},{"v":0,"d":"0.0000"},{"v":0,"d":"0.00"},{"v":0,"d":"0.0000"},{"v":0,"d":"0.00"},{"v":1300,"d":"1300.00"},{"v":1,"d":"1.0000"},{"v":1300,"d":"1300.00"}]
["10536","СМС Лотос 3кг пакет универсал ","2","шт","Камалов Ильсур Рашитович",{"v":155,"d":"155.00"},{"v":5,"d":"5.0000"},{"v":775,"d":"775.00"},{"v":0,"d":"0.0000"},{"v":0,"d":"0.00"},{"v":0,"d":"0.0000"},{"v":0,"d":"0.00"},{"v":155,"d":"155.00"},{"v":5,"d":"5.0000"},{"v":775,"d":"775.00"}]
["10536","СМС прогрессив 5л","2","шт","Камалов Ильсур Рашитович",{"v":155,"d":"155.00"},{"v":3,"d":"3.0000"},{"v":465,"d":"465.00"},{"v":0,"d":"0.0000"},{"v":0,"d":"0.00"},{"v":0,"d":"0.0000"},{"v":0,"d":"0.00"},{"v":155,"d":"155.00"},{"v":3,"d":"3.0000"},{"v":465,"d":"465.00"}]
["10536","сосуд для воды прямоугольный","4","шт","Камалов Ильсур Рашитович",{"v":975,"d":"975.00"},{"v":1,"d":"1.0000"},{"v":975,"d":"975.00"},{"v":0,"d":"0.0000"},{"v":0,"d":"0.00"},{"v":0,"d":"0.0000"},{"v":0,"d":"0.00"},{"v":975,"d":"975.00"},{"v":1,"d":"1.0000"},{"v":975,"d":"975.00"}]
["10536","сосуд для воды сообщающиеся","4","шт","Камалов Ильсур Рашитович",{"v":841,"d":"841.00"},{"v":1,"d":"1.0000"},{"v":841,"d":"841.00"},{"v":0,"d":"0.0000"},{"v":0,"d":"0.00"},{"v":0,"d":"0.0000"},{"v":0,"d":"0.00"},{"v":841,"d":"841.00"},{"v":1,"d":"1.0000"},{"v":841,"d":"841.00"}]
["021","Спец одежда хлоп. ч.б. с вискозой раз 44-54 (д.сад)","4","шт","Мифтахова  Айгуль  Ильгизаровна",{"v":501,"d":"501.00"},{"v":5,"d":"5.0000"},{"v":2505,"d":"2505.00"},{"v":0,"d":"0.0000"},{"v":0,"d":"0.00"},{"v":0,"d":"0.0000"},{"v":0,"d":"0.00"},{"v":501,"d":"501.00"},{"v":5,"d":"5.0000"},{"v":2505,"d":"2505.00"}]
["10536","средство гель КОМЕТ 1л ","2","шт","Камалов Ильсур Рашитович",{"v":149,"d":"149.00"},{"v":8,"d":"8.0000"},{"v":1192,"d":"1192.00"},{"v":0,"d":"0.0000"},{"v":0,"d":"0.00"},{"v":0,"d":"0.0000"},{"v":0,"d":"0.00"},{"v":149,"d":"149.00"},{"v":8,"d":"8.0000"},{"v":1192,"d":"1192.00"}]
["10536","Средство д/посуды Золушка","2","шт","Камалов Ильсур Рашитович",{"v":170,"d":"170.00"},{"v":5,"d":"5.0000"},{"v":850,"d":"850.00"},{"v":0,"d":"0.0000"},{"v":0,"d":"0.00"},{"v":0,"d":"0.0000"},{"v":0,"d":"0.00"},{"v":170,"d":"170.00"},{"v":5,"d":"5.0000"},{"v":850,"d":"850.00"}]
["10536","Средство для труб Крот 1л","2","шт","Камалов Ильсур Рашитович",{"v":96,"d":"96.00"},{"v":10,"d":"10.0000"},{"v":960,"d":"960.00"},{"v":0,"d":"0.0000"},{"v":0,"d":"0.00"},{"v":0,"d":"0.0000"},{"v":0,"d":"0.00"},{"v":96,"d":"96.00"},{"v":10,"d":"10.0000"},{"v":960,"d":"960.00"}]
["002","станок для зан.хореограф.","4","шт","Камалов Ильсур Рашитович",{"v":5888,"d":"5888.00"},{"v":6,"d":"6.0000"},{"v":35328,"d":"35328.00"},{"v":0,"d":"0.0000"},{"v":0,"d":"0.00"},{"v":0,"d":"0.0000"},{"v":0,"d":"0.00"},{"v":5888,"d":"5888.00"},{"v":6,"d":"6.0000"},{"v":35328,"d":"35328.00"}]
["021","Стеллаж библ.1-сторон./10.2007г","4","шт","Камалов Ильсур Рашитович",{"v":2238,"d":"2238.00"},{"v":8,"d":"8.0000"},{"v":17904,"d":"17904.00"},{"v":0,"d":"0.0000"},{"v":0,"d":"0.00"},{"v":0,"d":"0.0000"},{"v":0,"d":"0.00"},{"v":2238,"d":"2238.00"},{"v":8,"d":"8.0000"},{"v":17904,"d":"17904.00"}]
["021","Стеллаж железный (д.сад)","4","шт","Мифтахова  Айгуль  Ильгизаровна",{"v":0,"d":"0.00"},{"v":1,"d":"1.0000"},{"v":0,"d":"0.00"},{"v":0,"d":"0.0000"},{"v":0,"d":"0.00"},{"v":0,"d":"0.0000"},{"v":0,"d":"0.00"},{"v":0,"d":"0.00"},{"v":1,"d":"1.0000"},{"v":0,"d":"0.00"}]
["021","Стеллаж производств./10.2007г","4","шт","Камалов Ильсур Рашитович",{"v":2241,"d":"2241.00"},{"v":3,"d":"3.0000"},{"v":6723,"d":"6723.00"},{"v":0,"d":"0.0000"},{"v":0,"d":"0.00"},{"v":0,"d":"0.0000"},{"v":0,"d":"0.00"},{"v":2241,"d":"2241.00"},{"v":3,"d":"3.0000"},{"v":6723,"d":"6723.00"}]
["021","Стеллаж этюд 450*1200 (д.сад)","4","шт","Мифтахова  Айгуль  Ильгизаровна",{"v":1520,"d":"1520.00"},{"v":2,"d":"2.0000"},{"v":3040,"d":"3040.00"},{"v":0,"d":"0.0000"},{"v":0,"d":"0.00"},{"v":0,"d":"0.0000"},{"v":0,"d":"0.00"},{"v":1520,"d":"1520.00"},{"v":2,"d":"2.0000"},{"v":3040,"d":"3040.00"}]
["021","Стеллаж №3 для игр (д.сад)","4","шт","Мифтахова  Айгуль  Ильгизаровна",{"v":2550,"d":"2550.00"},{"v":2,"d":"2.0000"},5100.01,{"v":0,"d":"0.0000"},{"v":0,"d":"0.00"},{"v":0,"d":"0.0000"},{"v":0,"d":"0.00"},{"v":2550,"d":"2550.00"},{"v":2,"d":"2.0000"},5100.01]
["021","Стеллаж №3 для игр 1000*300*1000 (д.сад) ","4","шт","Мифтахова  Айгуль  Ильгизаровна",{"v":1500,"d":"1500.00"},{"v":3,"d":"3.0000"},{"v":4500,"d":"4500.00"},{"v":0,"d":"0.0000"},{"v":0,"d":"0.00"},{"v":0,"d":"0.0000"},{"v":0,"d":"0.00"},{"v":1500,"d":"1500.00"},{"v":3,"d":"3.0000"},{"v":4500,"d":"4500.00"}]
["021","Стенд \"Великие полководцы и флотоводцы России\"/2017","4","шт","Камалов Ильсур Рашитович",{"v":3850,"d":"3850.00"},{"v":1,"d":"1.0000"},{"v":3850,"d":"3850.00"},{"v":0,"d":"0.0000"},{"v":0,"d":"0.00"},{"v":0,"d":"0.0000"},{"v":0,"d":"0.00"},{"v":3850,"d":"3850.00"},{"v":1,"d":"1.0000"},{"v":3850,"d":"3850.00"}]
["021","Стенд \"Воинские звание и знаки различия военнослуж. РФ\"/2017","4","шт","Камалов Ильсур Рашитович",{"v":2950,"d":"2950.00"},{"v":1,"d":"1.0000"},{"v":2950,"d":"2950.00"},{"v":0,"d":"0.0000"},{"v":0,"d":"0.00"},{"v":0,"d":"0.0000"},{"v":0,"d":"0.00"},{"v":2950,"d":"2950.00"},{"v":1,"d":"1.0000"},{"v":2950,"d":"2950.00"}]
["021","Стенд \"Гос.герб,флаг,гимн РФ\"/2017","4","шт","Камалов Ильсур Рашитович",{"v":1800,"d":"1800.00"},{"v":1,"d":"1.0000"},{"v":1800,"d":"1800.00"},{"v":0,"d":"0.0000"},{"v":0,"d":"0.00"},{"v":0,"d":"0.0000"},{"v":0,"d":"0.00"},{"v":1800,"d":"1800.00"},{"v":1,"d":"1.0000"},{"v":1800,"d":"1800.00"}]
["021","Стенд \"Гос.награды РФ\"/2017","4","шт","Камалов Ильсур Рашитович",{"v":1900,"d":"1900.00"},{"v":1,"d":"1.0000"},{"v":1900,"d":"1900.00"},{"v":0,"d":"0.0000"},{"v":0,"d":"0.00"},{"v":0,"d":"0.0000"},{"v":0,"d":"0.00"},{"v":1900,"d":"1900.00"},{"v":1,"d":"1.0000"},{"v":1900,"d":"1900.00"}]
["021","Стенд \"Общевоинские уставы вооруженных сил РФ\"/2017","4","шт","Камалов Ильсур Рашитович",{"v":2950,"d":"2950.00"},{"v":1,"d":"1.0000"},{"v":2950,"d":"2950.00"},{"v":0,"d":"0.0000"},{"v":0,"d":"0.00"},{"v":0,"d":"0.0000"},{"v":0,"d":"0.00"},{"v":2950,"d":"2950.00"},{"v":1,"d":"1.0000"},{"v":2950,"d":"2950.00"}]
["021","Стенд \"Обязанности пешехода\" (д.сад)","4","шт","Мифтахова  Айгуль  Ильгизаровна",{"v":0,"d":"0.00"},{"v":2,"d":"2.0000"},{"v":0,"d":"0.00"},{"v":0,"d":"0.0000"},{"v":0,"d":"0.00"},{"v":0,"d":"0.0000"},{"v":0,"d":"0.00"},{"v":0,"d":"0.00"},{"v":2,"d":"2.0000"},{"v":0,"d":"0.00"}]
["021","Стенд \"Огневая подготовка\"/2017","4","шт","Камалов Ильсур Рашитович",{"v":2950,"d":"2950.00"},{"v":1,"d":"1.0000"},{"v":2950,"d":"2950.00"},{"v":0,"d":"0.0000"},{"v":0,"d":"0.00"},{"v":0,"d":"0.0000"},{"v":0,"d":"0.00"},{"v":2950,"d":"2950.00"},{"v":1,"d":"1.0000"},{"v":2950,"d":"2950.00"}]
["021","Стенд \"Основы и правила стрельбы из стрелкового оружия\"/2017","4","шт","Камалов Ильсур Рашитович",{"v":1900,"d":"1900.00"},{"v":1,"d":"1.0000"},{"v":1900,"d":"1900.00"},{"v":0,"d":"0.0000"},{"v":0,"d":"0.00"},{"v":0,"d":"0.0000"},{"v":0,"d":"0.00"},{"v":1900,"d":"1900.00"},{"v":1,"d":"1.0000"},{"v":1900,"d":"1900.00"}]
["021","Стенд \"Приборы радиационный и химической разведки\"/2017","4","шт","Камалов Ильсур Рашитович",{"v":1800,"d":"1800.00"},{"v":1,"d":"1.0000"},{"v":1800,"d":"1800.00"},{"v":0,"d":"0.0000"},{"v":0,"d":"0.00"},{"v":0,"d":"0.0000"},{"v":0,"d":"0.00"},{"v":1800,"d":"1800.00"},{"v":1,"d":"1.0000"},{"v":1800,"d":"1800.00"}]
["021","Стенд \"Средства защиты органов дыхания (индив.ср-ва защиты)\"/2017","4","шт","Камалов Ильсур Рашитович",{"v":2950,"d":"2950.00"},{"v":1,"d":"1.0000"},{"v":2950,"d":"2950.00"},{"v":0,"d":"0.0000"},{"v":0,"d":"0.00"},{"v":0,"d":"0.0000"},{"v":0,"d":"0.00"},{"v":2950,"d":"2950.00"},{"v":1,"d":"1.0000"},{"v":2950,"d":"2950.00"}]
["021","Стенд \"Строевая подготовка\"/2017","4","шт","Камалов Ильсур Рашитович",{"v":2900,"d":"2900.00"},{"v":1,"d":"1.0000"},{"v":2900,"d":"2900.00"},{"v":0,"d":"0.0000"},{"v":0,"d":"0.00"},{"v":0,"d":"0.0000"},{"v":0,"d":"0.00"},{"v":2900,"d":"2900.00"},{"v":1,"d":"1.0000"},{"v":2900,"d":"2900.00"}]
["021","Стенд \"Структура Вооруженных сил РФ\"/2017","4","шт","Камалов Ильсур Рашитович",{"v":2950,"d":"2950.00"},{"v":1,"d":"1.0000"},{"v":2950,"d":"2950.00"},{"v":0,"d":"0.0000"},{"v":0,"d":"0.00"},{"v":0,"d":"0.0000"},{"v":0,"d":"0.00"},{"v":2950,"d":"2950.00"},{"v":1,"d":"1.0000"},{"v":2950,"d":"2950.00"}]
["021","Стенд (д.сад)","4","шт","Мифтахова  Айгуль  Ильгизаровна",{"v":0,"d":"0.00"},{"v":15,"d":"15.0000"},{"v":0,"d":"0.00"},{"v":0,"d":"0.0000"},{"v":0,"d":"0.00"},{"v":0,"d":"0.0000"},{"v":0,"d":"0.00"},{"v":0,"d":"0.00"},{"v":15,"d":"15.0000"},{"v":0,"d":"0.00"}]
["021","Стенд с гос-ой символикой РТ","4","шт","Камалов Ильсур Рашитович",{"v":2162.5,"d":"2162.50"},{"v":1,"d":"1.0000"},{"v":2162.5,"d":"2162.50"},{"v":0,"d":"0.0000"},{"v":0,"d":"0.00"},{"v":0,"d":"0.0000"},{"v":0,"d":"0.00"},{"v":2162.5,"d":"2162.50"},{"v":1,"d":"1.0000"},{"v":2162.5,"d":"2162.50"}]
["021","Стенд с гос-ой символикой РФ","4","шт","Камалов Ильсур Рашитович",{"v":2162.5,"d":"2162.50"},{"v":1,"d":"1.0000"},{"v":2162.5,"d":"2162.50"},{"v":0,"d":"0.0000"},{"v":0,"d":"0.00"},{"v":0,"d":"0.0000"},{"v":0,"d":"0.00"},{"v":2162.5,"d":"2162.50"},{"v":1,"d":"1.0000"},{"v":2162.5,"d":"2162.50"}]
["021","Стенд эвакуационный (д.сад)","4","шт","Мифтахова  Айгуль  Ильгизаровна",{"v":0,"d":"0.00"},{"v":1,"d":"1.0000"},{"v":0,"d":"0.00"},{"v":0,"d":"0.0000"},{"v":0,"d":"0.00"},{"v":0,"d":"0.0000"},{"v":0,"d":"0.00"},{"v":0,"d":"0.00"},{"v":1,"d":"1.0000"},{"v":0,"d":"0.00"}]
["021","Стенд-уголок \"Конституция РФ и Федер.закон \"О воинск.обязанности и военной службе\"/2017","4","шт","Камалов Ильсур Рашитович",{"v":2750,"d":"2750.00"},{"v":1,"d":"1.0000"},{"v":2750,"d":"2750.00"},{"v":0,"d":"0.0000"},{"v":0,"d":"0.00"},{"v":0,"d":"0.0000"},{"v":0,"d":"0.00"},{"v":2750,"d":"2750.00"},{"v":1,"d":"1.0000"},{"v":2750,"d":"2750.00"}]
["021","Стенд-уголок маркерн.\"Техника безопасности.Устройство,сборка и разборка автомата АК-74 нормативы\"/2017","4","шт","Камалов Ильсур Рашитович",{"v":6250,"d":"6250.00"},{"v":1,"d":"1.0000"},{"v":6250,"d":"6250.00"},{"v":0,"d":"0.0000"},{"v":0,"d":"0.00"},{"v":0,"d":"0.0000"},{"v":0,"d":"0.00"},{"v":6250,"d":"6250.00"},{"v":1,"d":"1.0000"},{"v":6250,"d":"6250.00"}]
["021","Стенды \"Учебно-практическое оборудование по оказанию первой помощи\"/2017","4","шт","Камалов Ильсур Рашитович",{"v":6300,"d":"6300.00"},{"v":1,"d":"1.0000"},{"v":6300,"d":"6300.00"},{"v":0,"d":"0.0000"},{"v":0,"d":"0.00"},{"v":0,"d":"0.0000"},{"v":0,"d":"0.00"},{"v":6300,"d":"6300.00"},{"v":1,"d":"1.0000"},{"v":6300,"d":"6300.00"}]
["021","Стенка гимнаст./10.2007г","4","шт","Камалов Ильсур Рашитович",{"v":2660,"d":"2660.00"},{"v":9,"d":"9.0000"},{"v":23940,"d":"23940.00"},{"v":0,"d":"0.0000"},{"v":0,"d":"0.00"},{"v":0,"d":"0.0000"},{"v":0,"d":"0.00"},{"v":2660,"d":"2660.00"},{"v":9,"d":"9.0000"},{"v":23940,"d":"23940.00"}]
["021","стенка гимнастическая","4","шт","Камалов Ильсур Рашитович",{"v":2000,"d":"2000.00"},{"v":5,"d":"5.0000"},{"v":10000,"d":"10000.00"},{"v":0,"d":"0.0000"},{"v":0,"d":"0.00"},{"v":0,"d":"0.0000"},{"v":0,"d":"0.00"},{"v":2000,"d":"2000.00"},{"v":5,"d":"5.0000"},{"v":10000,"d":"10000.00"}]
["10536","стерилизатор п40-1","4","шт","Камалов Ильсур Рашитович",{"v":220,"d":"220.00"},{"v":1,"d":"1.0000"},{"v":220,"d":"220.00"},{"v":0,"d":"0.0000"},{"v":0,"d":"0.00"},{"v":0,"d":"0.0000"},{"v":0,"d":"0.00"},{"v":220,"d":"220.00"},{"v":1,"d":"1.0000"},{"v":220,"d":"220.00"}]
["10536","Стетофонедоскоп (д.сад)","4","шт","Бадретдинова  Ильзира  Габделнуровна",{"v":150,"d":"150.00"},{"v":1,"d":"1.0000"},{"v":150,"d":"150.00"},{"v":0,"d":"0.0000"},{"v":0,"d":"0.00"},{"v":0,"d":"0.0000"},{"v":0,"d":"0.00"},{"v":150,"d":"150.00"},{"v":1,"d":"1.0000"},{"v":150,"d":"150.00"}]
["021","Стойка д/прыжков в высоту/10.2007г","4","шт","Камалов Ильсур Рашитович",{"v":2755,"d":"2755.00"},{"v":1,"d":"1.0000"},{"v":2755,"d":"2755.00"},{"v":0,"d":"0.0000"},{"v":0,"d":"0.00"},{"v":0,"d":"0.0000"},{"v":0,"d":"0.00"},{"v":2755,"d":"2755.00"},{"v":1,"d":"1.0000"},{"v":2755,"d":"2755.00"}]
["021","Стойка микрофонная PROEL RSM-180","4","шт","Камалов Ильсур Рашитович",{"v":1700,"d":"1700.00"},{"v":3,"d":"3.0000"},{"v":5100,"d":"5100.00"},{"v":0,"d":"0.0000"},{"v":0,"d":"0.00"},{"v":0,"d":"0.0000"},{"v":0,"d":"0.00"},{"v":1700,"d":"1700.00"},{"v":3,"d":"3.0000"},{"v":5100,"d":"5100.00"}]
["021","Стойка тренога под колонку Tempo","4","шт","Камалов Ильсур Рашитович",{"v":2700,"d":"2700.00"},{"v":2,"d":"2.0000"},{"v":5400,"d":"5400.00"},{"v":0,"d":"0.0000"},{"v":0,"d":"0.00"},{"v":0,"d":"0.0000"},{"v":0,"d":"0.00"},{"v":2700,"d":"2700.00"},{"v":2,"d":"2.0000"},{"v":5400,"d":"5400.00"}]
["002","Стойки баскетбольные","4","шт","Камалов Ильсур Рашитович",{"v":6650,"d":"6650.00"},{"v":1,"d":"1.0000"},{"v":6650,"d":"6650.00"},{"v":0,"d":"0.0000"},{"v":0,"d":"0.00"},{"v":0,"d":"0.0000"},{"v":0,"d":"0.00"},{"v":6650,"d":"6650.00"},{"v":1,"d":"1.0000"},{"v":6650,"d":"6650.00"}]
["021","Стол д/врача с 2мя ст.полками/10.2007г","4","шт","Камалов Ильсур Рашитович",{"v":2800,"d":"2800.00"},{"v":1,"d":"1.0000"},{"v":2800,"d":"2800.00"},{"v":0,"d":"0.0000"},{"v":0,"d":"0.00"},{"v":0,"d":"0.0000"},{"v":0,"d":"0.00"},{"v":2800,"d":"2800.00"},{"v":1,"d":"1.0000"},{"v":2800,"d":"2800.00"}]
["021","Стол д/заседаний/10.2007г","4","шт","Камалов Ильсур Рашитович",{"v":2750,"d":"2750.00"},{"v":2,"d":"2.0000"},{"v":5500,"d":"5500.00"},{"v":0,"d":"0.0000"},{"v":0,"d":"0.00"},{"v":0,"d":"0.0000"},{"v":0,"d":"0.00"},{"v":2750,"d":"2750.00"},{"v":2,"d":"2.0000"},{"v":5500,"d":"5500.00"}]
["021","Стол д/каб.физ.и биологии/10.2007г","4","шт","Камалов Ильсур Рашитович",{"v":2900,"d":"2900.00"},{"v":26,"d":"26.0000"},{"v":75400,"d":"75400.00"},{"v":0,"d":"0.0000"},{"v":0,"d":"0.00"},{"v":0,"d":"0.0000"},{"v":0,"d":"0.00"},{"v":2900,"d":"2900.00"},{"v":26,"d":"26.0000"},{"v":75400,"d":"75400.00"}]
["021","Стол д/каб.химии ","4","шт","Камалов Ильсур Рашитович",{"v":3100,"d":"3100.00"},{"v":13,"d":"13.0000"},{"v":40300,"d":"40300.00"},{"v":0,"d":"0.0000"},{"v":0,"d":"0.00"},{"v":0,"d":"0.0000"},{"v":0,"d":"0.00"},{"v":3100,"d":"3100.00"},{"v":13,"d":"13.0000"},{"v":40300,"d":"40300.00"}]
["021","Стол д/президиума 800*750*800/2018","4","шт","Камалов Ильсур Рашитович",{"v":6500,"d":"6500.00"},{"v":1,"d":"1.0000"},{"v":6500,"d":"6500.00"},{"v":0,"d":"0.0000"},{"v":0,"d":"0.00"},{"v":0,"d":"0.0000"},{"v":0,"d":"0.00"},{"v":6500,"d":"6500.00"},{"v":1,"d":"1.0000"},{"v":6500,"d":"6500.00"}]
["021","Стол д/ремонта и монтажа/10.2007г","4","шт","Камалов Ильсур Рашитович",{"v":1200,"d":"1200.00"},{"v":1,"d":"1.0000"},{"v":1200,"d":"1200.00"},{"v":0,"d":"0.0000"},{"v":0,"d":"0.00"},{"v":0,"d":"0.0000"},{"v":0,"d":"0.00"},{"v":1200,"d":"1200.00"},{"v":1,"d":"1.0000"},{"v":1200,"d":"1200.00"}]
["021","Стол д/рубки мясо/10.2007г","4","шт","Камалов Ильсур Рашитович",{"v":2400,"d":"2400.00"},{"v":1,"d":"1.0000"},{"v":2400,"d":"2400.00"},{"v":0,"d":"0.0000"},{"v":0,"d":"0.00"},{"v":0,"d":"0.0000"},{"v":0,"d":"0.00"},{"v":2400,"d":"2400.00"},{"v":1,"d":"1.0000"},{"v":2400,"d":"2400.00"}]
["021","Стол демонстрационный химич.лаборат ","4","шт","Камалов Ильсур Рашитович",{"v":7000,"d":"7000.00"},{"v":2,"d":"2.0000"},{"v":14000,"d":"14000.00"},{"v":0,"d":"0.0000"},{"v":0,"d":"0.00"},{"v":0,"d":"0.0000"},{"v":0,"d":"0.00"},{"v":7000,"d":"7000.00"},{"v":2,"d":"2.0000"},{"v":14000,"d":"14000.00"}]
["021","Стол детский 4-х мест.гномик 650*650*600 (д.сад)","4","шт","Мифтахова  Айгуль  Ильгизаровна",{"v":2320.9,"d":"2320.90"},{"v":2,"d":"2.0000"},{"v":4641.8,"d":"4641.80"},{"v":0,"d":"0.0000"},{"v":0,"d":"0.00"},{"v":0,"d":"0.0000"},{"v":0,"d":"0.00"},{"v":2320.9,"d":"2320.90"},{"v":2,"d":"2.0000"},{"v":4641.8,"d":"4641.80"}]
["021","Стол детский 4-х местный \"Гномик\" (д.сад)","4","шт","Мифтахова  Айгуль  Ильгизаровна",2350.01,{"v":16,"d":"16.0000"},37600.09,{"v":0,"d":"0.0000"},{"v":0,"d":"0.00"},{"v":0,"d":"0.0000"},{"v":0,"d":"0.00"},2350.01,{"v":16,"d":"16.0000"},37600.09]
["10536","стол для игр.и занятий","4","шт","Камалов Ильсур Рашитович",{"v":1000,"d":"1000.00"},{"v":4,"d":"4.0000"},{"v":4000,"d":"4000.00"},{"v":0,"d":"0.0000"},{"v":0,"d":"0.00"},{"v":0,"d":"0.0000"},{"v":0,"d":"0.00"},{"v":1000,"d":"1000.00"},{"v":4,"d":"4.0000"},{"v":4000,"d":"4000.00"}]
["021","Стол журнальн./10.2007г","4","шт","Камалов Ильсур Рашитович",{"v":1100,"d":"1100.00"},{"v":3,"d":"3.0000"},{"v":3300,"d":"3300.00"},{"v":0,"d":"0.0000"},{"v":0,"d":"0.00"},{"v":0,"d":"0.0000"},{"v":0,"d":"0.00"},{"v":1100,"d":"1100.00"},{"v":3,"d":"3.0000"},{"v":3300,"d":"3300.00"}]
["021","Стол компьют../10.2007г","4","шт","Камалов Ильсур Рашитович",{"v":1430,"d":"1430.00"},{"v":30,"d":"30.0000"},{"v":42900,"d":"42900.00"},{"v":0,"d":"0.0000"},{"v":0,"d":"0.00"},{"v":0,"d":"0.0000"},{"v":0,"d":"0.00"},{"v":1430,"d":"1430.00"},{"v":30,"d":"30.0000"},{"v":42900,"d":"42900.00"}]
["026","Стол компьют../10.2007г","4","шт",null,{"v":1430,"d":"1430.00"},{"v":1,"d":"1.0000"},{"v":1430,"d":"1430.00"},{"v":0,"d":"0.0000"},{"v":0,"d":"0.00"},{"v":0,"d":"0.0000"},{"v":0,"d":"0.00"},{"v":1430,"d":"1430.00"},{"v":1,"d":"1.0000"},{"v":1430,"d":"1430.00"}]
["021","Стол компьют.прямой 800*640*726/04.2012г","4","шт","Камалов Ильсур Рашитович",{"v":1025,"d":"1025.00"},{"v":5,"d":"5.0000"},{"v":5125,"d":"5125.00"},{"v":0,"d":"0.0000"},{"v":0,"d":"0.00"},{"v":0,"d":"0.0000"},{"v":0,"d":"0.00"},{"v":1025,"d":"1025.00"},{"v":5,"d":"5.0000"},{"v":5125,"d":"5125.00"}]
["021","Стол лабор./10.2007г","4","шт","Камалов Ильсур Рашитович",{"v":2900,"d":"2900.00"},{"v":13,"d":"13.0000"},{"v":37700,"d":"37700.00"},{"v":0,"d":"0.0000"},{"v":0,"d":"0.00"},{"v":0,"d":"0.0000"},{"v":0,"d":"0.00"},{"v":2900,"d":"2900.00"},{"v":13,"d":"13.0000"},{"v":37700,"d":"37700.00"}]
["021","Стол лабор.физич./10.2007г","4","шт","Камалов Ильсур Рашитович",{"v":2900,"d":"2900.00"},{"v":14,"d":"14.0000"},{"v":40600,"d":"40600.00"},{"v":0,"d":"0.0000"},{"v":0,"d":"0.00"},{"v":0,"d":"0.0000"},{"v":0,"d":"0.00"},{"v":2900,"d":"2900.00"},{"v":14,"d":"14.0000"},{"v":40600,"d":"40600.00"}]
["021","Стол медсестры/10.2007г","4","шт","Камалов Ильсур Рашитович",{"v":1600,"d":"1600.00"},{"v":2,"d":"2.0000"},{"v":3200,"d":"3200.00"},{"v":0,"d":"0.0000"},{"v":0,"d":"0.00"},{"v":0,"d":"0.0000"},{"v":0,"d":"0.00"},{"v":1600,"d":"1600.00"},{"v":2,"d":"2.0000"},{"v":3200,"d":"3200.00"}]
["021","Стол палатн.президиума/10.2007г","4","шт","Камалов Ильсур Рашитович",{"v":1100,"d":"1100.00"},{"v":1,"d":"1.0000"},{"v":1100,"d":"1100.00"},{"v":0,"d":"0.0000"},{"v":0,"d":"0.00"},{"v":0,"d":"0.0000"},{"v":0,"d":"0.00"},{"v":1100,"d":"1100.00"},{"v":1,"d":"1.0000"},{"v":1100,"d":"1100.00"}]
["021","Стол письмен./10.2007г","4","шт","Камалов Ильсур Рашитович",{"v":1600,"d":"1600.00"},{"v":1,"d":"1.0000"},{"v":1600,"d":"1600.00"},{"v":0,"d":"0.0000"},{"v":0,"d":"0.00"},{"v":0,"d":"0.0000"},{"v":0,"d":"0.00"},{"v":1600,"d":"1600.00"},{"v":1,"d":"1.0000"},{"v":1600,"d":"1600.00"}]
["026","Стол письмен./10.2007г","4","шт",null,{"v":1600,"d":"1600.00"},{"v":3,"d":"3.0000"},{"v":4800,"d":"4800.00"},{"v":0,"d":"0.0000"},{"v":0,"d":"0.00"},{"v":0,"d":"0.0000"},{"v":0,"d":"0.00"},{"v":1600,"d":"1600.00"},{"v":3,"d":"3.0000"},{"v":4800,"d":"4800.00"}]
["021","Стол письмен.2х тумб./10.2007г","4","шт","Камалов Ильсур Рашитович",{"v":3000,"d":"3000.00"},{"v":7,"d":"7.0000"},{"v":21000,"d":"21000.00"},{"v":0,"d":"0.0000"},{"v":0,"d":"0.00"},{"v":0,"d":"0.0000"},{"v":0,"d":"0.00"},{"v":3000,"d":"3000.00"},{"v":7,"d":"7.0000"},{"v":21000,"d":"21000.00"}]
["021","Стол преподавателя/10.2007г","4","шт","Камалов Ильсур Рашитович",{"v":2025,"d":"2025.00"},{"v":40,"d":"40.0000"},{"v":81000,"d":"81000.00"},{"v":0,"d":"0.0000"},{"v":0,"d":"0.00"},{"v":0,"d":"0.0000"},{"v":0,"d":"0.00"},{"v":2025,"d":"2025.00"},{"v":40,"d":"40.0000"},{"v":81000,"d":"81000.00"}]
["021","Стол приставной соединит./10.2007г","4","шт","Камалов Ильсур Рашитович",{"v":1450,"d":"1450.00"},{"v":1,"d":"1.0000"},{"v":1450,"d":"1450.00"},{"v":0,"d":"0.0000"},{"v":0,"d":"0.00"},{"v":0,"d":"0.0000"},{"v":0,"d":"0.00"},{"v":1450,"d":"1450.00"},{"v":1,"d":"1.0000"},{"v":1450,"d":"1450.00"}]
["021","Стол производствен./10.2007г","4","шт","Камалов Ильсур Рашитович",{"v":1300,"d":"1300.00"},{"v":18,"d":"18.0000"},{"v":23400,"d":"23400.00"},{"v":0,"d":"0.0000"},{"v":0,"d":"0.00"},{"v":0,"d":"0.0000"},{"v":0,"d":"0.00"},{"v":1300,"d":"1300.00"},{"v":18,"d":"18.0000"},{"v":23400,"d":"23400.00"}]
["021","Стол рабочий библиотекаря/10.2007г","4","шт","Камалов Ильсур Рашитович",{"v":1416,"d":"1416.00"},{"v":1,"d":"1.0000"},{"v":1416,"d":"1416.00"},{"v":0,"d":"0.0000"},{"v":0,"d":"0.00"},{"v":0,"d":"0.0000"},{"v":0,"d":"0.00"},{"v":1416,"d":"1416.00"},{"v":1,"d":"1.0000"},{"v":1416,"d":"1416.00"}]
["021","Стол разд. с бортом СРОБ 600*600*870 (д.сад)","4","шт","Мифтахова  Айгуль  Ильгизаровна",{"v":1750,"d":"1750.00"},{"v":3,"d":"3.0000"},{"v":5250,"d":"5250.00"},{"v":0,"d":"0.0000"},{"v":0,"d":"0.00"},{"v":0,"d":"0.0000"},{"v":0,"d":"0.00"},{"v":1750,"d":"1750.00"},{"v":3,"d":"3.0000"},{"v":5250,"d":"5250.00"}]
["021","Стол разделочный СРО 600*600*870 (д.сад)","4","шт","Мифтахова  Айгуль  Ильгизаровна",{"v":1705,"d":"1705.00"},{"v":3,"d":"3.0000"},{"v":5115,"d":"5115.00"},{"v":0,"d":"0.0000"},{"v":0,"d":"0.00"},{"v":0,"d":"0.0000"},{"v":0,"d":"0.00"},{"v":1705,"d":"1705.00"},{"v":3,"d":"3.0000"},{"v":5115,"d":"5115.00"}]
["021","Стол ресепшн 1350*1100*580/2018","4","шт","Камалов Ильсур Рашитович",{"v":5500,"d":"5500.00"},{"v":1,"d":"1.0000"},{"v":5500,"d":"5500.00"},{"v":0,"d":"0.0000"},{"v":0,"d":"0.00"},{"v":0,"d":"0.0000"},{"v":0,"d":"0.00"},{"v":5500,"d":"5500.00"},{"v":1,"d":"1.0000"},{"v":5500,"d":"5500.00"}]
["021","Столик инструментальн./10.2007г","4","шт","Камалов Ильсур Рашитович",{"v":1650,"d":"1650.00"},{"v":4,"d":"4.0000"},{"v":6600,"d":"6600.00"},{"v":0,"d":"0.0000"},{"v":0,"d":"0.00"},{"v":0,"d":"0.0000"},{"v":0,"d":"0.00"},{"v":1650,"d":"1650.00"},{"v":4,"d":"4.0000"},{"v":6600,"d":"6600.00"}]
["021","Столик инструментальный процедурный передвижной (стекло-стекло) (д.сад)","4","шт","Бадретдинова  Ильзира  Габделнуровна",{"v":2900,"d":"2900.00"},{"v":2,"d":"2.0000"},{"v":5800,"d":"5800.00"},{"v":0,"d":"0.0000"},{"v":0,"d":"0.00"},{"v":0,"d":"0.0000"},{"v":0,"d":"0.00"},{"v":2900,"d":"2900.00"},{"v":2,"d":"2.0000"},{"v":5800,"d":"5800.00"}]
["10536","стрелки магнитные на штативах","4","шт","Камалов Ильсур Рашитович",{"v":275,"d":"275.00"},{"v":2,"d":"2.0000"},{"v":550,"d":"550.00"},{"v":0,"d":"0.0000"},{"v":0,"d":"0.00"},{"v":0,"d":"0.0000"},{"v":0,"d":"0.00"},{"v":275,"d":"275.00"},{"v":2,"d":"2.0000"},{"v":550,"d":"550.00"}]
["021","Стул 105 (д.сад)","4","шт","Мифтахова  Айгуль  Ильгизаровна",{"v":490,"d":"490.00"},{"v":2,"d":"2.0000"},979.99,{"v":0,"d":"0.0000"},{"v":0,"d":"0.00"},{"v":0,"d":"0.0000"},{"v":0,"d":"0.00"},{"v":490,"d":"490.00"},{"v":2,"d":"2.0000"},979.99]
["021","Стул детский \"Классик\" (д.сад)","4","шт","Мифтахова  Айгуль  Ильгизаровна",510.01,{"v":4,"d":"4.0000"},2040.03,{"v":0,"d":"0.0000"},{"v":0,"d":"0.00"},{"v":0,"d":"0.0000"},{"v":0,"d":"0.00"},510.01,{"v":4,"d":"4.0000"},2040.03]
["021","Стул детский \"Майя\" (д.сад)","4","шт","Мифтахова  Айгуль  Ильгизаровна",{"v":350,"d":"350.00"},{"v":50,"d":"50.0000"},17499.99,{"v":0,"d":"0.0000"},{"v":0,"d":"0.00"},{"v":0,"d":"0.0000"},{"v":0,"d":"0.00"},{"v":350,"d":"350.00"},{"v":50,"d":"50.0000"},17499.99]
["021","Стул детский \"Майя\" с высотой 320мм (д.сад)","4","шт","Мифтахова  Айгуль  Ильгизаровна",{"v":350,"d":"350.00"},{"v":5,"d":"5.0000"},{"v":1750,"d":"1750.00"},{"v":0,"d":"0.0000"},{"v":0,"d":"0.00"},{"v":0,"d":"0.0000"},{"v":0,"d":"0.00"},{"v":350,"d":"350.00"},{"v":5,"d":"5.0000"},{"v":1750,"d":"1750.00"}]
["021","Стул медицинский (д.сад)","4","шт","Бадретдинова  Ильзира  Габделнуровна",{"v":1100,"d":"1100.00"},{"v":2,"d":"2.0000"},{"v":2200,"d":"2200.00"},{"v":0,"d":"0.0000"},{"v":0,"d":"0.00"},{"v":0,"d":"0.0000"},{"v":0,"d":"0.00"},{"v":1100,"d":"1100.00"},{"v":2,"d":"2.0000"},{"v":2200,"d":"2200.00"}]
["021","Стул офисный, полмягкий 873*456*501 (д.сад)","4","шт","Мифтахова  Айгуль  Ильгизаровна",{"v":490,"d":"490.00"},{"v":2,"d":"2.0000"},{"v":980,"d":"980.00"},{"v":0,"d":"0.0000"},{"v":0,"d":"0.00"},{"v":0,"d":"0.0000"},{"v":0,"d":"0.00"},{"v":490,"d":"490.00"},{"v":2,"d":"2.0000"},{"v":980,"d":"980.00"}]
["026","стул полужесткий","4","шт",null,{"v":550,"d":"550.00"},{"v":15,"d":"15.0000"},{"v":8250,"d":"8250.00"},{"v":0,"d":"0.0000"},{"v":0,"d":"0.00"},{"v":0,"d":"0.0000"},{"v":0,"d":"0.00"},{"v":550,"d":"550.00"},{"v":15,"d":"15.0000"},{"v":8250,"d":"8250.00"}]
["10536","стул полужесткий","4","шт","Камалов Ильсур Рашитович",{"v":550,"d":"550.00"},{"v":53,"d":"53.0000"},{"v":29150,"d":"29150.00"},{"v":0,"d":"0.0000"},{"v":0,"d":"0.00"},{"v":0,"d":"0.0000"},{"v":0,"d":"0.00"},{"v":550,"d":"550.00"},{"v":53,"d":"53.0000"},{"v":29150,"d":"29150.00"}]
["021","Стул СМ-7,ткань серая/04.2012г","4","шт","Камалов Ильсур Рашитович",431.35,{"v":3,"d":"3.0000"},1294.05,{"v":0,"d":"0.0000"},{"v":0,"d":"0.00"},{"v":0,"d":"0.0000"},{"v":0,"d":"0.00"},431.35,{"v":3,"d":"3.0000"},1294.05]
["10536","стул уч.2-х местный","4","шт","Камалов Ильсур Рашитович",{"v":900,"d":"900.00"},{"v":266,"d":"266.0000"},{"v":239400,"d":"239400.00"},{"v":0,"d":"0.0000"},{"v":0,"d":"0.00"},{"v":0,"d":"0.0000"},{"v":0,"d":"0.00"},{"v":900,"d":"900.00"},{"v":266,"d":"266.0000"},{"v":239400,"d":"239400.00"}]
["021","Стул учен.регулир.по высоте 375*410*745","4","шт","Камалов Ильсур Рашитович",{"v":550,"d":"550.00"},{"v":62,"d":"62.0000"},{"v":34100,"d":"34100.00"},{"v":0,"d":"0.0000"},{"v":0,"d":"0.00"},{"v":0,"d":"0.0000"},{"v":0,"d":"0.00"},{"v":550,"d":"550.00"},{"v":62,"d":"62.0000"},{"v":34100,"d":"34100.00"}]
["10536","стул ученический","4","шт","Камалов Ильсур Рашитович",{"v":450,"d":"450.00"},{"v":645,"d":"645.0000"},{"v":290250,"d":"290250.00"},{"v":0,"d":"0.0000"},{"v":0,"d":"0.00"},{"v":0,"d":"0.0000"},{"v":0,"d":"0.00"},{"v":450,"d":"450.00"},{"v":645,"d":"645.0000"},{"v":290250,"d":"290250.00"}]
["021","Стул элитный \"Элегант\"/10.2007г","4","шт","Камалов Ильсур Рашитович",{"v":1606,"d":"1606.00"},{"v":10,"d":"10.0000"},{"v":16060,"d":"16060.00"},{"v":0,"d":"0.0000"},{"v":0,"d":"0.00"},{"v":0,"d":"0.0000"},{"v":0,"d":"0.00"},{"v":1606,"d":"1606.00"},{"v":10,"d":"10.0000"},{"v":16060,"d":"16060.00"}]
["10536","Сувенир/2019","4","шт","Камалов Ильсур Рашитович",{"v":672.4,"d":"672.40"},{"v":20,"d":"20.0000"},{"v":13448,"d":"13448.00"},{"v":0,"d":"0.0000"},{"v":0,"d":"0.00"},{"v":0,"d":"0.0000"},{"v":0,"d":"0.00"},{"v":672.4,"d":"672.40"},{"v":20,"d":"20.0000"},{"v":13448,"d":"13448.00"}]
["021","Сушилка д/рук электр/2018","4","шт","Камалов Ильсур Рашитович",{"v":1270,"d":"1270.00"},{"v":5,"d":"5.0000"},{"v":6350,"d":"6350.00"},{"v":0,"d":"0.0000"},{"v":0,"d":"0.00"},{"v":0,"d":"0.0000"},{"v":0,"d":"0.00"},{"v":1270,"d":"1270.00"},{"v":5,"d":"5.0000"},{"v":6350,"d":"6350.00"}]
["021","Счетчик \"Меркурий 234\" ART-03 Р","4","шт","Камалов Ильсур Рашитович",{"v":6975,"d":"6975.00"},{"v":2,"d":"2.0000"},{"v":13950,"d":"13950.00"},{"v":0,"d":"0.0000"},{"v":0,"d":"0.00"},{"v":0,"d":"0.0000"},{"v":0,"d":"0.00"},{"v":6975,"d":"6975.00"},{"v":2,"d":"2.0000"},{"v":13950,"d":"13950.00"}]
["002","Счетчик газа","4","шт","Камалов Ильсур Рашитович",{"v":165050,"d":"165050.00"},{"v":1,"d":"1.0000"},{"v":165050,"d":"165050.00"},{"v":0,"d":"0.0000"},{"v":0,"d":"0.00"},{"v":0,"d":"0.0000"},{"v":0,"d":"0.00"},{"v":165050,"d":"165050.00"},{"v":1,"d":"1.0000"},{"v":165050,"d":"165050.00"}]
["021","таб-цы по алгебре","4","шт","Камалов Ильсур Рашитович",{"v":1481.8,"d":"1481.80"},{"v":22,"d":"22.0000"},32599.65,{"v":0,"d":"0.0000"},{"v":0,"d":"0.00"},{"v":0,"d":"0.0000"},{"v":0,"d":"0.00"},{"v":1481.8,"d":"1481.80"},{"v":22,"d":"22.0000"},32599.65]
["10536","таб.земля как планета","4","шт","Камалов Ильсур Рашитович",{"v":898,"d":"898.00"},{"v":1,"d":"1.0000"},{"v":898,"d":"898.00"},{"v":0,"d":"0.0000"},{"v":0,"d":"0.00"},{"v":0,"d":"0.0000"},{"v":0,"d":"0.00"},{"v":898,"d":"898.00"},{"v":1,"d":"1.0000"},{"v":898,"d":"898.00"}]
["10536","таб.рельеф.","4","шт","Камалов Ильсур Рашитович",{"v":937,"d":"937.00"},{"v":1,"d":"1.0000"},{"v":937,"d":"937.00"},{"v":0,"d":"0.0000"},{"v":0,"d":"0.00"},{"v":0,"d":"0.0000"},{"v":0,"d":"0.00"},{"v":937,"d":"937.00"},{"v":1,"d":"1.0000"},{"v":937,"d":"937.00"}]
["10536","табл. \"изические постоянные\"","4","шт","Камалов Ильсур Рашитович",{"v":217,"d":"217.00"},{"v":1,"d":"1.0000"},{"v":217,"d":"217.00"},{"v":0,"d":"0.0000"},{"v":0,"d":"0.00"},{"v":0,"d":"0.0000"},{"v":0,"d":"0.00"},{"v":217,"d":"217.00"},{"v":1,"d":"1.0000"},{"v":217,"d":"217.00"}]
["10536","табл. \"международная  система единиц СИ\"","4","шт","Камалов Ильсур Рашитович",{"v":217,"d":"217.00"},{"v":1,"d":"1.0000"},{"v":217,"d":"217.00"},{"v":0,"d":"0.0000"},{"v":0,"d":"0.00"},{"v":0,"d":"0.0000"},{"v":0,"d":"0.00"},{"v":217,"d":"217.00"},{"v":1,"d":"1.0000"},{"v":217,"d":"217.00"}]
["10536","табл. \"Приставаки для обр.10-ичных кратн","4","шт","Камалов Ильсур Рашитович",{"v":217,"d":"217.00"},{"v":1,"d":"1.0000"},{"v":217,"d":"217.00"},{"v":0,"d":"0.0000"},{"v":0,"d":"0.00"},{"v":0,"d":"0.0000"},{"v":0,"d":"0.00"},{"v":217,"d":"217.00"},{"v":1,"d":"1.0000"},{"v":217,"d":"217.00"}]
["10536","табл. \"траектория движения\"","4","шт","Камалов Ильсур Рашитович",{"v":87,"d":"87.00"},{"v":1,"d":"1.0000"},{"v":87,"d":"87.00"},{"v":0,"d":"0.0000"},{"v":0,"d":"0.00"},{"v":0,"d":"0.0000"},{"v":0,"d":"0.00"},{"v":87,"d":"87.00"},{"v":1,"d":"1.0000"},{"v":87,"d":"87.00"}]
["10536","табл.\"виды демормаций\"","4","шт","Камалов Ильсур Рашитович",{"v":149,"d":"149.00"},{"v":1,"d":"1.0000"},{"v":149,"d":"149.00"},{"v":0,"d":"0.0000"},{"v":0,"d":"0.00"},{"v":0,"d":"0.0000"},{"v":0,"d":"0.00"},{"v":149,"d":"149.00"},{"v":1,"d":"1.0000"},{"v":149,"d":"149.00"}]
["10536","табл.\"Шкала эл.магнит.излучений\"","4","шт","Камалов Ильсур Рашитович",{"v":153,"d":"153.00"},{"v":1,"d":"1.0000"},{"v":153,"d":"153.00"},{"v":0,"d":"0.0000"},{"v":0,"d":"0.00"},{"v":0,"d":"0.0000"},{"v":0,"d":"0.00"},{"v":153,"d":"153.00"},{"v":1,"d":"1.0000"},{"v":153,"d":"153.00"}]
["10536","таблица \"Земля и солнце\"","4","шт","Камалов Ильсур Рашитович",{"v":741,"d":"741.00"},{"v":1,"d":"1.0000"},{"v":741,"d":"741.00"},{"v":0,"d":"0.0000"},{"v":0,"d":"0.00"},{"v":0,"d":"0.0000"},{"v":0,"d":"0.00"},{"v":741,"d":"741.00"},{"v":1,"d":"1.0000"},{"v":741,"d":"741.00"}]
["10536","таблицы по химиии №17/7","4","шт","Камалов Ильсур Рашитович",1365.33,{"v":15,"d":"15.0000"},{"v":20480,"d":"20480.00"},{"v":0,"d":"0.0000"},{"v":0,"d":"0.00"},{"v":0,"d":"0.0000"},{"v":0,"d":"0.00"},1365.33,{"v":15,"d":"15.0000"},{"v":20480,"d":"20480.00"}]
["10536","Таз 25л/2018","4","шт","Камалов Ильсур Рашитович",{"v":189,"d":"189.00"},{"v":3,"d":"3.0000"},{"v":567,"d":"567.00"},{"v":0,"d":"0.0000"},{"v":0,"d":"0.00"},{"v":0,"d":"0.0000"},{"v":0,"d":"0.00"},{"v":189,"d":"189.00"},{"v":3,"d":"3.0000"},{"v":567,"d":"567.00"}]
["10536","Таз п/э 12л пищ.(д.сад)","4","шт","Бадретдинова  Ильзира  Габделнуровна",{"v":75,"d":"75.00"},{"v":6,"d":"6.0000"},{"v":450,"d":"450.00"},{"v":0,"d":"0.0000"},{"v":0,"d":"0.00"},{"v":0,"d":"0.0000"},{"v":0,"d":"0.00"},{"v":75,"d":"75.00"},{"v":6,"d":"6.0000"},{"v":450,"d":"450.00"}]
["10536","таз пищев. алюм.10л","4","шт","Камалов Ильсур Рашитович",{"v":486,"d":"486.00"},{"v":3,"d":"3.0000"},{"v":1458,"d":"1458.00"},{"v":0,"d":"0.0000"},{"v":0,"d":"0.00"},{"v":0,"d":"0.0000"},{"v":0,"d":"0.00"},{"v":486,"d":"486.00"},{"v":3,"d":"3.0000"},{"v":1458,"d":"1458.00"}]
["021","Таз пласт. 10л (д.сад)","4","шт","Мифтахова  Айгуль  Ильгизаровна",{"v":0,"d":"0.00"},{"v":5,"d":"5.0000"},{"v":0,"d":"0.00"},{"v":0,"d":"0.0000"},{"v":0,"d":"0.00"},{"v":0,"d":"0.0000"},{"v":0,"d":"0.00"},{"v":0,"d":"0.00"},{"v":5,"d":"5.0000"},{"v":0,"d":"0.00"}]
["021","Таз пласт.2л (д.сад)","4","шт","Мифтахова  Айгуль  Ильгизаровна",{"v":0,"d":"0.00"},{"v":3,"d":"3.0000"},{"v":0,"d":"0.00"},{"v":0,"d":"0.0000"},{"v":0,"d":"0.00"},{"v":0,"d":"0.0000"},{"v":0,"d":"0.00"},{"v":0,"d":"0.00"},{"v":3,"d":"3.0000"},{"v":0,"d":"0.00"}]
["021","Таз эм. 6л (д.сад)","4","шт","Мифтахова  Айгуль  Ильгизаровна",{"v":350,"d":"350.00"},{"v":4,"d":"4.0000"},{"v":1400,"d":"1400.00"},{"v":0,"d":"0.0000"},{"v":0,"d":"0.00"},{"v":0,"d":"0.0000"},{"v":0,"d":"0.00"},{"v":350,"d":"350.00"},{"v":4,"d":"4.0000"},{"v":1400,"d":"1400.00"}]
["10536","Таз эмаль 12л (д.сад)","4","шт","Бадретдинова  Ильзира  Габделнуровна",{"v":350,"d":"350.00"},{"v":4,"d":"4.0000"},{"v":1400,"d":"1400.00"},{"v":0,"d":"0.0000"},{"v":0,"d":"0.00"},{"v":0,"d":"0.0000"},{"v":0,"d":"0.00"},{"v":350,"d":"350.00"},{"v":4,"d":"4.0000"},{"v":1400,"d":"1400.00"}]
["021","Тазики эмалиров. 3,5л (д.сад)","4","шт","Мифтахова  Айгуль  Ильгизаровна",{"v":200,"d":"200.00"},{"v":4,"d":"4.0000"},{"v":800,"d":"800.00"},{"v":0,"d":"0.0000"},{"v":0,"d":"0.00"},{"v":0,"d":"0.0000"},{"v":0,"d":"0.00"},{"v":200,"d":"200.00"},{"v":4,"d":"4.0000"},{"v":800,"d":"800.00"}]
["10536","Тарелка 200мм земляника цветуч.(д.сад)","4","шт","Бадретдинова  Ильзира  Габделнуровна",{"v":27,"d":"27.00"},{"v":40,"d":"40.0000"},{"v":1080,"d":"1080.00"},{"v":0,"d":"0.0000"},{"v":0,"d":"0.00"},{"v":0,"d":"0.0000"},{"v":0,"d":"0.00"},{"v":27,"d":"27.00"},{"v":40,"d":"40.0000"},{"v":1080,"d":"1080.00"}]
["10536","Тарелка для 1 блюд/2019","4","шт","Камалов Ильсур Рашитович",{"v":120,"d":"120.00"},{"v":200,"d":"200.0000"},{"v":24000,"d":"24000.00"},{"v":0,"d":"0.0000"},{"v":0,"d":"0.00"},{"v":0,"d":"0.0000"},{"v":0,"d":"0.00"},{"v":120,"d":"120.00"},{"v":200,"d":"200.0000"},{"v":24000,"d":"24000.00"}]
["10536","Тарелка для 2 блюд/2019","4","шт","Камалов Ильсур Рашитович",{"v":110,"d":"110.00"},{"v":200,"d":"200.0000"},{"v":22000,"d":"22000.00"},{"v":0,"d":"0.0000"},{"v":0,"d":"0.00"},{"v":0,"d":"0.0000"},{"v":0,"d":"0.00"},{"v":110,"d":"110.00"},{"v":200,"d":"200.0000"},{"v":22000,"d":"22000.00"}]
["10536","Тарелка малая 150мм (д.сад)","4","шт","Бадретдинова  Ильзира  Габделнуровна",{"v":14,"d":"14.00"},{"v":40,"d":"40.0000"},{"v":560,"d":"560.00"},{"v":0,"d":"0.0000"},{"v":0,"d":"0.00"},{"v":0,"d":"0.0000"},{"v":0,"d":"0.00"},{"v":14,"d":"14.00"},{"v":40,"d":"40.0000"},{"v":560,"d":"560.00"}]
["10536","Тарелка мелк.голубка глория/2018","4","шт","Камалов Ильсур Рашитович",{"v":45,"d":"45.00"},{"v":200,"d":"200.0000"},{"v":9000,"d":"9000.00"},{"v":0,"d":"0.0000"},{"v":0,"d":"0.00"},{"v":0,"d":"0.0000"},{"v":0,"d":"0.00"},{"v":45,"d":"45.00"},{"v":200,"d":"200.0000"},{"v":9000,"d":"9000.00"}]
["10536","Тарелка син.горох/2018","4","шт","Камалов Ильсур Рашитович",{"v":48,"d":"48.00"},{"v":300,"d":"300.0000"},{"v":14400,"d":"14400.00"},{"v":0,"d":"0.0000"},{"v":0,"d":"0.00"},{"v":0,"d":"0.0000"},{"v":0,"d":"0.00"},{"v":48,"d":"48.00"},{"v":300,"d":"300.0000"},{"v":14400,"d":"14400.00"}]
["021","Тарелки 1 блюда фаян (д.сад)","4","шт","Мифтахова  Айгуль  Ильгизаровна",{"v":27,"d":"27.00"},{"v":5,"d":"5.0000"},{"v":135,"d":"135.00"},{"v":0,"d":"0.0000"},{"v":0,"d":"0.00"},{"v":0,"d":"0.0000"},{"v":0,"d":"0.00"},{"v":27,"d":"27.00"},{"v":5,"d":"5.0000"},{"v":135,"d":"135.00"}]
["021","Тарелки 2 блюда фаян (д.сад)","4","шт","Мифтахова  Айгуль  Ильгизаровна",{"v":14,"d":"14.00"},{"v":5,"d":"5.0000"},{"v":70,"d":"70.00"},{"v":0,"d":"0.0000"},{"v":0,"d":"0.00"},{"v":0,"d":"0.0000"},{"v":0,"d":"0.00"},{"v":14,"d":"14.00"},{"v":5,"d":"5.0000"},{"v":70,"d":"70.00"}]
["002","Телевизор HUNDAY","4","шт","Камалов Ильсур Рашитович",{"v":7000,"d":"7000.00"},{"v":4,"d":"4.0000"},{"v":28000,"d":"28000.00"},{"v":0,"d":"0.0000"},{"v":0,"d":"0.00"},{"v":0,"d":"0.0000"},{"v":0,"d":"0.00"},{"v":7000,"d":"7000.00"},{"v":4,"d":"4.0000"},{"v":28000,"d":"28000.00"}]
["021","Теллурий (Солнце-Земля_Луна)/2013","4","шт","Камалов Ильсур Рашитович",{"v":5750,"d":"5750.00"},{"v":1,"d":"1.0000"},{"v":5750,"d":"5750.00"},{"v":0,"d":"0.0000"},{"v":0,"d":"0.00"},{"v":0,"d":"0.0000"},{"v":0,"d":"0.00"},{"v":5750,"d":"5750.00"},{"v":1,"d":"1.0000"},{"v":5750,"d":"5750.00"}]
["002","Теплица из профиля 2012г","4","шт","Камалов Ильсур Рашитович",{"v":20000,"d":"20000.00"},{"v":1,"d":"1.0000"},{"v":20000,"d":"20000.00"},{"v":0,"d":"0.0000"},{"v":0,"d":"0.00"},{"v":0,"d":"0.0000"},{"v":0,"d":"0.00"},{"v":20000,"d":"20000.00"},{"v":1,"d":"1.0000"},{"v":20000,"d":"20000.00"}]
["10536","Терка комбинированная (д.сад)","4","шт","Бадретдинова  Ильзира  Габделнуровна",{"v":60,"d":"60.00"},{"v":2,"d":"2.0000"},{"v":120,"d":"120.00"},{"v":0,"d":"0.0000"},{"v":0,"d":"0.00"},{"v":0,"d":"0.0000"},{"v":0,"d":"0.00"},{"v":60,"d":"60.00"},{"v":2,"d":"2.0000"},{"v":120,"d":"120.00"}]
["10536","Термоконтейнер ТМ2-01 (д.сад)","4","шт","Бадретдинова  Ильзира  Габделнуровна",{"v":1700,"d":"1700.00"},{"v":1,"d":"1.0000"},{"v":1700,"d":"1700.00"},{"v":0,"d":"0.0000"},{"v":0,"d":"0.00"},{"v":0,"d":"0.0000"},{"v":0,"d":"0.00"},{"v":1700,"d":"1700.00"},{"v":1,"d":"1.0000"},{"v":1700,"d":"1700.00"}]
["10536","Термомерт медицинский (д.сад)","4","шт","Бадретдинова  Ильзира  Габделнуровна",{"v":35,"d":"35.00"},{"v":12,"d":"12.0000"},{"v":420,"d":"420.00"},{"v":0,"d":"0.0000"},{"v":0,"d":"0.00"},{"v":0,"d":"0.0000"},{"v":0,"d":"0.00"},{"v":35,"d":"35.00"},{"v":12,"d":"12.0000"},{"v":420,"d":"420.00"}]
["10536","Термометр д/воды/2018","4","шт","Камалов Ильсур Рашитович",{"v":25,"d":"25.00"},{"v":5,"d":"5.0000"},{"v":125,"d":"125.00"},{"v":0,"d":"0.0000"},{"v":0,"d":"0.00"},{"v":0,"d":"0.0000"},{"v":0,"d":"0.00"},{"v":25,"d":"25.00"},{"v":5,"d":"5.0000"},{"v":125,"d":"125.00"}]
["10536","термометр лаборот. №25/9б","4","шт","Камалов Ильсур Рашитович",{"v":760,"d":"760.00"},{"v":1,"d":"1.0000"},{"v":760,"d":"760.00"},{"v":0,"d":"0.0000"},{"v":0,"d":"0.00"},{"v":0,"d":"0.0000"},{"v":0,"d":"0.00"},{"v":760,"d":"760.00"},{"v":1,"d":"1.0000"},{"v":760,"d":"760.00"}]
["10536","термос 25л (колба-нерж.)","4","шт","Камалов Ильсур Рашитович",{"v":3996,"d":"3996.00"},{"v":1,"d":"1.0000"},{"v":3996,"d":"3996.00"},{"v":0,"d":"0.0000"},{"v":0,"d":"0.00"},{"v":0,"d":"0.0000"},{"v":0,"d":"0.00"},{"v":3996,"d":"3996.00"},{"v":1,"d":"1.0000"},{"v":3996,"d":"3996.00"}]
["021","Террариум 50л стекл. (д.сад)","4","шт","Мифтахова  Айгуль  Ильгизаровна",{"v":2500,"d":"2500.00"},{"v":1,"d":"1.0000"},{"v":2500,"d":"2500.00"},{"v":0,"d":"0.0000"},{"v":0,"d":"0.00"},{"v":0,"d":"0.0000"},{"v":0,"d":"0.00"},{"v":2500,"d":"2500.00"},{"v":1,"d":"1.0000"},{"v":2500,"d":"2500.00"}]
["10536","Толкушка (д.сад)","4","шт","Бадретдинова  Ильзира  Габделнуровна",{"v":150,"d":"150.00"},{"v":1,"d":"1.0000"},{"v":150,"d":"150.00"},{"v":0,"d":"0.0000"},{"v":0,"d":"0.00"},{"v":0,"d":"0.0000"},{"v":0,"d":"0.00"},{"v":150,"d":"150.00"},{"v":1,"d":"1.0000"},{"v":150,"d":"150.00"}]
["10536","Тонометр механический (д.сад)","4","шт","Бадретдинова  Ильзира  Габделнуровна",{"v":580,"d":"580.00"},{"v":1,"d":"1.0000"},{"v":580,"d":"580.00"},{"v":0,"d":"0.0000"},{"v":0,"d":"0.00"},{"v":0,"d":"0.0000"},{"v":0,"d":"0.00"},{"v":580,"d":"580.00"},{"v":1,"d":"1.0000"},{"v":580,"d":"580.00"}]
["10536","топор мясорубный 3,2кг","2","шт","Камалов Ильсур Рашитович",{"v":640,"d":"640.00"},{"v":1,"d":"1.0000"},{"v":640,"d":"640.00"},{"v":0,"d":"0.0000"},{"v":0,"d":"0.00"},{"v":0,"d":"0.0000"},{"v":0,"d":"0.00"},{"v":640,"d":"640.00"},{"v":1,"d":"1.0000"},{"v":640,"d":"640.00"}]
["002","Трансформатор маслянный","4","шт","Камалов Ильсур Рашитович",{"v":220000,"d":"220000.00"},{"v":2,"d":"2.0000"},{"v":440000,"d":"440000.00"},{"v":0,"d":"0.0000"},{"v":0,"d":"0.00"},{"v":0,"d":"0.0000"},{"v":0,"d":"0.00"},{"v":220000,"d":"220000.00"},{"v":2,"d":"2.0000"},{"v":440000,"d":"440000.00"}]
["002","трансформатор универсальный","4","шт","Камалов Ильсур Рашитович",{"v":10006,"d":"10006.00"},{"v":1,"d":"1.0000"},{"v":10006,"d":"10006.00"},{"v":0,"d":"0.0000"},{"v":0,"d":"0.00"},{"v":0,"d":"0.0000"},{"v":0,"d":"0.00"},{"v":10006,"d":"10006.00"},{"v":1,"d":"1.0000"},{"v":10006,"d":"10006.00"}]
["10536","транформатор тока","4","шт","Камалов Ильсур Рашитович",{"v":500,"d":"500.00"},{"v":6,"d":"6.0000"},3000.01,{"v":0,"d":"0.0000"},{"v":0,"d":"0.00"},{"v":0,"d":"0.0000"},{"v":0,"d":"0.00"},{"v":500,"d":"500.00"},{"v":6,"d":"6.0000"},3000.01]
["021","Трибуна 700*1250*750/2018","4","шт","Камалов Ильсур Рашитович",{"v":7200,"d":"7200.00"},{"v":1,"d":"1.0000"},{"v":7200,"d":"7200.00"},{"v":0,"d":"0.0000"},{"v":0,"d":"0.00"},{"v":0,"d":"0.0000"},{"v":0,"d":"0.00"},{"v":7200,"d":"7200.00"},{"v":1,"d":"1.0000"},{"v":7200,"d":"7200.00"}]
["021","Трибуна напольн./10.2007г","4","шт","Камалов Ильсур Рашитович",{"v":2650,"d":"2650.00"},{"v":1,"d":"1.0000"},{"v":2650,"d":"2650.00"},{"v":0,"d":"0.0000"},{"v":0,"d":"0.00"},{"v":0,"d":"0.0000"},{"v":0,"d":"0.00"},{"v":2650,"d":"2650.00"},{"v":1,"d":"1.0000"},{"v":2650,"d":"2650.00"}]
["021","Трибуна настольн./10.2007г","4","шт","Камалов Ильсур Рашитович",{"v":2150,"d":"2150.00"},{"v":1,"d":"1.0000"},{"v":2150,"d":"2150.00"},{"v":0,"d":"0.0000"},{"v":0,"d":"0.00"},{"v":0,"d":"0.0000"},{"v":0,"d":"0.00"},{"v":2150,"d":"2150.00"},{"v":1,"d":"1.0000"},{"v":2150,"d":"2150.00"}]
["10536","трубка для демонстрации конвекции в жидк","4","шт","Камалов Ильсур Рашитович",{"v":670,"d":"670.00"},{"v":1,"d":"1.0000"},{"v":670,"d":"670.00"},{"v":0,"d":"0.0000"},{"v":0,"d":"0.00"},{"v":0,"d":"0.0000"},{"v":0,"d":"0.00"},{"v":670,"d":"670.00"},{"v":1,"d":"1.0000"},{"v":670,"d":"670.00"}]
["021","Тряпкодержатель металлический (д.сад) ","4","шт","Мифтахова  Айгуль  Ильгизаровна",{"v":100,"d":"100.00"},{"v":3,"d":"3.0000"},{"v":300,"d":"300.00"},{"v":0,"d":"0.0000"},{"v":0,"d":"0.00"},{"v":0,"d":"0.0000"},{"v":0,"d":"0.00"},{"v":100,"d":"100.00"},{"v":3,"d":"3.0000"},{"v":300,"d":"300.00"}]
["10536","ТЭН 2,5 кВт (д.сад)","4","шт","Бадретдинова  Ильзира  Габделнуровна",{"v":1750,"d":"1750.00"},{"v":1,"d":"1.0000"},{"v":1750,"d":"1750.00"},{"v":0,"d":"0.0000"},{"v":0,"d":"0.00"},{"v":0,"d":"0.0000"},{"v":0,"d":"0.00"},{"v":1750,"d":"1750.00"},{"v":1,"d":"1.0000"},{"v":1750,"d":"1750.00"}]
["10536","ТЭН к конфорке КЭТ-0,12 3кВт (д.сад)","4","шт","Бадретдинова  Ильзира  Габделнуровна",{"v":675,"d":"675.00"},{"v":6,"d":"6.0000"},{"v":4050,"d":"4050.00"},{"v":0,"d":"0.0000"},{"v":0,"d":"0.00"},{"v":0,"d":"0.0000"},{"v":0,"d":"0.00"},{"v":675,"d":"675.00"},{"v":6,"d":"6.0000"},{"v":4050,"d":"4050.00"}]
["002","универсальный регулятор","4","шт","Камалов Ильсур Рашитович",{"v":19349,"d":"19349.00"},{"v":2,"d":"2.0000"},{"v":38698,"d":"38698.00"},{"v":0,"d":"0.0000"},{"v":0,"d":"0.00"},{"v":0,"d":"0.0000"},{"v":0,"d":"0.00"},{"v":19349,"d":"19349.00"},{"v":2,"d":"2.0000"},{"v":38698,"d":"38698.00"}]
["021","Унитаз большой (д.сад)","4","шт","Мифтахова  Айгуль  Ильгизаровна",{"v":0,"d":"0.00"},{"v":1,"d":"1.0000"},{"v":0,"d":"0.00"},{"v":0,"d":"0.0000"},{"v":0,"d":"0.00"},{"v":0,"d":"0.0000"},{"v":0,"d":"0.00"},{"v":0,"d":"0.00"},{"v":1,"d":"1.0000"},{"v":0,"d":"0.00"}]
["021","Унитаз детский (д.сад)","4","шт","Мифтахова  Айгуль  Ильгизаровна",{"v":0,"d":"0.00"},{"v":6,"d":"6.0000"},{"v":0,"d":"0.00"},{"v":0,"d":"0.0000"},{"v":0,"d":"0.00"},{"v":0,"d":"0.0000"},{"v":0,"d":"0.00"},{"v":0,"d":"0.00"},{"v":6,"d":"6.0000"},{"v":0,"d":"0.00"}]
["002","уст газрегуляторный","4","шт","Камалов Ильсур Рашитович",{"v":41085,"d":"41085.00"},{"v":1,"d":"1.0000"},{"v":41085,"d":"41085.00"},{"v":0,"d":"0.0000"},{"v":0,"d":"0.00"},{"v":0,"d":"0.0000"},{"v":0,"d":"0.00"},{"v":41085,"d":"41085.00"},{"v":1,"d":"1.0000"},{"v":41085,"d":"41085.00"}]
["002","Уст.газрегуляторный","4","шт","Камалов Ильсур Рашитович",{"v":51390,"d":"51390.00"},{"v":1,"d":"1.0000"},{"v":51390,"d":"51390.00"},{"v":0,"d":"0.0000"},{"v":0,"d":"0.00"},{"v":0,"d":"0.0000"},{"v":0,"d":"0.00"},{"v":51390,"d":"51390.00"},{"v":1,"d":"1.0000"},{"v":51390,"d":"51390.00"}]
["10536","учебно нагл. пособие","4","шт","Камалов Ильсур Рашитович",334.69,{"v":661,"d":"661.0000"},{"v":221231,"d":"221231.00"},{"v":0,"d":"0.0000"},{"v":0,"d":"0.00"},{"v":0,"d":"0.0000"},{"v":0,"d":"0.00"},334.69,{"v":661,"d":"661.0000"},{"v":221231,"d":"221231.00"}]
["021","ферма для фанерного щита","4","шт","Камалов Ильсур Рашитович",{"v":2100,"d":"2100.00"},{"v":2,"d":"2.0000"},{"v":4200,"d":"4200.00"},{"v":0,"d":"0.0000"},{"v":0,"d":"0.00"},{"v":0,"d":"0.0000"},{"v":0,"d":"0.00"},{"v":2100,"d":"2100.00"},{"v":2,"d":"2.0000"},{"v":4200,"d":"4200.00"}]
["10536","фляга38л алюм.","4","шт","Камалов Ильсур Рашитович",{"v":2330,"d":"2330.00"},{"v":1,"d":"1.0000"},{"v":2330,"d":"2330.00"},{"v":0,"d":"0.0000"},{"v":0,"d":"0.00"},{"v":0,"d":"0.0000"},{"v":0,"d":"0.00"},{"v":2330,"d":"2330.00"},{"v":1,"d":"1.0000"},{"v":2330,"d":"2330.00"}]
["10536","Форма баскетб.муж.Б-312/2016","4","компл","Камалов Ильсур Рашитович",{"v":1043,"d":"1043.00"},{"v":8,"d":"8.0000"},{"v":8344,"d":"8344.00"},{"v":0,"d":"0.0000"},{"v":0,"d":"0.00"},{"v":0,"d":"0.0000"},{"v":0,"d":"0.00"},{"v":1043,"d":"1043.00"},{"v":8,"d":"8.0000"},{"v":8344,"d":"8344.00"}]
["10536","Форма волейбольн.женск.МВ-328/2016","4","компл","Камалов Ильсур Рашитович",{"v":1410,"d":"1410.00"},{"v":8,"d":"8.0000"},{"v":11280,"d":"11280.00"},{"v":0,"d":"0.0000"},{"v":0,"d":"0.00"},{"v":0,"d":"0.0000"},{"v":0,"d":"0.00"},{"v":1410,"d":"1410.00"},{"v":8,"d":"8.0000"},{"v":11280,"d":"11280.00"}]
["10535","Форма Футбол мужская Ф-253, ШВ-256","4","компл","Камалов Ильсур Рашитович",{"v":1070,"d":"1070.00"},{"v":12,"d":"12.0000"},{"v":12840,"d":"12840.00"},{"v":0,"d":"0.0000"},{"v":0,"d":"0.00"},{"v":0,"d":"0.0000"},{"v":0,"d":"0.00"},{"v":1070,"d":"1070.00"},{"v":12,"d":"12.0000"},{"v":12840,"d":"12840.00"}]
["10535","Футболка вратарская Ф-20","4","шт","Камалов Ильсур Рашитович",{"v":1320,"d":"1320.00"},{"v":1,"d":"1.0000"},{"v":1320,"d":"1320.00"},{"v":0,"d":"0.0000"},{"v":0,"d":"0.00"},{"v":0,"d":"0.0000"},{"v":0,"d":"0.00"},{"v":1320,"d":"1320.00"},{"v":1,"d":"1.0000"},{"v":1320,"d":"1320.00"}]
["10535","Футболка спортивная мужская Ф-253","4","шт","Камалов Ильсур Рашитович",{"v":840,"d":"840.00"},{"v":1,"d":"1.0000"},{"v":840,"d":"840.00"},{"v":0,"d":"0.0000"},{"v":0,"d":"0.00"},{"v":0,"d":"0.0000"},{"v":0,"d":"0.00"},{"v":840,"d":"840.00"},{"v":1,"d":"1.0000"},{"v":840,"d":"840.00"}]
["10535","Халат рабочий, белый (д.сад)","4","шт","Бадретдинова  Ильзира  Габделнуровна",640.02,{"v":15,"d":"15.0000"},{"v":9600.3,"d":"9600.30"},{"v":0,"d":"0.0000"},{"v":0,"d":"0.00"},{"v":0,"d":"0.0000"},{"v":0,"d":"0.00"},640.02,{"v":15,"d":"15.0000"},{"v":9600.3,"d":"9600.30"}]
["002","хлеборезка","4","шт","Камалов Ильсур Рашитович",{"v":28280,"d":"28280.00"},{"v":1,"d":"1.0000"},{"v":28280,"d":"28280.00"},{"v":0,"d":"0.0000"},{"v":0,"d":"0.00"},{"v":0,"d":"0.0000"},{"v":0,"d":"0.00"},{"v":28280,"d":"28280.00"},{"v":1,"d":"1.0000"},{"v":28280,"d":"28280.00"}]
["10536","Чайник эмал.3,5л/4 (д.сад)","4","шт","Бадретдинова  Ильзира  Габделнуровна",{"v":460,"d":"460.00"},{"v":4,"d":"4.0000"},{"v":1840,"d":"1840.00"},{"v":0,"d":"0.0000"},{"v":0,"d":"0.00"},{"v":0,"d":"0.0000"},{"v":0,"d":"0.00"},{"v":460,"d":"460.00"},{"v":4,"d":"4.0000"},{"v":1840,"d":"1840.00"}]
["10536","Чайник эмаль 2,5/2018","4","шт","Камалов Ильсур Рашитович",{"v":439,"d":"439.00"},{"v":16,"d":"16.0000"},{"v":7024,"d":"7024.00"},{"v":0,"d":"0.0000"},{"v":0,"d":"0.00"},{"v":0,"d":"0.0000"},{"v":0,"d":"0.00"},{"v":439,"d":"439.00"},{"v":16,"d":"16.0000"},{"v":7024,"d":"7024.00"}]
["10536","Чайные ложки/2018","4","шт","Камалов Ильсур Рашитович",{"v":40,"d":"40.00"},{"v":200,"d":"200.0000"},{"v":8000,"d":"8000.00"},{"v":0,"d":"0.0000"},{"v":0,"d":"0.00"},{"v":0,"d":"0.0000"},{"v":0,"d":"0.00"},{"v":40,"d":"40.00"},{"v":200,"d":"200.0000"},{"v":8000,"d":"8000.00"}]
["10536","Часы АЙАНТА","2","шт","Камалов Ильсур Рашитович",208.57,{"v":7,"d":"7.0000"},{"v":1460,"d":"1460.00"},{"v":0,"d":"0.0000"},{"v":0,"d":"0.00"},{"v":0,"d":"0.0000"},{"v":0,"d":"0.00"},208.57,{"v":7,"d":"7.0000"},{"v":1460,"d":"1460.00"}]
["10536","часы настенные","4","шт","Камалов Ильсур Рашитович",{"v":550,"d":"550.00"},{"v":7,"d":"7.0000"},{"v":3850,"d":"3850.00"},{"v":0,"d":"0.0000"},{"v":0,"d":"0.00"},{"v":0,"d":"0.0000"},{"v":0,"d":"0.00"},{"v":550,"d":"550.00"},{"v":7,"d":"7.0000"},{"v":3850,"d":"3850.00"}]
["10536","Черенок д/лопаты/2017","4","шт","Камалов Ильсур Рашитович",{"v":44,"d":"44.00"},{"v":5,"d":"5.0000"},{"v":220,"d":"220.00"},{"v":0,"d":"0.0000"},{"v":0,"d":"0.00"},{"v":0,"d":"0.0000"},{"v":0,"d":"0.00"},{"v":44,"d":"44.00"},{"v":5,"d":"5.0000"},{"v":220,"d":"220.00"}]
["10536","черпак(половн.)2,0лнерж.с черенк.","4","шт","Камалов Ильсур Рашитович",{"v":1585,"d":"1585.00"},{"v":1,"d":"1.0000"},{"v":1585,"d":"1585.00"},{"v":0,"d":"0.0000"},{"v":0,"d":"0.00"},{"v":0,"d":"0.0000"},{"v":0,"d":"0.00"},{"v":1585,"d":"1585.00"},{"v":1,"d":"1.0000"},{"v":1585,"d":"1585.00"}]
["10536","шар Паскаля","4","шт","Камалов Ильсур Рашитович",{"v":977,"d":"977.00"},{"v":1,"d":"1.0000"},{"v":977,"d":"977.00"},{"v":0,"d":"0.0000"},{"v":0,"d":"0.00"},{"v":0,"d":"0.0000"},{"v":0,"d":"0.00"},{"v":977,"d":"977.00"},{"v":1,"d":"1.0000"},{"v":977,"d":"977.00"}]
["10536","шар с краном для взвешивания воздуха","4","шт","Камалов Ильсур Рашитович",{"v":821,"d":"821.00"},{"v":1,"d":"1.0000"},{"v":821,"d":"821.00"},{"v":0,"d":"0.0000"},{"v":0,"d":"0.00"},{"v":0,"d":"0.0000"},{"v":0,"d":"0.00"},{"v":821,"d":"821.00"},{"v":1,"d":"1.0000"},{"v":821,"d":"821.00"}]
["002","шина алюминевая","4","шт","Камалов Ильсур Рашитович",18333.33,{"v":3,"d":"3.0000"},{"v":55000,"d":"55000.00"},{"v":0,"d":"0.0000"},{"v":0,"d":"0.00"},{"v":0,"d":"0.0000"},{"v":0,"d":"0.00"},18333.33,{"v":3,"d":"3.0000"},{"v":55000,"d":"55000.00"}]
["10536","Шина транспортная лестничная для верхних/ нижних конечностей (д.сад)","4","шт","Бадретдинова  Ильзира  Габделнуровна",{"v":150,"d":"150.00"},{"v":2,"d":"2.0000"},{"v":300,"d":"300.00"},{"v":0,"d":"0.0000"},{"v":0,"d":"0.00"},{"v":0,"d":"0.0000"},{"v":0,"d":"0.00"},{"v":150,"d":"150.00"},{"v":2,"d":"2.0000"},{"v":300,"d":"300.00"}]
["021","Ширма медиц.3х створчат./10.2007г","4","шт","Камалов Ильсур Рашитович",{"v":2100,"d":"2100.00"},{"v":1,"d":"1.0000"},{"v":2100,"d":"2100.00"},{"v":0,"d":"0.0000"},{"v":0,"d":"0.00"},{"v":0,"d":"0.0000"},{"v":0,"d":"0.00"},{"v":2100,"d":"2100.00"},{"v":1,"d":"1.0000"},{"v":2100,"d":"2100.00"}]
["021","Ширма медицинская универсальная передвижная (д.сад)","4","шт","Бадретдинова  Ильзира  Габделнуровна",{"v":1400,"d":"1400.00"},{"v":1,"d":"1.0000"},{"v":1400,"d":"1400.00"},{"v":0,"d":"0.0000"},{"v":0,"d":"0.00"},{"v":0,"d":"0.0000"},{"v":0,"d":"0.00"},{"v":1400,"d":"1400.00"},{"v":1,"d":"1.0000"},{"v":1400,"d":"1400.00"}]
["021","Ширма трехсекцион./12.2013г","4","шт","Камалов Ильсур Рашитович",{"v":2817.1,"d":"2817.10"},{"v":1,"d":"1.0000"},{"v":2817.1,"d":"2817.10"},{"v":0,"d":"0.0000"},{"v":0,"d":"0.00"},{"v":0,"d":"0.0000"},{"v":0,"d":"0.00"},{"v":2817.1,"d":"2817.10"},{"v":1,"d":"1.0000"},{"v":2817.1,"d":"2817.10"}]
["021","Шкаф 2х ярустная/10.2007г","4","шт","Камалов Ильсур Рашитович",{"v":3000,"d":"3000.00"},{"v":30,"d":"30.0000"},{"v":90000,"d":"90000.00"},{"v":0,"d":"0.0000"},{"v":0,"d":"0.00"},{"v":0,"d":"0.0000"},{"v":0,"d":"0.00"},{"v":3000,"d":"3000.00"},{"v":30,"d":"30.0000"},{"v":90000,"d":"90000.00"}]
["021","Шкаф д/книг и игрушек/10.2007г","4","шт","Камалов Ильсур Рашитович",{"v":2100,"d":"2100.00"},{"v":4,"d":"4.0000"},{"v":8400,"d":"8400.00"},{"v":0,"d":"0.0000"},{"v":0,"d":"0.00"},{"v":0,"d":"0.0000"},{"v":0,"d":"0.00"},{"v":2100,"d":"2100.00"},{"v":4,"d":"4.0000"},{"v":8400,"d":"8400.00"}]
["021","Шкаф д/одежды/10.2007г","4","шт","Камалов Ильсур Рашитович",{"v":2700,"d":"2700.00"},{"v":9,"d":"9.0000"},{"v":24300,"d":"24300.00"},{"v":0,"d":"0.0000"},{"v":0,"d":"0.00"},{"v":0,"d":"0.0000"},{"v":0,"d":"0.00"},{"v":2700,"d":"2700.00"},{"v":9,"d":"9.0000"},{"v":24300,"d":"24300.00"}]
["026","Шкаф д/одежды/10.2007г","4","шт",null,{"v":2700,"d":"2700.00"},{"v":2,"d":"2.0000"},{"v":5400,"d":"5400.00"},{"v":0,"d":"0.0000"},{"v":0,"d":"0.00"},{"v":0,"d":"0.0000"},{"v":0,"d":"0.00"},{"v":2700,"d":"2700.00"},{"v":2,"d":"2.0000"},{"v":5400,"d":"5400.00"}]
["021","Шкаф д/уч.нагл.пособий/10.2007г","4","шт","Камалов Ильсур Рашитович",{"v":2868,"d":"2868.00"},{"v":66,"d":"66.0000"},{"v":189288,"d":"189288.00"},{"v":0,"d":"0.0000"},{"v":0,"d":"0.00"},{"v":0,"d":"0.0000"},{"v":0,"d":"0.00"},{"v":2868,"d":"2868.00"},{"v":66,"d":"66.0000"},{"v":189288,"d":"189288.00"}]
["021","Шкаф д/хлеба/10.2007г","4","шт","Камалов Ильсур Рашитович",{"v":3000,"d":"3000.00"},{"v":1,"d":"1.0000"},{"v":3000,"d":"3000.00"},{"v":0,"d":"0.0000"},{"v":0,"d":"0.00"},{"v":0,"d":"0.0000"},{"v":0,"d":"0.00"},{"v":3000,"d":"3000.00"},{"v":1,"d":"1.0000"},{"v":3000,"d":"3000.00"}]
["021","Шкаф для одежды (шкаф пенал) 800*500*1846 (д.сад)","4","шт","Мифтахова  Айгуль  Ильгизаровна",{"v":3000,"d":"3000.00"},{"v":3,"d":"3.0000"},{"v":9000,"d":"9000.00"},{"v":0,"d":"0.0000"},{"v":0,"d":"0.00"},{"v":0,"d":"0.0000"},{"v":0,"d":"0.00"},{"v":3000,"d":"3000.00"},{"v":3,"d":"3.0000"},{"v":9000,"d":"9000.00"}]
["026","шкаф книжный","4","шт",null,{"v":3200,"d":"3200.00"},{"v":3,"d":"3.0000"},{"v":9600,"d":"9600.00"},{"v":0,"d":"0.0000"},{"v":0,"d":"0.00"},{"v":0,"d":"0.0000"},{"v":0,"d":"0.00"},{"v":3200,"d":"3200.00"},{"v":3,"d":"3.0000"},{"v":9600,"d":"9600.00"}]
["021","Шкаф медиц./10.2007г","4","шт","Камалов Ильсур Рашитович",{"v":2150,"d":"2150.00"},{"v":2,"d":"2.0000"},{"v":4300,"d":"4300.00"},{"v":0,"d":"0.0000"},{"v":0,"d":"0.00"},{"v":0,"d":"0.0000"},{"v":0,"d":"0.00"},{"v":2150,"d":"2150.00"},{"v":2,"d":"2.0000"},{"v":4300,"d":"4300.00"}]
["021","Шкаф навесной закрытый (д.сад)","4","шт","Мифтахова  Айгуль  Ильгизаровна",2112.01,{"v":2,"d":"2.0000"},4224.02,{"v":0,"d":"0.0000"},{"v":0,"d":"0.00"},{"v":0,"d":"0.0000"},{"v":0,"d":"0.00"},2112.01,{"v":2,"d":"2.0000"},4224.02]
["10536","Шланг пвх армир.ф20 25м (д.сад)","4","шт","Бадретдинова  Ильзира  Габделнуровна",{"v":580,"d":"580.00"},{"v":1,"d":"1.0000"},{"v":580,"d":"580.00"},{"v":0,"d":"0.0000"},{"v":0,"d":"0.00"},{"v":0,"d":"0.0000"},{"v":0,"d":"0.00"},{"v":580,"d":"580.00"},{"v":1,"d":"1.0000"},{"v":580,"d":"580.00"}]
["10536","Шпатель металлический (д.сад)","4","шт","Бадретдинова  Ильзира  Габделнуровна",{"v":50,"d":"50.00"},{"v":40,"d":"40.0000"},{"v":2000,"d":"2000.00"},{"v":0,"d":"0.0000"},{"v":0,"d":"0.00"},{"v":0,"d":"0.0000"},{"v":0,"d":"0.00"},{"v":50,"d":"50.00"},{"v":40,"d":"40.0000"},{"v":2000,"d":"2000.00"}]
["10536","Штамп,печать","4","компл","Мухаметова Альбина Миннемуловна",{"v":5300,"d":"5300.00"},{"v":1,"d":"1.0000"},{"v":5300,"d":"5300.00"},{"v":0,"d":"0.0000"},{"v":0,"d":"0.00"},{"v":0,"d":"0.0000"},{"v":0,"d":"0.00"},{"v":5300,"d":"5300.00"},{"v":1,"d":"1.0000"},{"v":5300,"d":"5300.00"}]
["10536","штангенциркуль","4","шт","Камалов Ильсур Рашитович",{"v":265,"d":"265.00"},{"v":3,"d":"3.0000"},{"v":795,"d":"795.00"},{"v":0,"d":"0.0000"},{"v":0,"d":"0.00"},{"v":0,"d":"0.0000"},{"v":0,"d":"0.00"},{"v":265,"d":"265.00"},{"v":3,"d":"3.0000"},{"v":795,"d":"795.00"}]
["021","ШТОРЫ","4","компл","Камалов Ильсур Рашитович",{"v":2206.5,"d":"2206.50"},{"v":2,"d":"2.0000"},{"v":4413,"d":"4413.00"},{"v":0,"d":"0.0000"},{"v":0,"d":"0.00"},{"v":0,"d":"0.0000"},{"v":0,"d":"0.00"},{"v":2206.5,"d":"2206.50"},{"v":2,"d":"2.0000"},{"v":4413,"d":"4413.00"}]
["021","Шторы д/актового зала/2018","4","компл","Камалов Ильсур Рашитович",{"v":89680,"d":"89680.00"},{"v":1,"d":"1.0000"},{"v":89680,"d":"89680.00"},{"v":0,"d":"0.0000"},{"v":0,"d":"0.00"},{"v":0,"d":"0.0000"},{"v":0,"d":"0.00"},{"v":89680,"d":"89680.00"},{"v":1,"d":"1.0000"},{"v":89680,"d":"89680.00"}]
["021","Шторы д/кухни/04.2008г","4","шт","Камалов Ильсур Рашитович",{"v":1820,"d":"1820.00"},{"v":4,"d":"4.0000"},{"v":7280,"d":"7280.00"},{"v":0,"d":"0.0000"},{"v":0,"d":"0.00"},{"v":0,"d":"0.0000"},{"v":0,"d":"0.00"},{"v":1820,"d":"1820.00"},{"v":4,"d":"4.0000"},{"v":7280,"d":"7280.00"}]
["021","Шторы д/мед.пункта/04.2008г","4","шт","Камалов Ильсур Рашитович",{"v":1380,"d":"1380.00"},{"v":4,"d":"4.0000"},{"v":5520,"d":"5520.00"},{"v":0,"d":"0.0000"},{"v":0,"d":"0.00"},{"v":0,"d":"0.0000"},{"v":0,"d":"0.00"},{"v":1380,"d":"1380.00"},{"v":4,"d":"4.0000"},{"v":5520,"d":"5520.00"}]
["021","Шторы д/столовой/04.2008г","4","шт","Камалов Ильсур Рашитович",1646.15,{"v":13,"d":"13.0000"},{"v":21400,"d":"21400.00"},{"v":0,"d":"0.0000"},{"v":0,"d":"0.00"},{"v":0,"d":"0.0000"},{"v":0,"d":"0.00"},1646.15,{"v":13,"d":"13.0000"},{"v":21400,"d":"21400.00"}]
["021","Шторы д/уч.кабинетов/04.2008г","4","шт","Камалов Ильсур Рашитович",2058.82,{"v":34,"d":"34.0000"},{"v":70000,"d":"70000.00"},{"v":0,"d":"0.0000"},{"v":0,"d":"0.00"},{"v":0,"d":"0.0000"},{"v":0,"d":"0.00"},2058.82,{"v":34,"d":"34.0000"},{"v":70000,"d":"70000.00"}]
["021","Шторы д/холл 2эт./04.2008г","4","шт","Камалов Ильсур Рашитович",{"v":1268.9,"d":"1268.90"},{"v":12,"d":"12.0000"},{"v":15226.8,"d":"15226.80"},{"v":0,"d":"0.0000"},{"v":0,"d":"0.00"},{"v":0,"d":"0.0000"},{"v":0,"d":"0.00"},{"v":1268.9,"d":"1268.90"},{"v":12,"d":"12.0000"},{"v":15226.8,"d":"15226.80"}]
["021","Шторы д/холл учительск./04.2008г","4","шт","Камалов Ильсур Рашитович",{"v":1263.5,"d":"1263.50"},{"v":2,"d":"2.0000"},{"v":2527,"d":"2527.00"},{"v":0,"d":"0.0000"},{"v":0,"d":"0.00"},{"v":0,"d":"0.0000"},{"v":0,"d":"0.00"},{"v":1263.5,"d":"1263.50"},{"v":2,"d":"2.0000"},{"v":2527,"d":"2527.00"}]
["10536","шторы для актового зала","4","шт","Камалов Ильсур Рашитович",{"v":89280,"d":"89280.00"},{"v":1,"d":"1.0000"},{"v":89280,"d":"89280.00"},{"v":0,"d":"0.0000"},{"v":0,"d":"0.00"},{"v":0,"d":"0.0000"},{"v":0,"d":"0.00"},{"v":89280,"d":"89280.00"},{"v":1,"d":"1.0000"},{"v":89280,"d":"89280.00"}]
["10536","шторы для лестничного окна","4","шт","Камалов Ильсур Рашитович",{"v":720,"d":"720.00"},{"v":1,"d":"1.0000"},{"v":720,"d":"720.00"},{"v":0,"d":"0.0000"},{"v":0,"d":"0.00"},{"v":0,"d":"0.0000"},{"v":0,"d":"0.00"},{"v":720,"d":"720.00"},{"v":1,"d":"1.0000"},{"v":720,"d":"720.00"}]
["10536","шторы для нач. классов","4","шт","Камалов Ильсур Рашитович",705.14,{"v":35,"d":"35.0000"},{"v":24680,"d":"24680.00"},{"v":0,"d":"0.0000"},{"v":0,"d":"0.00"},{"v":0,"d":"0.0000"},{"v":0,"d":"0.00"},705.14,{"v":35,"d":"35.0000"},{"v":24680,"d":"24680.00"}]
["10536","шторы для холл 3 этаж","4","шт","Камалов Ильсур Рашитович",657.23,{"v":13,"d":"13.0000"},{"v":8544,"d":"8544.00"},{"v":0,"d":"0.0000"},{"v":0,"d":"0.00"},{"v":0,"d":"0.0000"},{"v":0,"d":"0.00"},657.23,{"v":13,"d":"13.0000"},{"v":8544,"d":"8544.00"}]
["10536","шуруповерт","4","шт","Камалов Ильсур Рашитович",{"v":2160,"d":"2160.00"},{"v":1,"d":"1.0000"},{"v":2160,"d":"2160.00"},{"v":0,"d":"0.0000"},{"v":0,"d":"0.00"},{"v":0,"d":"0.0000"},{"v":0,"d":"0.00"},{"v":2160,"d":"2160.00"},{"v":1,"d":"1.0000"},{"v":2160,"d":"2160.00"}]
["10536","щипцы-вилка с-312","4","шт","Камалов Ильсур Рашитович",{"v":100,"d":"100.00"},{"v":1,"d":"1.0000"},{"v":100,"d":"100.00"},{"v":0,"d":"0.0000"},{"v":0,"d":"0.00"},{"v":0,"d":"0.0000"},{"v":0,"d":"0.00"},{"v":100,"d":"100.00"},{"v":1,"d":"1.0000"},{"v":100,"d":"100.00"}]
["10536","щипцы-лопатка С-313 нерж.210мм","4","шт","Камалов Ильсур Рашитович",{"v":80,"d":"80.00"},{"v":2,"d":"2.0000"},{"v":160,"d":"160.00"},{"v":0,"d":"0.0000"},{"v":0,"d":"0.00"},{"v":0,"d":"0.0000"},{"v":0,"d":"0.00"},{"v":80,"d":"80.00"},{"v":2,"d":"2.0000"},{"v":160,"d":"160.00"}]
["021","Щит распред./12.2008г","4","шт","Камалов Ильсур Рашитович",{"v":1800,"d":"1800.00"},{"v":5,"d":"5.0000"},9000.02,{"v":0,"d":"0.0000"},{"v":0,"d":"0.00"},{"v":0,"d":"0.0000"},{"v":0,"d":"0.00"},{"v":1800,"d":"1800.00"},{"v":5,"d":"5.0000"},9000.02]
["021","щит фанерный игровой с кольцом и сеткой","4","шт","Камалов Ильсур Рашитович",{"v":2800,"d":"2800.00"},{"v":2,"d":"2.0000"},{"v":5600,"d":"5600.00"},{"v":0,"d":"0.0000"},{"v":0,"d":"0.00"},{"v":0,"d":"0.0000"},{"v":0,"d":"0.00"},{"v":2800,"d":"2800.00"},{"v":2,"d":"2.0000"},{"v":5600,"d":"5600.00"}]
["021","Экран(мультимед.)/11.2007г","4","шт","Камалов Ильсур Рашитович",{"v":1908,"d":"1908.00"},{"v":1,"d":"1.0000"},{"v":1908,"d":"1908.00"},{"v":0,"d":"0.0000"},{"v":0,"d":"0.00"},{"v":0,"d":"0.0000"},{"v":0,"d":"0.00"},{"v":1908,"d":"1908.00"},{"v":1,"d":"1.0000"},{"v":1908,"d":"1908.00"}]
["021","Эл.сушитель д/рук/10.2007г","4","шт","Камалов Ильсур Рашитович",{"v":1010,"d":"1010.00"},{"v":12,"d":"12.0000"},{"v":12120,"d":"12120.00"},{"v":0,"d":"0.0000"},{"v":0,"d":"0.00"},{"v":0,"d":"0.0000"},{"v":0,"d":"0.00"},{"v":1010,"d":"1010.00"},{"v":12,"d":"12.0000"},{"v":12120,"d":"12120.00"}]
["021","Электронные весы ВР-05 МС-3/0 (д.сад)","4","шт","Мифтахова  Айгуль  Ильгизаровна",{"v":1500,"d":"1500.00"},{"v":1,"d":"1.0000"},{"v":1500,"d":"1500.00"},{"v":0,"d":"0.0000"},{"v":0,"d":"0.00"},{"v":0,"d":"0.0000"},{"v":0,"d":"0.00"},{"v":1500,"d":"1500.00"},{"v":1,"d":"1.0000"},{"v":1500,"d":"1500.00"}]
["002","Электронный носитель с пакетом устан.файлов,необходимых","4","шт","Камалов Ильсур Рашитович",138194.44,{"v":1,"d":"1.0000"},138194.44,{"v":0,"d":"0.0000"},{"v":0,"d":"0.00"},{"v":0,"d":"0.0000"},{"v":0,"d":"0.00"},138194.44,{"v":1,"d":"1.0000"},138194.44]
["021","Электроточило наждачное/10.2007г","4","шт","Камалов Ильсур Рашитович",{"v":2680,"d":"2680.00"},{"v":1,"d":"1.0000"},{"v":2680,"d":"2680.00"},{"v":0,"d":"0.0000"},{"v":0,"d":"0.00"},{"v":0,"d":"0.0000"},{"v":0,"d":"0.00"},{"v":2680,"d":"2680.00"},{"v":1,"d":"1.0000"},{"v":2680,"d":"2680.00"}]
["021","Эмалирован. дуршлаг 1л (д.сад)","4","шт","Мифтахова  Айгуль  Ильгизаровна",{"v":0,"d":"0.00"},{"v":2,"d":"2.0000"},{"v":0,"d":"0.00"},{"v":0,"d":"0.0000"},{"v":0,"d":"0.00"},{"v":0,"d":"0.0000"},{"v":0,"d":"0.00"},{"v":0,"d":"0.00"},{"v":2,"d":"2.0000"},{"v":0,"d":"0.00"}]
["021","Эмалирован.ковш 1л (д.сад)","4","шт","Мифтахова  Айгуль  Ильгизаровна",{"v":0,"d":"0.00"},{"v":2,"d":"2.0000"},{"v":0,"d":"0.00"},{"v":0,"d":"0.0000"},{"v":0,"d":"0.00"},{"v":0,"d":"0.0000"},{"v":0,"d":"0.00"},{"v":0,"d":"0.00"},{"v":2,"d":"2.0000"},{"v":0,"d":"0.00"}]
["021","Эмалированный чайник 3л (д.сад)","4","шт","Мифтахова  Айгуль  Ильгизаровна",{"v":0,"d":"0.00"},{"v":1,"d":"1.0000"},{"v":0,"d":"0.00"},{"v":0,"d":"0.0000"},{"v":0,"d":"0.00"},{"v":0,"d":"0.0000"},{"v":0,"d":"0.00"},{"v":0,"d":"0.00"},{"v":1,"d":"1.0000"},{"v":0,"d":"0.00"}]
["002","ящик управления","4","шт","Камалов Ильсур Рашитович",{"v":7000,"d":"7000.00"},{"v":1,"d":"1.0000"},{"v":7000,"d":"7000.00"},{"v":0,"d":"0.0000"},{"v":0,"d":"0.00"},{"v":0,"d":"0.0000"},{"v":0,"d":"0.00"},{"v":7000,"d":"7000.00"},{"v":1,"d":"1.0000"},{"v":7000,"d":"7000.00"}]
[{"$nulls":6},{"v":8202.26,"d":"8202.2600"},7591692.22,{"v":0,"d":"0.0000"},{"v":0,"d":"0.00"},{"v":0,"d":"0.0000"},{"v":0,"d":"0.00"},null,{"v":8202.26,"d":"8202.2600"},7591692.22]